{"text_format":"3","workbook":"xls","n_sheets":11,"sheets":["A.3 招标总价封面(160号)","B.3 招标总价扉页(160号)","D 1 建设项目工程造价汇总表(一般计税法)(160号)","D.3 单位工程费用计算表(含优惠)(160号YT)","E.1 单位工程工程量与造价表(含定额)(160号YT)","E.3 分部分项清单项目直接费用预算表(160号YT)","E.4 分部分项清单项目人材机用量与单价表(160号YT)","E.5 分部分项清单项目费用计算表(160号YT)","E.7 总价措施项目清单计费表(160号YT)","E.7 总价措施项目清单计费表(安装专用)(160号YT)","J.2 人工、主要材料(工程设备)、机械用量汇总与单价表(16"],"read":"whole","date_system":"1900","formulas":"cached_only"}

{"sheet":"A.3 招标总价封面(160号)","index":0,"n_rows":9,"n_cols":7,"rows_kept":9,"merged":[[1,0,1,6],[2,2,2,4],[3,0,3,6],[4,3,4,4],[5,3,5,4],[6,3,6,4],[7,3,7,4]],"flags":["formulas_cached_only"]}
["","","","","","",""]
["A.3 招标总价封面","","","","","",""]
["","","新园路青园柒祥小学路段交通安全隐患","","","工程",""]
["招  标  总  价","","","","","",""]
["","","投  标  人:","","","",""]
["","","","(单位盖章)","","",""]
["","","","","","",""]
["","","时     间:","2022-08-16","","",""]
["","","","","","",""]

{"sheet":"B.3 招标总价扉页(160号)","index":1,"n_rows":19,"n_cols":5,"rows_kept":19,"merged":[[1,0,1,4],[3,0,3,4],[4,2,4,3],[6,2,6,3],[8,1,8,2],[9,1,9,2],[11,2,11,3],[12,2,12,3],[13,2,13,3],[14,2,14,3],[15,2,15,3],[16,2,16,3],[17,2,17,3]],"flags":["formulas_cached_only"]}
["","","","",""]
["B.3 投标总价扉页","","","",""]
["","","","",""]
["招 标 总 价","","","",""]
["","招 标 人:","","",""]
["","","","",""]
["","工程名称:","新园路青园柒祥小学路段交通安全隐患工程","",""]
["","","","",""]
["","投标总价(小写):","",137556.19,""]
["","(大写):","","壹拾叁万柒仟伍佰伍拾陆元壹角玖分",""]
["","","","",""]
["","投  标  人:","","",""]
["","","(单位盖章)","",""]
["","法定代表人\r\n或其授权人:","","",""]
["","","(签字或者盖章)","",""]
["","编  制  人:","","",""]
["","","(造价人员签字盖专用章)","",""]
["","时      间:","2022-08-16","",""]
["","","","",""]

{"sheet":"D 1 建设项目工程造价汇总表(一般计税法)(160号)","index":2,"n_rows":15,"n_cols":13,"rows_kept":15,"merged":[[1,0,1,12],[2,0,2,6],[2,11,2,12],[3,0,4,0],[3,1,4,1],[3,2,4,2],[3,3,4,3],[3,4,3,9],[3,10,4,10],[3,11,4,11],[3,12,4,12],[7,0,7,1],[8,0,8,1],[9,0,9,1],[11,7,11,9],[11,10,11,12],[12,7,12,9],[12,10,12,12],[13,7,13,9],[13,10,13,12],[14,7,14,9],[14,10,14,12]],"flags":["formulas_cached_only"]}
["","","","","","","","","","","","",""]
["D.1 建设项目(单项工程)工程造价汇总表(招标控制价)\n(一般计税法)","","","","","","","","","","","",""]
["工程名称:新园路青园柒祥小学路段交通安全隐患工程  标段:","","","","","","","","","","","第1页  共1页",""]
["序号","单 项 工 程 名 称\n\n(单位工程名称)","建安工程造价\n(元)","直接费用(元)(包括分部分项工程费和能计量的措施项目费)","费用和利润(元)","","","","","","销项税额\n(元)","附加税费\n(元)","其他项目费\n(元)"]
["","","","","管理费","利润","总价措施项目费","其中:安全文明施工费","规费","其中:社会保险费","","",""]
["1.1","市政道路、桥涵、隧道、防洪堤",137556.19,137213.12,54.93,59.89,29.15,27.55,73.22,29.28,121.47,4.41,{"v":0,"d":"0.00"}]
["1.1.1","    交通设施",137556.19,137213.12,54.93,59.89,29.15,27.55,73.22,29.28,121.47,4.41,{"v":0,"d":"0.00"}]
["累计","",{"v":0,"d":"0.00"},{"v":0,"d":"0.00"},{"v":0,"d":"0.00"},{"v":0,"d":"0.00"},{"v":0,"d":"0.00"},{"v":0,"d":"0.00"},{"v":0,"d":"0.00"},{"v":0,"d":"0.00"},{"v":0,"d":"0.00"},{"v":0,"d":"0.00"},{"v":0,"d":"0.00"}]
["本  页  合  计","",137556.19,137213.12,54.93,59.89,29.15,27.55,73.22,29.28,121.47,4.41,{"v":0,"d":"0.00"}]
["累计","",137556.19,137213.12,54.93,59.89,29.15,27.55,73.22,29.28,121.47,4.41,{"v":0,"d":"0.00"}]
["","","","","","","","","","","","",""]
["","","",{"v":0,"d":"0.00"},{"v":0,"d":"0.00"},{"v":0,"d":"0.00"},"","投标人:","","","(盖章)","",""]
["","",{"v":0,"d":"0.00"},"","","","","法定代表人或委托代理人:","","","(签章或盖章)","",""]
["","","","","","","","注册造价工程师:","","","(签字并盖造价工程师执业专业章)","",""]
["","","","","","","","编制时间:","","","2020-08-31","",""]

{"sheet":"D.3 单位工程费用计算表(含优惠)(160号YT)","index":3,"n_rows":34,"n_cols":6,"rows_kept":34,"merged":[[1,0,1,5],[2,0,2,3],[2,4,2,5],[26,0,26,1],[28,0,28,5],[29,2,29,3],[29,4,29,5],[30,2,30,3],[30,4,30,5],[31,2,31,3],[31,4,31,5],[32,2,32,3],[32,4,32,5]],"flags":["formulas_cached_only"]}
["","","","","",""]
["D.3 单位工程费用计算表(招标控制价)\n (一般计税法)","","","","",""]
["工程名称:新园路青园柒祥小学路段交通安全隐患工程 标段:  单位工程名称:交通设施","","","","第1页  共1页",""]
["序号","工程内容","计费基础说明","费率(%)","金额(元)","备注"]
["1","直接费用","1.1+1.2+1.3",{"v":0,"d":"0.00"},137213.12,{"v":0,"d":"0.00"}]
["1.1","人工费","",{"v":0,"d":"0.00"},397.29,{"v":0,"d":"0.00"}]
["1.1.1","其中:取费人工费","",{"v":0,"d":"0.00"},{"v":216.7,"d":"216.70"},{"v":0,"d":"0.00"}]
["1.2","材料费","",{"v":0,"d":"0.00"},136770.07,{"v":0,"d":"0.00"}]
["1.3","机械费","",{"v":0,"d":"0.00"},45.76,{"v":0,"d":"0.00"}]
["1.3.1","其中:取费机械费","",{"v":0,"d":"0.00"},37.71,{"v":0,"d":"0.00"}]
["2","费用和利润","2.1+2.2+2.3+2.4",{"v":0,"d":"0.00"},217.19,{"v":0,"d":"0.00"}]
["2.1","管理费","1.1.1+1.3.1",21.59,54.93,{"v":0,"d":"0.00"}]
["2.2","利润","1.1.1+1.3.1",23.54,59.89,{"v":0,"d":"0.00"}]
["2.3","总价措施项目费","",{"v":0,"d":"0.00"},29.15,{"v":0,"d":"0.00"}]
["2.3.1","其中:安全文明施工费","",10.83,27.55,{"v":0,"d":"0.00"}]
["2.4","规费","2.4.1+2.4.2+2.4.3+2.4.4+2.4.5",{"v":0,"d":"0.00"},73.22,{"v":0,"d":"0.00"}]
["2.4.1","工程排污费","1+2.1+2.2+2.3",{"v":0.4,"d":"0.40"},4.13,{"v":0,"d":"0.00"}]
["2.4.2","职工教育经费和工会经费","1.1",{"v":3.5,"d":"3.50"},13.91,{"v":0,"d":"0.00"}]
["2.4.3","住房公积金","1.1",{"v":6,"d":"6.00"},23.84,{"v":0,"d":"0.00"}]
["2.4.4","安全生产责任险","1+2.1+2.2+2.3",{"v":0.2,"d":"0.20"},2.06,{"v":0,"d":"0.00"}]
["2.4.5","社会保险费","1+2.1+2.2+2.3",2.84,29.28,{"v":0,"d":"0.00"}]
["3","建安费用","1+2",{"v":0,"d":"0.00"},137430.31,{"v":0,"d":"0.00"}]
["4","销项税额","3*税率",{"v":11,"d":"11.00"},121.47,{"v":0,"d":"0.00"}]
["5","附加税费","(3+4)*费率",0.36,4.41,{"v":0,"d":"0.00"}]
["6","其他项目费","",{"v":0,"d":"0.00"},{"v":0,"d":"0.00"},{"v":0,"d":"0.00"}]
["7","优惠","单价优惠（直接费用+管理费+利润）",{"v":0,"d":"0.00"},{"v":0,"d":"0.00"},{"v":0,"d":"0.00"}]
["建安工程造价","","3+4+5+6-7","",137556.19,""]
["","","","","",""]
["注：1.采用一般计税法时，材料、机械台班单价均执行除税单价.\n2.建安费用=直接费用+费用和利润.\n3.按附录F其他项目计价表列项计算汇总本项(详F.1)>其中,材料(工程设备)暂估价进入直接费用与综合单价,此处不重复汇总.\n4. 社会保险费包括养老保险费、失业保险费、医疗保险费、生育保险费和工伤保险费.","","","","",""]
["","","投标人:","","(盖章)",""]
["","","法定代表人或委托代理人:","","(签章或盖章)",""]
["","","注册造价工程师:","","(签字并盖造价工程师执业专业章)",""]
["","","编制时间:",{"v":0,"d":"0.00"},{"v":0,"d":"0.00"},{"v":0,"d":"0.00"}]
["","",{"v":0,"d":"0.00"},"","",""]

{"sheet":"E.1 单位工程工程量与造价表(含定额)(160号YT)","index":4,"n_rows":159,"n_cols":15,"rows_kept":159,"merged":[[0,0,0,10],[1,0,1,6],[1,8,1,10],[2,0,4,0],[2,1,4,1],[2,2,4,2],[2,3,4,3],[2,4,4,4],[2,5,4,5],[2,6,2,10],[3,6,4,6],[3,7,4,7],[3,8,3,10],[10,0,10,6],[11,0,11,6],[12,0,12,6],[14,1,14,2],[14,7,14,8],[14,9,14,10],[15,1,15,2],[15,7,15,8],[15,9,15,10],[16,1,16,2],[16,7,16,8],[16,9,16,10],[17,1,17,2],[17,7,17,8],[17,9,17,10],[18,0,18,10],[19,0,19,6],[19,8,19,10],[20,0,22,0],[20,1,22,1],[20,2,22,2],[20,3,22,3],[20,4,22,4],[20,5,22,5],[20,6,20,10],[21,6,22,6],[21,7,22,7],[21,8,21,10],[27,0,27,6],[28,0,28,6],[29,0,29,6],[31,1,31,2],[31,7,31,8],[31,9,31,10],[32,1,32,2],[32,7,32,8],[32,9,32,10],[33,1,33,2],[33,7,33,8],[33,9,33,10],[34,1,34,2],[34,7,34,8],[34,9,34,10],[35,0,35,10],[36,0,36,6],[36,8,36,10],[37,0,39,0],[37,1,39,1],[37,2,39,2],[37,3,39,3],[37,4,39,4],[37,5,39,5],[37,6,37,10],[38,6,39,6],[38,7,39,7],[38,8,38,10],[47,0,47,6],[48,0,48,6],[49,0,49,6],[51,1,51,2],[51,7,51,8],[51,9,51,10],[52,1,52,2],[52,7,52,8],[52,9,52,10],[53,1,53,2],[53,7,53,8],[53,9,53,10],[54,1,54,2],[54,7,54,8],[54,9,54,10],[55,0,55,10],[56,0,56,6],[56,8,56,10],[57,0,59,0],[57,1,59,1],[57,2,59,2],[57,3,59,3],[57,4,59,4],[57,5,59,5],[57,6,57,10],[58,6,59,6],[58,7,59,7],[58,8,58,10],[67,0,67,6],[68,0,68,6],[69,0,69,6],[71,1,71,2],[71,7,71,8],[71,9,71,10],[72,1,72,2],[72,7,72,8],[72,9,72,10],[73,1,73,2],[73,7,73,8],[73,9,73,10],[74,1,74,2],[74,7,74,8],[74,9,74,10],[75,0,75,10],[76,0,76,6],[76,8,76,10],[77,0,79,0],[77,1,79,1],[77,2,79,2],[77,3,79,3],[77,4,79,4],[77,5,79,5],[77,6,77,10],[78,6,79,6],[78,7,79,7],[78,8,78,10],[87,0,87,6],[88,0,88,6],[89,0,89,6],[91,1,91,2],[91,7,91,8],[91,9,91,10],[92,1,92,2],[92,7,92,8],[92,9,92,10],[93,1,93,2],[93,7,93,8],[93,9,93,10],[94,1,94,2],[94,7,94,8],[94,9,94,10],[95,0,95,10],[96,0,96,6],[96,8,96,10],[97,0,99,0],[97,1,99,1],[97,2,99,2],[97,3,99,3],[97,4,99,4],[97,5,99,5],[97,6,97,10],[98,6,99,6],[98,7,99,7],[98,8,98,10],[108,0,108,6],[109,0,109,6],[110,0,110,6],[112,1,112,2],[112,7,112,8],[112,9,112,10],[113,1,113,2],[113,7,113,8],[113,9,113,10],[114,1,114,2],[114,7,114,8],[114,9,114,10],[115,1,115,2],[115,7,115,8],[115,9,115,10],[116,0,116,10],[117,0,117,6],[117,8,117,10],[118,0,120,0],[118,1,120,1],[118,2,120,2],[118,3,120,3],[118,4,120,4],[118,5,120,5],[118,6,118,10],[119,6,120,6],[119,7,120,7],[119,8,119,10],[129,0,129,6],[130,0,130,6],[131,0,131,6],[133,1,133,2],[133,7,133,8],[133,9,133,10],[134,1,134,2],[134,7,134,8],[134,9,134,10],[135,1,135,2],[135,7,135,8],[135,9,135,10],[136,1,136,2],[136,7,136,8],[136,9,136,10],[137,0,137,10],[138,0,138,6],[138,8,138,10],[139,0,141,0],[139,1,141,1],[139,2,141,2],[139,3,141,3],[139,4,141,4],[139,5,141,5],[139,6,139,10],[140,6,141,6],[140,7,141,7],[140,8,140,10],[150,0,150,6],[151,0,151,6],[152,0,152,6],[153,0,153,6],[155,1,155,2],[155,7,155,8],[155,9,155,10],[156,1,156,2],[156,7,156,8],[156,9,156,10],[157,1,157,2],[157,7,157,8],[157,9,157,10],[158,1,158,2],[158,7,158,8],[158,9,158,10]],"flags":["formulas_cached_only"]}
["E.1 单位工程工程量清单与造价表(招标控制价)\n(一般计税法)","","","","","","","","","","","","","",""]
["工程名称:交通设施  标段:","","","","","","","","第1页  共8页","","","","","",""]
["序号","项目编码","项目名称","项目特征描述","计量\r\n单位","工程量","金额(元)","","","","","","","",""]
["","","","","","","综合\r\n单价","合价","其中","","","","","",""]
["","","","","","","","","建安费用","销项税额","附加税费","","","",{"v":0,"d":"0.00"}]
["","A","标志牌及标线","","",{"v":0,"d":"0.00"},{"v":0,"d":"0.00"},{"v":136326,"d":"136326.00"},{"v":136326,"d":"136326.00"},{"v":0,"d":"0.00"},{"v":0,"d":"0.00"},{"v":0,"d":"0.00"},{"v":0,"d":"0.00"},{"v":0,"d":"0.00"},{"v":0,"d":"0.00"}]
["1","040205006003","高压水洗挫除标线","1.路面及人行横道标线热熔型标线；\r\n2.反光环保材料，线厚1.5mm；\r\n3.品牌质量达到交警支队验收标准；\r\n4.全费用包干价。","m2",{"v":75.2,"d":"75.20"},{"v":48,"d":"48.00"},{"v":3609.6,"d":"3609.60"},{"v":3609.6,"d":"3609.60"},{"v":0,"d":"0.00"},{"v":0,"d":"0.00"},{"v":3609.6,"d":"3609.60"},{"v":3609.6,"d":"3609.60"},{"v":0,"d":"0.00"},{"v":0,"d":"0.00"}]
["","DB009","高压水洗挫除标线","","m2",{"v":75.2,"d":"75.20"},{"v":48,"d":"48.00"},{"v":3609.6,"d":"3609.60"},{"v":3609.6,"d":"3609.60"},{"v":0,"d":"0.00"},{"v":0,"d":"0.00"},{"v":0,"d":"0.00"},{"v":0,"d":"0.00"},{"v":0,"d":"0.00"},{"v":0,"d":"0.00"}]
["2","040205006001","标线","1.路面及人行横道标线热熔型标线；\r\n2.反光环保材料，线厚1.5mm；\r\n3.品牌质量达到交警支队验收标准；\r\n4.全费用包干价。","m2",{"v":286.8,"d":"286.80"},{"v":48,"d":"48.00"},{"v":13766.4,"d":"13766.40"},{"v":13766.4,"d":"13766.40"},{"v":0,"d":"0.00"},{"v":0,"d":"0.00"},{"v":13766.4,"d":"13766.40"},{"v":13766.4,"d":"13766.40"},{"v":0,"d":"0.00"},{"v":0,"d":"0.00"}]
["","DB009","标线","","m2",{"v":286.8,"d":"286.80"},{"v":48,"d":"48.00"},{"v":13766.4,"d":"13766.40"},{"v":13766.4,"d":"13766.40"},{"v":0,"d":"0.00"},{"v":0,"d":"0.00"},{"v":0,"d":"0.00"},{"v":0,"d":"0.00"},{"v":0,"d":"0.00"},{"v":0,"d":"0.00"}]
["本页合计","","","","","","",{"v":17376,"d":"17376.00"},{"v":17376,"d":"17376.00"},{"v":0,"d":"0.00"},{"v":0,"d":"0.00"},{"v":0,"d":"0.00"},{"v":0,"d":"0.00"},{"v":0,"d":"0.00"},{"v":0,"d":"0.00"}]
["","","","","","","",{"v":0,"d":"0.00"},{"v":0,"d":"0.00"},{"v":0,"d":"0.00"},{"v":0,"d":"0.00"},"","","",""]
["注:本表用于分部分项工程和能计量的措施项目清单与计价.","","","","","","","","","","","","","",""]
["","","",{"v":0,"d":"0.00"},{"v":0,"d":"0.00"},{"v":0,"d":"0.00"},"","","","","","","","",""]
["","",{"v":0,"d":"0.00"},"","","","","投标人:","","(盖章)","","","","",""]
["","","","","","","","法定代表人或委托代理人:","","(签章或盖章)","","","","",""]
["","","","","","","","注册造价工程师:","","(签字并盖造价工程师执业专业章)","","","","",""]
["","","","","","","","编制时间:","","2020-08-31","","","","",""]
["E.1 单位工程工程量清单与造价表(招标控制价)\n(一般计税法)","","","","","","","","","","","","","",""]
["工程名称:交通设施  标段:","","","","","","","","第2页  共8页","","","","","",""]
["序号","项目编码","项目名称","项目特征描述","计量\r\n单位","工程量","金额(元)","","","","","","","",""]
["","","","","","","综合\r\n单价","合价","其中","","","","","",""]
["","","","","","","","","建安费用","销项税额","附加税费","","","",{"v":0,"d":"0.00"}]
["3","040205006002","振动标线","1.路面及人行横道标线热熔型标线；\r\n2.反光环保材料，线厚1.5mm；\r\n3.品牌质量达到交警支队验收标准；\r\n4.全费用包干价。","m2",29.02,{"v":150,"d":"150.00"},{"v":4353,"d":"4353.00"},{"v":4353,"d":"4353.00"},{"v":0,"d":"0.00"},{"v":0,"d":"0.00"},{"v":4353,"d":"4353.00"},{"v":4353,"d":"4353.00"},{"v":0,"d":"0.00"},{"v":0,"d":"0.00"}]
["","BC00001","振动标线","","m2",29.02,{"v":150,"d":"150.00"},{"v":4353,"d":"4353.00"},{"v":4353,"d":"4353.00"},{"v":0,"d":"0.00"},{"v":0,"d":"0.00"},{"v":0,"d":"0.00"},{"v":0,"d":"0.00"},{"v":0,"d":"0.00"},{"v":0,"d":"0.00"}]
["4","040205004102","彩色陶粒面层铺装","1.暗红色陶粒铺装，厚度约4mm\r\n2.第一层：涂覆环氧树脂,涂覆环氧树脂环氧树脂用量：1.8～2.2L/㎡\r\n3.第二层：撒布集料,集料用量：9.0～11.0kg/㎡\r\n4.基面:水泥路面表面抛丸或铣刨处理达到规定要求，沥青基面平整、无缺陷达到规定要求\r\n5.品牌质量达到交警支队设施大队的验收要求","m2",{"v":65,"d":"65.00"},{"v":190,"d":"190.00"},{"v":12350,"d":"12350.00"},{"v":12350,"d":"12350.00"},{"v":0,"d":"0.00"},{"v":0,"d":"0.00"},{"v":12350,"d":"12350.00"},{"v":12350,"d":"12350.00"},{"v":0,"d":"0.00"},{"v":0,"d":"0.00"}]
["","040205004034","彩色陶瓷颗粒面层铺装","","",{"v":65,"d":"65.00"},{"v":190,"d":"190.00"},{"v":12350,"d":"12350.00"},{"v":12350,"d":"12350.00"},{"v":0,"d":"0.00"},{"v":0,"d":"0.00"},{"v":0,"d":"0.00"},{"v":0,"d":"0.00"},{"v":0,"d":"0.00"},{"v":0,"d":"0.00"}]
["本页合计","","","","","","",{"v":16703,"d":"16703.00"},{"v":16703,"d":"16703.00"},{"v":0,"d":"0.00"},{"v":0,"d":"0.00"},{"v":0,"d":"0.00"},{"v":0,"d":"0.00"},{"v":0,"d":"0.00"},{"v":0,"d":"0.00"}]
["","","","","","","",{"v":0,"d":"0.00"},{"v":0,"d":"0.00"},{"v":0,"d":"0.00"},{"v":0,"d":"0.00"},"","","",""]
["注:本表用于分部分项工程和能计量的措施项目清单与计价.","","","","","","","","","","","","","",""]
["","","",{"v":0,"d":"0.00"},{"v":0,"d":"0.00"},{"v":0,"d":"0.00"},"","","","","","","","",""]
["","",{"v":0,"d":"0.00"},"","","","","投标人:","","(盖章)","","","","",""]
["","","","","","","","法定代表人或委托代理人:","","(签章或盖章)","","","","",""]
["","","","","","","","注册造价工程师:","","(签字并盖造价工程师执业专业章)","","","","",""]
["","","","","","","","编制时间:","","2020-08-31","","","","",""]
["E.1 单位工程工程量清单与造价表(招标控制价)\n(一般计税法)","","","","","","","","","","","","","",""]
["工程名称:交通设施  标段:","","","","","","","","第3页  共8页","","","","","",""]
["序号","项目编码","项目名称","项目特征描述","计量\r\n单位","工程量","金额(元)","","","","","","","",""]
["","","","","","","综合\r\n单价","合价","其中","","","","","",""]
["","","","","","","","","建安费用","销项税额","附加税费","","","",{"v":0,"d":"0.00"}]
["5","040205004106","单立柱急弯警告标志    \r\n1.钢管立柱:φ89×4.5×3600;\r\n2.标志牌:三角形边长900（3mm厚铝底板，Ⅴ类反光膜,安装好）;\r\n3.C25砼基础;\r\n4.其他按设计图纸要求施工;\r\n5.品牌质量达到交警支队验收标准。\r\n6.钢结构设计要求：热镀锌处理；","1.钢管立柱:φ89×4.5×3600;\r\n2.标志牌:三角形边长900（3mm厚铝底板，Ⅴ类反光膜,安装好）;\r\n3.C25砼基础长X宽X深:700*900*800mm;\r\n4.其他按设计图纸要求施工;\r\n5.品牌质量达到交警支队验收标准。","套",{"v":1,"d":"1.00"},1524.75,1524.75,1524.75,{"v":0,"d":"0.00"},{"v":0,"d":"0.00"},1524.75,1524.75,{"v":0,"d":"0.00"},{"v":0,"d":"0.00"}]
["","CB008","小标志立杆等钢结构","","kg",53.79,9.51,511.65,511.65,{"v":0,"d":"0.00"},{"v":0,"d":"0.00"},{"v":0,"d":"0.00"},{"v":0,"d":"0.00"},{"v":0,"d":"0.00"},{"v":0,"d":"0.00"}]
["","CB012","钻石级反光标志(铝板3mm)","","m2",0.53,{"v":820,"d":"820.00"},{"v":434.6,"d":"434.60"},{"v":434.6,"d":"434.60"},{"v":0,"d":"0.00"},{"v":0,"d":"0.00"},{"v":0,"d":"0.00"},{"v":0,"d":"0.00"},{"v":0,"d":"0.00"},{"v":0,"d":"0.00"}]
["","CB004","基础C25砼(含模板）","","m3",0.504,581.74,{"v":293.2,"d":"293.20"},{"v":293.2,"d":"293.20"},{"v":0,"d":"0.00"},{"v":0,"d":"0.00"},{"v":0,"d":"0.00"},{"v":0,"d":"0.00"},{"v":0,"d":"0.00"},{"v":0,"d":"0.00"}]
["","CB005","基础土方（挖运填综合考虑）","","m3",0.504,{"v":50,"d":"50.00"},{"v":25.2,"d":"25.20"},{"v":25.2,"d":"25.20"},{"v":0,"d":"0.00"},{"v":0,"d":"0.00"},{"v":0,"d":"0.00"},{"v":0,"d":"0.00"},{"v":0,"d":"0.00"},{"v":0,"d":"0.00"}]
["","CB006","基础钢筋","","kg",11.28,6.85,77.27,77.27,{"v":0,"d":"0.00"},{"v":0,"d":"0.00"},{"v":0,"d":"0.00"},{"v":0,"d":"0.00"},{"v":0,"d":"0.00"},{"v":0,"d":"0.00"}]
["","CB0010","预埋铁件","","kg",20.52,8.91,182.83,182.83,{"v":0,"d":"0.00"},{"v":0,"d":"0.00"},{"v":0,"d":"0.00"},{"v":0,"d":"0.00"},{"v":0,"d":"0.00"},{"v":0,"d":"0.00"}]
["本页合计","","","","","","",1524.75,1524.75,{"v":0,"d":"0.00"},{"v":0,"d":"0.00"},{"v":0,"d":"0.00"},{"v":0,"d":"0.00"},{"v":0,"d":"0.00"},{"v":0,"d":"0.00"}]
["","","","","","","",{"v":0,"d":"0.00"},{"v":0,"d":"0.00"},{"v":0,"d":"0.00"},{"v":0,"d":"0.00"},"","","",""]
["注:本表用于分部分项工程和能计量的措施项目清单与计价.","","","","","","","","","","","","","",""]
["","","",{"v":0,"d":"0.00"},{"v":0,"d":"0.00"},{"v":0,"d":"0.00"},"","","","","","","","",""]
["","",{"v":0,"d":"0.00"},"","","","","投标人:","","(盖章)","","","","",""]
["","","","","","","","法定代表人或委托代理人:","","(签章或盖章)","","","","",""]
["","","","","","","","注册造价工程师:","","(签字并盖造价工程师执业专业章)","","","","",""]
["","","","","","","","编制时间:","","2020-08-31","","","","",""]
["E.1 单位工程工程量清单与造价表(招标控制价)\n(一般计税法)","","","","","","","","","","","","","",""]
["工程名称:交通设施  标段:","","","","","","","","第4页  共8页","","","","","",""]
["序号","项目编码","项目名称","项目特征描述","计量\r\n单位","工程量","金额(元)","","","","","","","",""]
["","","","","","","综合\r\n单价","合价","其中","","","","","",""]
["","","","","","","","","建安费用","销项税额","附加税费","","","",{"v":0,"d":"0.00"}]
["6","040205004107","单立柱人行横道提示标志        \r\n1.钢管立柱:φ89×4.5×3600;\r\n2.标志牌:800×800（3mm厚铝底板，Ⅴ类反光膜,安装好）;\r\n3.C25砼基础;\r\n4.其他按设计图纸要求施工;\r\n5.品牌质量达到交警支队验收标准。\r\n6.钢结构设计要求：热镀锌处理；","1.钢管立柱:φ89×4.5×3600;\r\n2.标志牌:800×800（3mm厚铝底板，Ⅴ类反光膜,安装好）;\r\n3.C25砼基础长X宽X深:700*900*800mm;\r\n4.其他按设计图纸要求施工;\r\n5.品牌质量达到交警支队验收标准。","套",{"v":2,"d":"2.00"},1614.84,3229.68,3229.68,{"v":0,"d":"0.00"},{"v":0,"d":"0.00"},3229.68,3229.68,{"v":0,"d":"0.00"},{"v":0,"d":"0.00"}]
["","CB008","小标志立杆等钢结构","","kg",107.58,9.51,1023.09,1023.09,{"v":0,"d":"0.00"},{"v":0,"d":"0.00"},{"v":0,"d":"0.00"},{"v":0,"d":"0.00"},{"v":0,"d":"0.00"},{"v":0,"d":"0.00"}]
["","CB012","钻石级反光标志(铝板3mm)","","m2",1.28,{"v":820,"d":"820.00"},{"v":1049.6,"d":"1049.60"},{"v":1049.6,"d":"1049.60"},{"v":0,"d":"0.00"},{"v":0,"d":"0.00"},{"v":0,"d":"0.00"},{"v":0,"d":"0.00"},{"v":0,"d":"0.00"},{"v":0,"d":"0.00"}]
["","CB004","基础C25砼(含模板）","","m3",1.008,581.74,586.39,586.39,{"v":0,"d":"0.00"},{"v":0,"d":"0.00"},{"v":0,"d":"0.00"},{"v":0,"d":"0.00"},{"v":0,"d":"0.00"},{"v":0,"d":"0.00"}]
["","CB005","基础土方（挖运填综合考虑）","","m3",1.008,{"v":50,"d":"50.00"},{"v":50.4,"d":"50.40"},{"v":50.4,"d":"50.40"},{"v":0,"d":"0.00"},{"v":0,"d":"0.00"},{"v":0,"d":"0.00"},{"v":0,"d":"0.00"},{"v":0,"d":"0.00"},{"v":0,"d":"0.00"}]
["","CB006","基础钢筋","","kg",22.56,6.85,154.54,154.54,{"v":0,"d":"0.00"},{"v":0,"d":"0.00"},{"v":0,"d":"0.00"},{"v":0,"d":"0.00"},{"v":0,"d":"0.00"},{"v":0,"d":"0.00"}]
["","CB0010","预埋铁件","","kg",41.04,8.91,365.67,365.67,{"v":0,"d":"0.00"},{"v":0,"d":"0.00"},{"v":0,"d":"0.00"},{"v":0,"d":"0.00"},{"v":0,"d":"0.00"},{"v":0,"d":"0.00"}]
["本页合计","","","","","","",3229.68,3229.68,{"v":0,"d":"0.00"},{"v":0,"d":"0.00"},{"v":0,"d":"0.00"},{"v":0,"d":"0.00"},{"v":0,"d":"0.00"},{"v":0,"d":"0.00"}]
["","","","","","","",{"v":0,"d":"0.00"},{"v":0,"d":"0.00"},{"v":0,"d":"0.00"},{"v":0,"d":"0.00"},"","","",""]
["注:本表用于分部分项工程和能计量的措施项目清单与计价.","","","","","","","","","","","","","",""]
["","","",{"v":0,"d":"0.00"},{"v":0,"d":"0.00"},{"v":0,"d":"0.00"},"","","","","","","","",""]
["","",{"v":0,"d":"0.00"},"","","","","投标人:","","(盖章)","","","","",""]
["","","","","","","","法定代表人或委托代理人:","","(签章或盖章)","","","","",""]
["","","","","","","","注册造价工程师:","","(签字并盖造价工程师执业专业章)","","","","",""]
["","","","","","","","编制时间:","","2020-08-31","","","","",""]
["E.1 单位工程工程量清单与造价表(招标控制价)\n(一般计税法)","","","","","","","","","","","","","",""]
["工程名称:交通设施  标段:","","","","","","","","第5页  共8页","","","","","",""]
["序号","项目编码","项目名称","项目特征描述","计量\r\n单位","工程量","金额(元)","","","","","","","",""]
["","","","","","","综合\r\n单价","合价","其中","","","","","",""]
["","","","","","","","","建安费用","销项税额","附加税费","","","",{"v":0,"d":"0.00"}]
["7","040205004108","单立柱停车让行及右转标志         \r\n1.钢管立柱:φ89×4.5×4600;\r\n2.标志牌:Φ800+八角形800（3mm厚铝底板，Ⅴ类反光膜,安装好）;\r\n3.C25砼基础;\r\n4.其他按设计图纸要求施工;\r\n5.品牌质量达到交警支队验收标准。\r\n6.钢结构设计要求：热镀锌处理；","1.钢管立柱:φ89×4.5×4600;\r\n2.标志牌:Φ800及△900（3mm厚铝底板，Ⅴ类反光膜,安装好）;\r\n3.C25砼基础长X宽X深:700*900*800mm;\r\n4.其他按设计图纸要求施工;\r\n5.品牌质量达到交警支队验收标准。","套",{"v":1,"d":"1.00"},{"v":2270.5,"d":"2270.50"},{"v":2270.5,"d":"2270.50"},{"v":2270.5,"d":"2270.50"},{"v":0,"d":"0.00"},{"v":0,"d":"0.00"},{"v":2270.5,"d":"2270.50"},{"v":2270.5,"d":"2270.50"},{"v":0,"d":"0.00"},{"v":0,"d":"0.00"}]
["","CB008","小标志立杆等钢结构","","kg",67.55,9.51,{"v":642.4,"d":"642.40"},{"v":642.4,"d":"642.40"},{"v":0,"d":"0.00"},{"v":0,"d":"0.00"},{"v":0,"d":"0.00"},{"v":0,"d":"0.00"},{"v":0,"d":"0.00"},{"v":0,"d":"0.00"}]
["","CB012","钻石级反光标志(铝板3mm)","","m2",1.28,{"v":820,"d":"820.00"},{"v":1049.6,"d":"1049.60"},{"v":1049.6,"d":"1049.60"},{"v":0,"d":"0.00"},{"v":0,"d":"0.00"},{"v":0,"d":"0.00"},{"v":0,"d":"0.00"},{"v":0,"d":"0.00"},{"v":0,"d":"0.00"}]
["","CB004","基础C25砼(含模板）","","m3",0.504,581.74,{"v":293.2,"d":"293.20"},{"v":293.2,"d":"293.20"},{"v":0,"d":"0.00"},{"v":0,"d":"0.00"},{"v":0,"d":"0.00"},{"v":0,"d":"0.00"},{"v":0,"d":"0.00"},{"v":0,"d":"0.00"}]
["","CB005","基础土方（挖运填综合考虑）","","m3",0.504,{"v":50,"d":"50.00"},{"v":25.2,"d":"25.20"},{"v":25.2,"d":"25.20"},{"v":0,"d":"0.00"},{"v":0,"d":"0.00"},{"v":0,"d":"0.00"},{"v":0,"d":"0.00"},{"v":0,"d":"0.00"},{"v":0,"d":"0.00"}]
["","CB006","基础钢筋","","kg",11.28,6.85,77.27,77.27,{"v":0,"d":"0.00"},{"v":0,"d":"0.00"},{"v":0,"d":"0.00"},{"v":0,"d":"0.00"},{"v":0,"d":"0.00"},{"v":0,"d":"0.00"}]
["","CB0010","预埋铁件","","kg",20.52,8.91,182.83,182.83,{"v":0,"d":"0.00"},{"v":0,"d":"0.00"},{"v":0,"d":"0.00"},{"v":0,"d":"0.00"},{"v":0,"d":"0.00"},{"v":0,"d":"0.00"}]
["本页合计","","","","","","",{"v":2270.5,"d":"2270.50"},{"v":2270.5,"d":"2270.50"},{"v":0,"d":"0.00"},{"v":0,"d":"0.00"},{"v":0,"d":"0.00"},{"v":0,"d":"0.00"},{"v":0,"d":"0.00"},{"v":0,"d":"0.00"}]
["","","","","","","",{"v":0,"d":"0.00"},{"v":0,"d":"0.00"},{"v":0,"d":"0.00"},{"v":0,"d":"0.00"},"","","",""]
["注:本表用于分部分项工程和能计量的措施项目清单与计价.","","","","","","","","","","","","","",""]
["","","",{"v":0,"d":"0.00"},{"v":0,"d":"0.00"},{"v":0,"d":"0.00"},"","","","","","","","",""]
["","",{"v":0,"d":"0.00"},"","","","","投标人:","","(盖章)","","","","",""]
["","","","","","","","法定代表人或委托代理人:","","(签章或盖章)","","","","",""]
["","","","","","","","注册造价工程师:","","(签字并盖造价工程师执业专业章)","","","","",""]
["","","","","","","","编制时间:","","2020-08-31","","","","",""]
["E.1 单位工程工程量清单与造价表(招标控制价)\n(一般计税法)","","","","","","","","","","","","","",""]
["工程名称:交通设施  标段:","","","","","","","","第6页  共8页","","","","","",""]
["序号","项目编码","项目名称","项目特征描述","计量\r\n单位","工程量","金额(元)","","","","","","","",""]
["","","","","","","综合\r\n单价","合价","其中","","","","","",""]
["","","","","","","","","建安费用","销项税额","附加税费","","","",{"v":0,"d":"0.00"}]
["8","040205004110","单立柱注意行人标志    \r\n1.钢管立柱:φ89×4.5×3600;\r\n2.标志牌:三角形边长900（3mm厚铝底板，Ⅴ类反光膜,安装好）;\r\n3.C25砼基础;\r\n4.其他按设计图纸要求施工;\r\n5.品牌质量达到交警支队验收标准。\r\n6.钢结构设计要求：热镀锌处理；","1.钢管立柱:φ89×4.5×3600;\r\n2.标志牌:三角形边长900（3mm厚铝底板，Ⅴ类反光膜,安装好）;\r\n3.C25砼基础长X宽X深:700*900*800mm;\r\n4.其他按设计图纸要求施工;\r\n5.品牌质量达到交警支队验收标准。","套",{"v":1,"d":"1.00"},1524.75,1524.75,1524.75,{"v":0,"d":"0.00"},{"v":0,"d":"0.00"},1524.75,1524.75,{"v":0,"d":"0.00"},{"v":0,"d":"0.00"}]
["","CB008","小标志立杆等钢结构","","kg",53.79,9.51,511.65,511.65,{"v":0,"d":"0.00"},{"v":0,"d":"0.00"},{"v":0,"d":"0.00"},{"v":0,"d":"0.00"},{"v":0,"d":"0.00"},{"v":0,"d":"0.00"}]
["","CB012","钻石级反光标志(铝板3mm)","","m2",0.53,{"v":820,"d":"820.00"},{"v":434.6,"d":"434.60"},{"v":434.6,"d":"434.60"},{"v":0,"d":"0.00"},{"v":0,"d":"0.00"},{"v":0,"d":"0.00"},{"v":0,"d":"0.00"},{"v":0,"d":"0.00"},{"v":0,"d":"0.00"}]
["","CB004","基础C25砼(含模板）","","m3",0.504,581.74,{"v":293.2,"d":"293.20"},{"v":293.2,"d":"293.20"},{"v":0,"d":"0.00"},{"v":0,"d":"0.00"},{"v":0,"d":"0.00"},{"v":0,"d":"0.00"},{"v":0,"d":"0.00"},{"v":0,"d":"0.00"}]
["","CB005","基础土方（挖运填综合考虑）","","m3",0.504,{"v":50,"d":"50.00"},{"v":25.2,"d":"25.20"},{"v":25.2,"d":"25.20"},{"v":0,"d":"0.00"},{"v":0,"d":"0.00"},{"v":0,"d":"0.00"},{"v":0,"d":"0.00"},{"v":0,"d":"0.00"},{"v":0,"d":"0.00"}]
["","CB006","基础钢筋","","kg",11.28,6.85,77.27,77.27,{"v":0,"d":"0.00"},{"v":0,"d":"0.00"},{"v":0,"d":"0.00"},{"v":0,"d":"0.00"},{"v":0,"d":"0.00"},{"v":0,"d":"0.00"}]
["","CB0010","预埋铁件","","kg",20.52,8.91,182.83,182.83,{"v":0,"d":"0.00"},{"v":0,"d":"0.00"},{"v":0,"d":"0.00"},{"v":0,"d":"0.00"},{"v":0,"d":"0.00"},{"v":0,"d":"0.00"}]
["9","040205004101","爱心斑马线","","m2",{"v":84,"d":"84.00"},427.23,35887.32,35887.32,{"v":0,"d":"0.00"},{"v":0,"d":"0.00"},35887.32,35887.32,{"v":0,"d":"0.00"},{"v":0,"d":"0.00"}]
["本页合计","","","","","","",37412.07,37412.07,{"v":0,"d":"0.00"},{"v":0,"d":"0.00"},{"v":0,"d":"0.00"},{"v":0,"d":"0.00"},{"v":0,"d":"0.00"},{"v":0,"d":"0.00"}]
["","","","","","","",{"v":0,"d":"0.00"},{"v":0,"d":"0.00"},{"v":0,"d":"0.00"},{"v":0,"d":"0.00"},"","","",""]
["注:本表用于分部分项工程和能计量的措施项目清单与计价.","","","","","","","","","","","","","",""]
["","","",{"v":0,"d":"0.00"},{"v":0,"d":"0.00"},{"v":0,"d":"0.00"},"","","","","","","","",""]
["","",{"v":0,"d":"0.00"},"","","","","投标人:","","(盖章)","","","","",""]
["","","","","","","","法定代表人或委托代理人:","","(签章或盖章)","","","","",""]
["","","","","","","","注册造价工程师:","","(签字并盖造价工程师执业专业章)","","","","",""]
["","","","","","","","编制时间:","","2020-08-31","","","","",""]
["E.1 单位工程工程量清单与造价表(招标控制价)\n(一般计税法)","","","","","","","","","","","","","",""]
["工程名称:交通设施  标段:","","","","","","","","第7页  共8页","","","","","",""]
["序号","项目编码","项目名称","项目特征描述","计量\r\n单位","工程量","金额(元)","","","","","","","",""]
["","","","","","","综合\r\n单价","合价","其中","","","","","",""]
["","","","","","","","","建安费用","销项税额","附加税费","","","",{"v":0,"d":"0.00"}]
["","BC00001","爱心斑马线","","m2",{"v":84,"d":"84.00"},127.23,10687.32,10687.32,{"v":0,"d":"0.00"},{"v":0,"d":"0.00"},{"v":0,"d":"0.00"},{"v":0,"d":"0.00"},{"v":0,"d":"0.00"},{"v":0,"d":"0.00"}]
["","BC00002","专用模板（冷轧钢板18mm）","","m2",{"v":84,"d":"84.00"},{"v":300,"d":"300.00"},{"v":25200,"d":"25200.00"},{"v":25200,"d":"25200.00"},{"v":0,"d":"0.00"},{"v":0,"d":"0.00"},{"v":0,"d":"0.00"},{"v":0,"d":"0.00"},{"v":0,"d":"0.00"},{"v":0,"d":"0.00"}]
["10","040205004109","中央隔离护栏（百川护栏）","1.钢管立柱:φ89×4.5×4500;\r\n2.标志牌:1600*2000*3mm（3mm厚铝底板，Ⅴ类反光膜,安装好）;\r\n3.C25砼基础长X宽X深:700*900*800mm;\r\n4.其他按设计图纸要求施工;\r\n5.品牌质量达到交警支队验收标准。","m",{"v":141,"d":"141.00"},{"v":410,"d":"410.00"},{"v":57810,"d":"57810.00"},{"v":57810,"d":"57810.00"},{"v":0,"d":"0.00"},{"v":0,"d":"0.00"},{"v":57810,"d":"57810.00"},{"v":57810,"d":"57810.00"},{"v":0,"d":"0.00"},{"v":0,"d":"0.00"}]
["","BC00003","中央隔离护栏（百川护栏）","","m",{"v":141,"d":"141.00"},{"v":410,"d":"410.00"},{"v":57810,"d":"57810.00"},{"v":57810,"d":"57810.00"},{"v":0,"d":"0.00"},{"v":0,"d":"0.00"},{"v":0,"d":"0.00"},{"v":0,"d":"0.00"},{"v":0,"d":"0.00"},{"v":0,"d":"0.00"}]
["","B","拆除及恢复人行道","","",{"v":0,"d":"0.00"},{"v":0,"d":"0.00"},1196.58,1074.13,118.16,4.29,{"v":0,"d":"0.00"},{"v":0,"d":"0.00"},{"v":0,"d":"0.00"},{"v":0,"d":"0.00"}]
["11","040205004112","拆除人行道","","项",{"v":1,"d":"1.00"},309.95,309.95,278.23,30.61,1.11,309.95,278.23,30.61,1.11]
["","D9-30","拆除人行道 普通粘土砖 平铺","","100m2",0.032,417.21,13.14,{"v":11.8,"d":"11.80"},{"v":1.3,"d":"1.30"},0.05,{"v":0,"d":"0.00"},{"v":0,"d":"0.00"},{"v":0,"d":"0.00"},{"v":0,"d":"0.00"}]
["","D9-58","拆除钢筋混凝土构筑物 人工拆除 无筋","","10m3",0.047,2479.53,117.16,105.17,11.57,0.42,{"v":0,"d":"0.00"},{"v":0,"d":"0.00"},{"v":0,"d":"0.00"},{"v":0,"d":"0.00"}]
["本页合计","","","","","","",58119.95,58088.23,30.61,1.11,{"v":0,"d":"0.00"},{"v":0,"d":"0.00"},{"v":0,"d":"0.00"},{"v":0,"d":"0.00"}]
["","","","","","","",{"v":0,"d":"0.00"},{"v":0,"d":"0.00"},{"v":0,"d":"0.00"},{"v":0,"d":"0.00"},"","","",""]
["注:本表用于分部分项工程和能计量的措施项目清单与计价.","","","","","","","","","","","","","",""]
["","","",{"v":0,"d":"0.00"},{"v":0,"d":"0.00"},{"v":0,"d":"0.00"},"","","","","","","","",""]
["","",{"v":0,"d":"0.00"},"","","","","投标人:","","(盖章)","","","","",""]
["","","","","","","","法定代表人或委托代理人:","","(签章或盖章)","","","","",""]
["","","","","","","","注册造价工程师:","","(签字并盖造价工程师执业专业章)","","","","",""]
["","","","","","","","编制时间:","","2020-08-31","","","","",""]
["E.1 单位工程工程量清单与造价表(招标控制价)\n(一般计税法)","","","","","","","","","","","","","",""]
["工程名称:交通设施  标段:","","","","","","","","第8页  共8页","","","","","",""]
["序号","项目编码","项目名称","项目特征描述","计量\r\n单位","工程量","金额(元)","","","","","","","",""]
["","","","","","","综合\r\n单价","合价","其中","","","","","",""]
["","","","","","","","","建安费用","销项税额","附加税费","","","",{"v":0,"d":"0.00"}]
["","D9-13","拆除道路基层或面层 碎(砾)石 厚15cm内","","100m2",0.032,1741.78,54.87,49.25,5.42,{"v":0.2,"d":"0.20"},{"v":0,"d":"0.00"},{"v":0,"d":"0.00"},{"v":0,"d":"0.00"},{"v":0,"d":"0.00"}]
["","D1-1","人工挖土方 一般土方 普通土","","100m3",0.013,3257.99,{"v":43.1,"d":"43.10"},38.69,4.26,0.15,{"v":0,"d":"0.00"},{"v":0,"d":"0.00"},{"v":0,"d":"0.00"},{"v":0,"d":"0.00"}]
["","D1-88","人工运石碴 双轮斗车运 50m以内","","100m3",0.009,4996.38,47.22,42.38,4.66,0.17,{"v":0,"d":"0.00"},{"v":0,"d":"0.00"},{"v":0,"d":"0.00"},{"v":0,"d":"0.00"}]
["","D1-24","双轮斗车运土 运距50m内","","100m3",0.013,2605.04,34.47,30.94,{"v":3.4,"d":"3.40"},0.12,{"v":0,"d":"0.00"},{"v":0,"d":"0.00"},{"v":0,"d":"0.00"},{"v":0,"d":"0.00"}]
["12","040205004111","恢复人行道","","m2",3.15,281.47,886.63,{"v":795.9,"d":"795.90"},87.55,3.18,886.63,{"v":795.9,"d":"795.90"},87.55,3.18]
["","D2-131 + D2-132*(-5)换","碎石底层 人工铺装 厚度20cm~15","","100m2",0.032,5931.58,186.85,167.73,18.45,0.67,{"v":0,"d":"0.00"},{"v":0,"d":"0.00"},{"v":0,"d":"0.00"},{"v":0,"d":"0.00"}]
["","BD2-12 + BD2-13 *7换","透水水泥混凝土路面底层 厚8cm~15","","100m2",0.032,12464.84,392.64,352.46,38.77,1.41,{"v":0,"d":"0.00"},{"v":0,"d":"0.00"},{"v":0,"d":"0.00"},{"v":0,"d":"0.00"}]
["","D2-242换","人行道板安砌 广场砖~ 换:5cm透水烧结砖~ 换:天然中砂~ 换:砂子 中砂","","100m2",0.032,9750.93,307.15,275.72,30.33,{"v":1.1,"d":"1.10"},{"v":0,"d":"0.00"},{"v":0,"d":"0.00"},{"v":0,"d":"0.00"},{"v":0,"d":"0.00"}]
["","","","","","","",{"v":0,"d":"0.00"},{"v":0,"d":"0.00"},{"v":0,"d":"0.00"},{"v":0,"d":"0.00"},{"v":0,"d":"0.00"},{"v":0,"d":"0.00"},{"v":0,"d":"0.00"},{"v":0,"d":"0.00"}]
["本页合计","","","","","","",886.63,{"v":795.9,"d":"795.90"},87.55,3.18,{"v":0,"d":"0.00"},{"v":0,"d":"0.00"},{"v":0,"d":"0.00"},{"v":0,"d":"0.00"}]
["累    计","","","","","","",137522.58,137400.13,118.16,4.29,"","","",""]
["注:本表用于分部分项工程和能计量的措施项目清单与计价.","","","","","","","","","","","","","",""]
["","","",{"v":0,"d":"0.00"},{"v":0,"d":"0.00"},{"v":0,"d":"0.00"},"","","","","","","","",""]
["","",{"v":0,"d":"0.00"},"","","","","投标人:","","(盖章)","","","","",""]
["","","","","","","","法定代表人或委托代理人:","","(签章或盖章)","","","","",""]
["","","","","","","","注册造价工程师:","","(签字并盖造价工程师执业专业章)","","","","",""]
["","","","","","","","编制时间:","","2020-08-31","","","","",""]

{"sheet":"E.3 分部分项清单项目直接费用预算表(160号YT)","index":5,"n_rows":292,"n_cols":11,"rows_kept":292,"merged":[[0,0,0,10],[1,0,1,7],[1,9,1,10],[2,3,2,4],[3,0,5,0],[3,1,5,1],[3,2,5,2],[3,3,5,3],[3,4,3,5],[3,6,3,10],[4,4,5,4],[4,5,5,5],[4,6,5,6],[4,7,5,7],[4,8,4,10],[7,0,7,6],[8,0,8,6],[9,0,9,6],[10,0,10,6],[11,0,11,7],[12,0,12,6],[13,0,13,6],[14,7,14,8],[14,9,14,10],[15,7,15,8],[15,9,15,10],[16,7,16,8],[16,9,16,10],[17,7,17,8],[17,9,17,10],[18,0,18,10],[19,0,19,7],[19,9,19,10],[20,3,20,4],[21,0,23,0],[21,1,23,1],[21,2,23,2],[21,3,23,3],[21,4,21,5],[21,6,21,10],[22,4,23,4],[22,5,23,5],[22,6,23,6],[22,7,23,7],[22,8,22,10],[25,0,25,6],[26,0,26,6],[27,0,27,6],[28,0,28,6],[29,0,29,7],[30,0,30,6],[31,0,31,6],[32,7,32,8],[32,9,32,10],[33,7,33,8],[33,9,33,10],[34,7,34,8],[34,9,34,10],[35,7,35,8],[35,9,35,10],[36,0,36,10],[37,0,37,7],[37,9,37,10],[38,3,38,4],[39,0,41,0],[39,1,41,1],[39,2,41,2],[39,3,41,3],[39,4,39,5],[39,6,39,10],[40,4,41,4],[40,5,41,5],[40,6,41,6],[40,7,41,7],[40,8,40,10],[43,0,43,6],[44,0,44,6],[45,0,45,6],[46,0,46,6],[47,0,47,7],[48,0,48,6],[49,0,49,6],[50,7,50,8],[50,9,50,10],[51,7,51,8],[51,9,51,10],[52,7,52,8],[52,9,52,10],[53,7,53,8],[53,9,53,10],[54,0,54,10],[55,0,55,7],[55,9,55,10],[56,3,56,4],[57,0,59,0],[57,1,59,1],[57,2,59,2],[57,3,59,3],[57,4,57,5],[57,6,57,10],[58,4,59,4],[58,5,59,5],[58,6,59,6],[58,7,59,7],[58,8,58,10],[61,0,61,6],[62,0,62,6],[63,0,63,6],[64,0,64,6],[65,0,65,7],[66,0,66,6],[67,0,67,6],[68,7,68,8],[68,9,68,10],[69,7,69,8],[69,9,69,10],[70,7,70,8],[70,9,70,10],[71,7,71,8],[71,9,71,10],[72,0,72,10],[73,0,73,7],[73,9,73,10],[74,3,74,4],[75,0,77,0],[75,1,77,1],[75,2,77,2],[75,3,77,3],[75,4,75,5],[75,6,75,10],[76,4,77,4],[76,5,77,5],[76,6,77,6],[76,7,77,7],[76,8,76,10],[81,0,81,6],[82,0,82,6],[83,0,83,6],[84,0,84,7],[85,0,85,6],[86,0,86,6],[87,7,87,8],[87,9,87,10],[88,7,88,8],[88,9,88,10],[89,7,89,8],[89,9,89,10],[90,7,90,8],[90,9,90,10],[91,0,91,10],[92,0,92,7],[92,9,92,10],[96,0,96,6],[97,0,97,6],[98,0,98,6],[99,0,99,6],[100,0,100,7],[101,0,101,6],[102,0,102,6],[103,7,103,8],[103,9,103,10],[104,7,104,8],[104,9,104,10],[105,7,105,8],[105,9,105,10],[106,7,106,8],[106,9,106,10],[107,0,107,10],[108,0,108,7],[108,9,108,10],[109,3,109,4],[110,0,112,0],[110,1,112,1],[110,2,112,2],[110,3,112,3],[110,4,110,5],[110,6,110,10],[111,4,112,4],[111,5,112,5],[111,6,112,6],[111,7,112,7],[111,8,111,10],[116,0,116,6],[117,0,117,6],[118,0,118,6],[119,0,119,7],[120,0,120,6],[121,0,121,6],[122,7,122,8],[122,9,122,10],[123,7,123,8],[123,9,123,10],[124,7,124,8],[124,9,124,10],[125,7,125,8],[125,9,125,10],[126,0,126,10],[127,0,127,7],[127,9,127,10],[131,0,131,6],[132,0,132,6],[133,0,133,6],[134,0,134,6],[135,0,135,7],[136,0,136,6],[137,0,137,6],[138,7,138,8],[138,9,138,10],[139,7,139,8],[139,9,139,10],[140,7,140,8],[140,9,140,10],[141,7,141,8],[141,9,141,10],[142,0,142,10],[143,0,143,7],[143,9,143,10],[144,3,144,4],[145,0,147,0],[145,1,147,1],[145,2,147,2],[145,3,147,3],[145,4,145,5],[145,6,145,10],[146,4,147,4],[146,5,147,5],[146,6,147,6],[146,7,147,7],[146,8,146,10],[151,0,151,6],[152,0,152,6],[153,0,153,6],[154,0,154,7],[155,0,155,6],[156,0,156,6],[157,7,157,8],[157,9,157,10],[158,7,158,8],[158,9,158,10],[159,7,159,8],[159,9,159,10],[160,7,160,8],[160,9,160,10],[161,0,161,10],[162,0,162,7],[162,9,162,10],[166,0,166,6],[167,0,167,6],[168,0,168,6],[169,0,169,6],[170,0,170,7],[171,0,171,6],[172,0,172,6],[173,7,173,8],[173,9,173,10],[174,7,174,8],[174,9,174,10],[175,7,175,8],[175,9,175,10],[176,7,176,8],[176,9,176,10],[177,0,177,10],[178,0,178,7],[178,9,178,10],[179,3,179,4],[180,0,182,0],[180,1,182,1],[180,2,182,2],[180,3,182,3],[180,4,180,5],[180,6,180,10],[181,4,182,4],[181,5,182,5],[181,6,182,6],[181,7,182,7],[181,8,181,10],[186,0,186,6],[187,0,187,6],[188,0,188,6],[189,0,189,7],[190,0,190,6],[191,0,191,6],[192,7,192,8],[192,9,192,10],[193,7,193,8],[193,9,193,10],[194,7,194,8],[194,9,194,10],[195,7,195,8],[195,9,195,10],[196,0,196,10],[197,0,197,7],[197,9,197,10],[201,0,201,6],[202,0,202,6],[203,0,203,6],[204,0,204,6],[205,0,205,7],[206,0,206,6],[207,0,207,6],[208,7,208,8],[208,9,208,10],[209,7,209,8],[209,9,209,10],[210,7,210,8],[210,9,210,10],[211,7,211,8],[211,9,211,10],[212,0,212,10],[213,0,213,7],[213,9,213,10],[214,3,214,4],[215,0,217,0],[215,1,217,1],[215,2,217,2],[215,3,217,3],[215,4,215,5],[215,6,215,10],[216,4,217,4],[216,5,217,5],[216,6,217,6],[216,7,217,7],[216,8,216,10],[220,0,220,6],[221,0,221,6],[222,0,222,6],[223,0,223,6],[224,0,224,7],[225,0,225,6],[226,0,226,6],[227,7,227,8],[227,9,227,10],[228,7,228,8],[228,9,228,10],[229,7,229,8],[229,9,229,10],[230,7,230,8],[230,9,230,10],[231,0,231,10],[232,0,232,7],[232,9,232,10],[233,3,233,4],[234,0,236,0],[234,1,236,1],[234,2,236,2],[234,3,236,3],[234,4,234,5],[234,6,234,10],[235,4,236,4],[235,5,236,5],[235,6,236,6],[235,7,236,7],[235,8,235,10],[238,0,238,6],[239,0,239,6],[240,0,240,6],[241,0,241,6],[242,0,242,7],[243,0,243,6],[244,0,244,6],[245,7,245,8],[245,9,245,10],[246,7,246,8],[246,9,246,10],[247,7,247,8],[247,9,247,10],[248,7,248,8],[248,9,248,10],[249,0,249,10],[250,0,250,7],[250,9,250,10],[251,3,251,4],[252,0,254,0],[252,1,254,1],[252,2,254,2],[252,3,254,3],[252,4,252,5],[252,6,252,10],[253,4,254,4],[253,5,254,5],[253,6,254,6],[253,7,254,7],[253,8,253,10],[261,0,261,6],[262,0,262,6],[263,0,263,6],[264,0,264,6],[265,0,265,7],[266,0,266,6],[267,0,267,6],[268,7,268,8],[268,9,268,10],[269,7,269,8],[269,9,269,10],[270,7,270,8],[270,9,270,10],[271,7,271,8],[271,9,271,10],[272,0,272,10],[273,0,273,7],[273,9,273,10],[274,3,274,4],[275,0,277,0],[275,1,277,1],[275,2,277,2],[275,3,277,3],[275,4,275,5],[275,6,275,10],[276,4,277,4],[276,5,277,5],[276,6,277,6],[276,7,277,7],[276,8,276,10],[281,0,281,6],[282,0,282,6],[283,0,283,6],[284,0,284,6],[285,0,285,7],[286,0,286,6],[287,0,287,6],[288,7,288,8],[288,9,288,10],[289,7,289,8],[289,9,289,10],[290,7,290,8],[290,9,290,10],[291,7,291,8],[291,9,291,10]],"flags":["formulas_cached_only"]}
["E.3 清单项目直接费用预算表(招标控制价)\n(一般计税法)","","","","","","","","","",""]
["工程名称:交通设施   标段:","","","","","","","","","第1页、共16页",""]
["清单编码","040205006003","名称","高压水洗挫除标线","","计量单位","m2","数量",{"v":75.2,"d":"75.20"},"直接费用指标",{"v":48,"d":"48.00"}]
["消耗量标准编号","项目名称","单位","数量","基期价","","市场价","","","",""]
["","","","","单价","小计","单价","小计","其中","",""]
["","","","","","","","","人工费","材料费","机械费"]
["DB009","高压水洗挫除标线","m2",{"v":75.2,"d":"75.20"},{"v":48,"d":"48.00"},{"v":3609.6,"d":"3609.60"},{"v":48,"d":"48.00"},{"v":3609.6,"d":"3609.60"},{"v":0,"d":"0.00"},{"v":3609.6,"d":"3609.60"},{"v":0,"d":"0.00"}]
["","","","","","","",{"v":0,"d":"0.00"},{"v":0,"d":"0.00"},{"v":0,"d":"0.00"},{"v":0,"d":"0.00"}]
["本  页  合  计(元)","","","","","","",{"v":3609.6,"d":"3609.60"},{"v":0,"d":"0.00"},{"v":3609.6,"d":"3609.60"},{"v":0,"d":"0.00"}]
["累    计(元)","","","","","","",{"v":3609.6,"d":"3609.60"},{"v":0,"d":"0.00"},{"v":3609.6,"d":"3609.60"},{"v":0,"d":"0.00"}]
["注: 1.清单直接费指标=累计金额/数量","","","","","","","","","",""]
["    2.采用一般计税法时，材料、机械台班单价均执行除税单价;安装工程材料费中已包含主材费和设备费用.","","","","","","","","","",""]
["    3.采用简易计税法时，材料、机械台班单价均执行含税单价;安装工程材料费中已包含主材费和设备费用.","","","","","","","","","",""]
["    4.本表用于分部分项工程和能计量的措施项目清单与计价.","","","","","","","","","",""]
["","","","","","","","投标人:","","(盖章)",""]
["","","","","","","","法定代表人或委托代理人:","","(签章或盖章)",""]
["","","","","","","","注册造价工程师:","","(签字并盖造价工程师执业专业章)",""]
["","","","","","","","编制时间:","","2020-08-31",""]
["E.3 清单项目直接费用预算表(招标控制价)\n(一般计税法)","","","","","","","","","",""]
["工程名称:交通设施   标段:","","","","","","","","","第2页、共16页",""]
["清单编码","040205006001","名称","标线","","计量单位","m2","数量",{"v":286.8,"d":"286.80"},"直接费用指标",{"v":48,"d":"48.00"}]
["消耗量标准编号","项目名称","单位","数量","基期价","","市场价","","","",""]
["","","","","单价","小计","单价","小计","其中","",""]
["","","","","","","","","人工费","材料费","机械费"]
["DB009","标线","m2",{"v":286.8,"d":"286.80"},{"v":48,"d":"48.00"},{"v":13766.4,"d":"13766.40"},{"v":48,"d":"48.00"},{"v":13766.4,"d":"13766.40"},{"v":0,"d":"0.00"},{"v":13766.4,"d":"13766.40"},{"v":0,"d":"0.00"}]
["","","","","","","",{"v":0,"d":"0.00"},{"v":0,"d":"0.00"},{"v":0,"d":"0.00"},{"v":0,"d":"0.00"}]
["本  页  合  计(元)","","","","","","",{"v":13766.4,"d":"13766.40"},{"v":0,"d":"0.00"},{"v":13766.4,"d":"13766.40"},{"v":0,"d":"0.00"}]
["累    计(元)","","","","","","",{"v":13766.4,"d":"13766.40"},{"v":0,"d":"0.00"},{"v":13766.4,"d":"13766.40"},{"v":0,"d":"0.00"}]
["注: 1.清单直接费指标=累计金额/数量","","","","","","","","","",""]
["    2.采用一般计税法时，材料、机械台班单价均执行除税单价;安装工程材料费中已包含主材费和设备费用.","","","","","","","","","",""]
["    3.采用简易计税法时，材料、机械台班单价均执行含税单价;安装工程材料费中已包含主材费和设备费用.","","","","","","","","","",""]
["    4.本表用于分部分项工程和能计量的措施项目清单与计价.","","","","","","","","","",""]
["","","","","","","","投标人:","","(盖章)",""]
["","","","","","","","法定代表人或委托代理人:","","(签章或盖章)",""]
["","","","","","","","注册造价工程师:","","(签字并盖造价工程师执业专业章)",""]
["","","","","","","","编制时间:","","2020-08-31",""]
["E.3 清单项目直接费用预算表(招标控制价)\n(一般计税法)","","","","","","","","","",""]
["工程名称:交通设施   标段:","","","","","","","","","第3页、共16页",""]
["清单编码","040205006002","名称","振动标线","","计量单位","m2","数量",29.02,"直接费用指标",{"v":150,"d":"150.00"}]
["消耗量标准编号","项目名称","单位","数量","基期价","","市场价","","","",""]
["","","","","单价","小计","单价","小计","其中","",""]
["","","","","","","","","人工费","材料费","机械费"]
["BC00001","振动标线","m2",29.02,{"v":150,"d":"150.00"},{"v":4353,"d":"4353.00"},{"v":150,"d":"150.00"},{"v":4353,"d":"4353.00"},{"v":0,"d":"0.00"},{"v":4353,"d":"4353.00"},{"v":0,"d":"0.00"}]
["","","","","","","",{"v":0,"d":"0.00"},{"v":0,"d":"0.00"},{"v":0,"d":"0.00"},{"v":0,"d":"0.00"}]
["本  页  合  计(元)","","","","","","",{"v":4353,"d":"4353.00"},{"v":0,"d":"0.00"},{"v":4353,"d":"4353.00"},{"v":0,"d":"0.00"}]
["累    计(元)","","","","","","",{"v":4353,"d":"4353.00"},{"v":0,"d":"0.00"},{"v":4353,"d":"4353.00"},{"v":0,"d":"0.00"}]
["注: 1.清单直接费指标=累计金额/数量","","","","","","","","","",""]
["    2.采用一般计税法时，材料、机械台班单价均执行除税单价;安装工程材料费中已包含主材费和设备费用.","","","","","","","","","",""]
["    3.采用简易计税法时，材料、机械台班单价均执行含税单价;安装工程材料费中已包含主材费和设备费用.","","","","","","","","","",""]
["    4.本表用于分部分项工程和能计量的措施项目清单与计价.","","","","","","","","","",""]
["","","","","","","","投标人:","","(盖章)",""]
["","","","","","","","法定代表人或委托代理人:","","(签章或盖章)",""]
["","","","","","","","注册造价工程师:","","(签字并盖造价工程师执业专业章)",""]
["","","","","","","","编制时间:","","2020-08-31",""]
["E.3 清单项目直接费用预算表(招标控制价)\n(一般计税法)","","","","","","","","","",""]
["工程名称:交通设施   标段:","","","","","","","","","第4页、共16页",""]
["清单编码","040205004102","名称","彩色陶粒面层铺装","","计量单位","m2","数量",{"v":65,"d":"65.00"},"直接费用指标",{"v":190,"d":"190.00"}]
["消耗量标准编号","项目名称","单位","数量","基期价","","市场价","","","",""]
["","","","","单价","小计","单价","小计","其中","",""]
["","","","","","","","","人工费","材料费","机械费"]
["040205004034","彩色陶瓷颗粒面层铺装","",{"v":65,"d":"65.00"},{"v":190,"d":"190.00"},{"v":12350,"d":"12350.00"},{"v":190,"d":"190.00"},{"v":12350,"d":"12350.00"},{"v":0,"d":"0.00"},{"v":12350,"d":"12350.00"},{"v":0,"d":"0.00"}]
["","","","","","","",{"v":0,"d":"0.00"},{"v":0,"d":"0.00"},{"v":0,"d":"0.00"},{"v":0,"d":"0.00"}]
["本  页  合  计(元)","","","","","","",{"v":12350,"d":"12350.00"},{"v":0,"d":"0.00"},{"v":12350,"d":"12350.00"},{"v":0,"d":"0.00"}]
["累    计(元)","","","","","","",{"v":12350,"d":"12350.00"},{"v":0,"d":"0.00"},{"v":12350,"d":"12350.00"},{"v":0,"d":"0.00"}]
["注: 1.清单直接费指标=累计金额/数量","","","","","","","","","",""]
["    2.采用一般计税法时，材料、机械台班单价均执行除税单价;安装工程材料费中已包含主材费和设备费用.","","","","","","","","","",""]
["    3.采用简易计税法时，材料、机械台班单价均执行含税单价;安装工程材料费中已包含主材费和设备费用.","","","","","","","","","",""]
["    4.本表用于分部分项工程和能计量的措施项目清单与计价.","","","","","","","","","",""]
["","","","","","","","投标人:","","(盖章)",""]
["","","","","","","","法定代表人或委托代理人:","","(签章或盖章)",""]
["","","","","","","","注册造价工程师:","","(签字并盖造价工程师执业专业章)",""]
["","","","","","","","编制时间:","","2020-08-31",""]
["E.3 清单项目直接费用预算表(招标控制价)\n(一般计税法)","","","","","","","","","",""]
["工程名称:交通设施   标段:","","","","","","","","","第5页、共16页",""]
["清单编码","040205004106","名称","单立柱急弯警告标志    \r\n1.钢管立柱:φ89×4.5×3600;\r\n2.标志牌:三角形边长900（3mm厚铝底板，Ⅴ类反光膜,安装好）;\r\n3.C25砼基础;\r\n4.其他按设计图纸要求施工;\r\n5.品牌质量达到交警支队验收标准。\r\n6.钢结构设计要求：热镀锌处理；","","计量单位","套","数量",{"v":1,"d":"1.00"},"直接费用指标",1524.75]
["消耗量标准编号","项目名称","单位","数量","基期价","","市场价","","","",""]
["","","","","单价","小计","单价","小计","其中","",""]
["","","","","","","","","人工费","材料费","机械费"]
["CB008","小标志立杆等钢结构","kg",53.79,9.51,511.65,9.51,511.65,{"v":0,"d":"0.00"},511.65,{"v":0,"d":"0.00"}]
["CB012","钻石级反光标志(铝板3mm)","m2",0.53,{"v":820,"d":"820.00"},{"v":434.6,"d":"434.60"},{"v":820,"d":"820.00"},{"v":434.6,"d":"434.60"},{"v":0,"d":"0.00"},{"v":434.6,"d":"434.60"},{"v":0,"d":"0.00"}]
["CB004","基础C25砼(含模板）","m3",0.504,581.74,{"v":293.2,"d":"293.20"},581.74,{"v":293.2,"d":"293.20"},{"v":0,"d":"0.00"},{"v":293.2,"d":"293.20"},{"v":0,"d":"0.00"}]
["本  页  合  计(元)","","","","","","",1239.45,{"v":0,"d":"0.00"},1239.45,{"v":0,"d":"0.00"}]
["","","","","","","",{"v":0,"d":"0.00"},{"v":0,"d":"0.00"},{"v":0,"d":"0.00"},{"v":0,"d":"0.00"}]
["注: 1.清单直接费指标=累计金额/数量","","","","","","","","","",""]
["    2.采用一般计税法时，材料、机械台班单价均执行除税单价;安装工程材料费中已包含主材费和设备费用.","","","","","","","","","",""]
["    3.采用简易计税法时，材料、机械台班单价均执行含税单价;安装工程材料费中已包含主材费和设备费用.","","","","","","","","","",""]
["    4.本表用于分部分项工程和能计量的措施项目清单与计价.","","","","","","","","","",""]
["","","","","","","","投标人:","","(盖章)",""]
["","","","","","","","法定代表人或委托代理人:","","(签章或盖章)",""]
["","","","","","","","注册造价工程师:","","(签字并盖造价工程师执业专业章)",""]
["","","","","","","","编制时间:","","2020-08-31",""]
["E.3 清单项目直接费用预算表(招标控制价)\n(一般计税法)","","","","","","","","","",""]
["工程名称:交通设施   标段:","","","","","","","","","第6页、共16页",""]
["CB005","基础土方（挖运填综合考虑）","m3",0.504,{"v":50,"d":"50.00"},{"v":25.2,"d":"25.20"},{"v":50,"d":"50.00"},{"v":25.2,"d":"25.20"},{"v":0,"d":"0.00"},{"v":25.2,"d":"25.20"},{"v":0,"d":"0.00"}]
["CB006","基础钢筋","kg",11.28,6.85,77.27,6.85,77.27,{"v":0,"d":"0.00"},77.27,{"v":0,"d":"0.00"}]
["CB0010","预埋铁件","kg",20.52,8.91,182.83,8.91,182.83,{"v":0,"d":"0.00"},182.83,{"v":0,"d":"0.00"}]
["","","","","","","",{"v":0,"d":"0.00"},{"v":0,"d":"0.00"},{"v":0,"d":"0.00"},{"v":0,"d":"0.00"}]
["本  页  合  计(元)","","","","","","",{"v":285.3,"d":"285.30"},{"v":0,"d":"0.00"},{"v":285.3,"d":"285.30"},{"v":0,"d":"0.00"}]
["累    计(元)","","","","","","",1524.75,{"v":0,"d":"0.00"},1524.75,{"v":0,"d":"0.00"}]
["注: 1.清单直接费指标=累计金额/数量","","","","","","","","","",""]
["    2.采用一般计税法时，材料、机械台班单价均执行除税单价;安装工程材料费中已包含主材费和设备费用.","","","","","","","","","",""]
["    3.采用简易计税法时，材料、机械台班单价均执行含税单价;安装工程材料费中已包含主材费和设备费用.","","","","","","","","","",""]
["    4.本表用于分部分项工程和能计量的措施项目清单与计价.","","","","","","","","","",""]
["","","","","","","","投标人:","","(盖章)",""]
["","","","","","","","法定代表人或委托代理人:","","(签章或盖章)",""]
["","","","","","","","注册造价工程师:","","(签字并盖造价工程师执业专业章)",""]
["","","","","","","","编制时间:","","2020-08-31",""]
["E.3 清单项目直接费用预算表(招标控制价)\n(一般计税法)","","","","","","","","","",""]
["工程名称:交通设施   标段:","","","","","","","","","第7页、共16页",""]
["清单编码","040205004107","名称","单立柱人行横道提示标志        \r\n1.钢管立柱:φ89×4.5×3600;\r\n2.标志牌:800×800（3mm厚铝底板，Ⅴ类反光膜,安装好）;\r\n3.C25砼基础;\r\n4.其他按设计图纸要求施工;\r\n5.品牌质量达到交警支队验收标准。\r\n6.钢结构设计要求：热镀锌处理；","","计量单位","套","数量",{"v":2,"d":"2.00"},"直接费用指标",1614.84]
["消耗量标准编号","项目名称","单位","数量","基期价","","市场价","","","",""]
["","","","","单价","小计","单价","小计","其中","",""]
["","","","","","","","","人工费","材料费","机械费"]
["CB008","小标志立杆等钢结构","kg",107.58,9.51,1023.09,9.51,1023.09,{"v":0,"d":"0.00"},1023.09,{"v":0,"d":"0.00"}]
["CB012","钻石级反光标志(铝板3mm)","m2",1.28,{"v":820,"d":"820.00"},{"v":1049.6,"d":"1049.60"},{"v":820,"d":"820.00"},{"v":1049.6,"d":"1049.60"},{"v":0,"d":"0.00"},{"v":1049.6,"d":"1049.60"},{"v":0,"d":"0.00"}]
["CB004","基础C25砼(含模板）","m3",1.008,581.74,586.39,581.74,586.39,{"v":0,"d":"0.00"},586.39,{"v":0,"d":"0.00"}]
["本  页  合  计(元)","","","","","","",2659.08,{"v":0,"d":"0.00"},2659.08,{"v":0,"d":"0.00"}]
["","","","","","","",{"v":0,"d":"0.00"},{"v":0,"d":"0.00"},{"v":0,"d":"0.00"},{"v":0,"d":"0.00"}]
["注: 1.清单直接费指标=累计金额/数量","","","","","","","","","",""]
["    2.采用一般计税法时，材料、机械台班单价均执行除税单价;安装工程材料费中已包含主材费和设备费用.","","","","","","","","","",""]
["    3.采用简易计税法时，材料、机械台班单价均执行含税单价;安装工程材料费中已包含主材费和设备费用.","","","","","","","","","",""]
["    4.本表用于分部分项工程和能计量的措施项目清单与计价.","","","","","","","","","",""]
["","","","","","","","投标人:","","(盖章)",""]
["","","","","","","","法定代表人或委托代理人:","","(签章或盖章)",""]
["","","","","","","","注册造价工程师:","","(签字并盖造价工程师执业专业章)",""]
["","","","","","","","编制时间:","","2020-08-31",""]
["E.3 清单项目直接费用预算表(招标控制价)\n(一般计税法)","","","","","","","","","",""]
["工程名称:交通设施   标段:","","","","","","","","","第8页、共16页",""]
["CB005","基础土方（挖运填综合考虑）","m3",1.008,{"v":50,"d":"50.00"},{"v":50.4,"d":"50.40"},{"v":50,"d":"50.00"},{"v":50.4,"d":"50.40"},{"v":0,"d":"0.00"},{"v":50.4,"d":"50.40"},{"v":0,"d":"0.00"}]
["CB006","基础钢筋","kg",22.56,6.85,154.54,6.85,154.54,{"v":0,"d":"0.00"},154.54,{"v":0,"d":"0.00"}]
["CB0010","预埋铁件","kg",41.04,8.91,365.67,8.91,365.67,{"v":0,"d":"0.00"},365.67,{"v":0,"d":"0.00"}]
["","","","","","","",{"v":0,"d":"0.00"},{"v":0,"d":"0.00"},{"v":0,"d":"0.00"},{"v":0,"d":"0.00"}]
["本  页  合  计(元)","","","","","","",{"v":570.6,"d":"570.60"},{"v":0,"d":"0.00"},{"v":570.6,"d":"570.60"},{"v":0,"d":"0.00"}]
["累    计(元)","","","","","","",3229.68,{"v":0,"d":"0.00"},3229.68,{"v":0,"d":"0.00"}]
["注: 1.清单直接费指标=累计金额/数量","","","","","","","","","",""]
["    2.采用一般计税法时，材料、机械台班单价均执行除税单价;安装工程材料费中已包含主材费和设备费用.","","","","","","","","","",""]
["    3.采用简易计税法时，材料、机械台班单价均执行含税单价;安装工程材料费中已包含主材费和设备费用.","","","","","","","","","",""]
["    4.本表用于分部分项工程和能计量的措施项目清单与计价.","","","","","","","","","",""]
["","","","","","","","投标人:","","(盖章)",""]
["","","","","","","","法定代表人或委托代理人:","","(签章或盖章)",""]
["","","","","","","","注册造价工程师:","","(签字并盖造价工程师执业专业章)",""]
["","","","","","","","编制时间:","","2020-08-31",""]
["E.3 清单项目直接费用预算表(招标控制价)\n(一般计税法)","","","","","","","","","",""]
["工程名称:交通设施   标段:","","","","","","","","","第9页、共16页",""]
["清单编码","040205004108","名称","单立柱停车让行及右转标志         \r\n1.钢管立柱:φ89×4.5×4600;\r\n2.标志牌:Φ800+八角形800（3mm厚铝底板，Ⅴ类反光膜,安装好）;\r\n3.C25砼基础;\r\n4.其他按设计图纸要求施工;\r\n5.品牌质量达到交警支队验收标准。\r\n6.钢结构设计要求：热镀锌处理；","","计量单位","套","数量",{"v":1,"d":"1.00"},"直接费用指标",{"v":2270.5,"d":"2270.50"}]
["消耗量标准编号","项目名称","单位","数量","基期价","","市场价","","","",""]
["","","","","单价","小计","单价","小计","其中","",""]
["","","","","","","","","人工费","材料费","机械费"]
["CB008","小标志立杆等钢结构","kg",67.55,9.51,{"v":642.4,"d":"642.40"},9.51,{"v":642.4,"d":"642.40"},{"v":0,"d":"0.00"},{"v":642.4,"d":"642.40"},{"v":0,"d":"0.00"}]
["CB012","钻石级反光标志(铝板3mm)","m2",1.28,{"v":820,"d":"820.00"},{"v":1049.6,"d":"1049.60"},{"v":820,"d":"820.00"},{"v":1049.6,"d":"1049.60"},{"v":0,"d":"0.00"},{"v":1049.6,"d":"1049.60"},{"v":0,"d":"0.00"}]
["CB004","基础C25砼(含模板）","m3",0.504,581.74,{"v":293.2,"d":"293.20"},581.74,{"v":293.2,"d":"293.20"},{"v":0,"d":"0.00"},{"v":293.2,"d":"293.20"},{"v":0,"d":"0.00"}]
["本  页  合  计(元)","","","","","","",{"v":1985.2,"d":"1985.20"},{"v":0,"d":"0.00"},{"v":1985.2,"d":"1985.20"},{"v":0,"d":"0.00"}]
["","","","","","","",{"v":0,"d":"0.00"},{"v":0,"d":"0.00"},{"v":0,"d":"0.00"},{"v":0,"d":"0.00"}]
["注: 1.清单直接费指标=累计金额/数量","","","","","","","","","",""]
["    2.采用一般计税法时，材料、机械台班单价均执行除税单价;安装工程材料费中已包含主材费和设备费用.","","","","","","","","","",""]
["    3.采用简易计税法时，材料、机械台班单价均执行含税单价;安装工程材料费中已包含主材费和设备费用.","","","","","","","","","",""]
["    4.本表用于分部分项工程和能计量的措施项目清单与计价.","","","","","","","","","",""]
["","","","","","","","投标人:","","(盖章)",""]
["","","","","","","","法定代表人或委托代理人:","","(签章或盖章)",""]
["","","","","","","","注册造价工程师:","","(签字并盖造价工程师执业专业章)",""]
["","","","","","","","编制时间:","","2020-08-31",""]
["E.3 清单项目直接费用预算表(招标控制价)\n(一般计税法)","","","","","","","","","",""]
["工程名称:交通设施   标段:","","","","","","","","","第10页、共16页",""]
["CB005","基础土方（挖运填综合考虑）","m3",0.504,{"v":50,"d":"50.00"},{"v":25.2,"d":"25.20"},{"v":50,"d":"50.00"},{"v":25.2,"d":"25.20"},{"v":0,"d":"0.00"},{"v":25.2,"d":"25.20"},{"v":0,"d":"0.00"}]
["CB006","基础钢筋","kg",11.28,6.85,77.27,6.85,77.27,{"v":0,"d":"0.00"},77.27,{"v":0,"d":"0.00"}]
["CB0010","预埋铁件","kg",20.52,8.91,182.83,8.91,182.83,{"v":0,"d":"0.00"},182.83,{"v":0,"d":"0.00"}]
["","","","","","","",{"v":0,"d":"0.00"},{"v":0,"d":"0.00"},{"v":0,"d":"0.00"},{"v":0,"d":"0.00"}]
["本  页  合  计(元)","","","","","","",{"v":285.3,"d":"285.30"},{"v":0,"d":"0.00"},{"v":285.3,"d":"285.30"},{"v":0,"d":"0.00"}]
["累    计(元)","","","","","","",{"v":2270.5,"d":"2270.50"},{"v":0,"d":"0.00"},{"v":2270.5,"d":"2270.50"},{"v":0,"d":"0.00"}]
["注: 1.清单直接费指标=累计金额/数量","","","","","","","","","",""]
["    2.采用一般计税法时，材料、机械台班单价均执行除税单价;安装工程材料费中已包含主材费和设备费用.","","","","","","","","","",""]
["    3.采用简易计税法时，材料、机械台班单价均执行含税单价;安装工程材料费中已包含主材费和设备费用.","","","","","","","","","",""]
["    4.本表用于分部分项工程和能计量的措施项目清单与计价.","","","","","","","","","",""]
["","","","","","","","投标人:","","(盖章)",""]
["","","","","","","","法定代表人或委托代理人:","","(签章或盖章)",""]
["","","","","","","","注册造价工程师:","","(签字并盖造价工程师执业专业章)",""]
["","","","","","","","编制时间:","","2020-08-31",""]
["E.3 清单项目直接费用预算表(招标控制价)\n(一般计税法)","","","","","","","","","",""]
["工程名称:交通设施   标段:","","","","","","","","","第11页、共16页",""]
["清单编码","040205004110","名称","单立柱注意行人标志    \r\n1.钢管立柱:φ89×4.5×3600;\r\n2.标志牌:三角形边长900（3mm厚铝底板，Ⅴ类反光膜,安装好）;\r\n3.C25砼基础;\r\n4.其他按设计图纸要求施工;\r\n5.品牌质量达到交警支队验收标准。\r\n6.钢结构设计要求：热镀锌处理；","","计量单位","套","数量",{"v":1,"d":"1.00"},"直接费用指标",1524.75]
["消耗量标准编号","项目名称","单位","数量","基期价","","市场价","","","",""]
["","","","","单价","小计","单价","小计","其中","",""]
["","","","","","","","","人工费","材料费","机械费"]
["CB008","小标志立杆等钢结构","kg",53.79,9.51,511.65,9.51,511.65,{"v":0,"d":"0.00"},511.65,{"v":0,"d":"0.00"}]
["CB012","钻石级反光标志(铝板3mm)","m2",0.53,{"v":820,"d":"820.00"},{"v":434.6,"d":"434.60"},{"v":820,"d":"820.00"},{"v":434.6,"d":"434.60"},{"v":0,"d":"0.00"},{"v":434.6,"d":"434.60"},{"v":0,"d":"0.00"}]
["CB004","基础C25砼(含模板）","m3",0.504,581.74,{"v":293.2,"d":"293.20"},581.74,{"v":293.2,"d":"293.20"},{"v":0,"d":"0.00"},{"v":293.2,"d":"293.20"},{"v":0,"d":"0.00"}]
["本  页  合  计(元)","","","","","","",1239.45,{"v":0,"d":"0.00"},1239.45,{"v":0,"d":"0.00"}]
["","","","","","","",{"v":0,"d":"0.00"},{"v":0,"d":"0.00"},{"v":0,"d":"0.00"},{"v":0,"d":"0.00"}]
["注: 1.清单直接费指标=累计金额/数量","","","","","","","","","",""]
["    2.采用一般计税法时，材料、机械台班单价均执行除税单价;安装工程材料费中已包含主材费和设备费用.","","","","","","","","","",""]
["    3.采用简易计税法时，材料、机械台班单价均执行含税单价;安装工程材料费中已包含主材费和设备费用.","","","","","","","","","",""]
["    4.本表用于分部分项工程和能计量的措施项目清单与计价.","","","","","","","","","",""]
["","","","","","","","投标人:","","(盖章)",""]
["","","","","","","","法定代表人或委托代理人:","","(签章或盖章)",""]
["","","","","","","","注册造价工程师:","","(签字并盖造价工程师执业专业章)",""]
["","","","","","","","编制时间:","","2020-08-31",""]
["E.3 清单项目直接费用预算表(招标控制价)\n(一般计税法)","","","","","","","","","",""]
["工程名称:交通设施   标段:","","","","","","","","","第12页、共16页",""]
["CB005","基础土方（挖运填综合考虑）","m3",0.504,{"v":50,"d":"50.00"},{"v":25.2,"d":"25.20"},{"v":50,"d":"50.00"},{"v":25.2,"d":"25.20"},{"v":0,"d":"0.00"},{"v":25.2,"d":"25.20"},{"v":0,"d":"0.00"}]
["CB006","基础钢筋","kg",11.28,6.85,77.27,6.85,77.27,{"v":0,"d":"0.00"},77.27,{"v":0,"d":"0.00"}]
["CB0010","预埋铁件","kg",20.52,8.91,182.83,8.91,182.83,{"v":0,"d":"0.00"},182.83,{"v":0,"d":"0.00"}]
["","","","","","","",{"v":0,"d":"0.00"},{"v":0,"d":"0.00"},{"v":0,"d":"0.00"},{"v":0,"d":"0.00"}]
["本  页  合  计(元)","","","","","","",{"v":285.3,"d":"285.30"},{"v":0,"d":"0.00"},{"v":285.3,"d":"285.30"},{"v":0,"d":"0.00"}]
["累    计(元)","","","","","","",1524.75,{"v":0,"d":"0.00"},1524.75,{"v":0,"d":"0.00"}]
["注: 1.清单直接费指标=累计金额/数量","","","","","","","","","",""]
["    2.采用一般计税法时，材料、机械台班单价均执行除税单价;安装工程材料费中已包含主材费和设备费用.","","","","","","","","","",""]
["    3.采用简易计税法时，材料、机械台班单价均执行含税单价;安装工程材料费中已包含主材费和设备费用.","","","","","","","","","",""]
["    4.本表用于分部分项工程和能计量的措施项目清单与计价.","","","","","","","","","",""]
["","","","","","","","投标人:","","(盖章)",""]
["","","","","","","","法定代表人或委托代理人:","","(签章或盖章)",""]
["","","","","","","","注册造价工程师:","","(签字并盖造价工程师执业专业章)",""]
["","","","","","","","编制时间:","","2020-08-31",""]
["E.3 清单项目直接费用预算表(招标控制价)\n(一般计税法)","","","","","","","","","",""]
["工程名称:交通设施   标段:","","","","","","","","","第13页、共16页",""]
["清单编码","040205004101","名称","爱心斑马线","","计量单位","m2","数量",{"v":84,"d":"84.00"},"直接费用指标",427.23]
["消耗量标准编号","项目名称","单位","数量","基期价","","市场价","","","",""]
["","","","","单价","小计","单价","小计","其中","",""]
["","","","","","","","","人工费","材料费","机械费"]
["BC00001","爱心斑马线","m2",{"v":84,"d":"84.00"},127.23,10687.32,127.23,10687.32,{"v":0,"d":"0.00"},10687.32,{"v":0,"d":"0.00"}]
["BC00002","专用模板（冷轧钢板18mm）","m2",{"v":84,"d":"84.00"},{"v":300,"d":"300.00"},{"v":25200,"d":"25200.00"},{"v":300,"d":"300.00"},{"v":25200,"d":"25200.00"},{"v":0,"d":"0.00"},{"v":25200,"d":"25200.00"},{"v":0,"d":"0.00"}]
["","","","","","","",{"v":0,"d":"0.00"},{"v":0,"d":"0.00"},{"v":0,"d":"0.00"},{"v":0,"d":"0.00"}]
["本  页  合  计(元)","","","","","","",35887.32,{"v":0,"d":"0.00"},35887.32,{"v":0,"d":"0.00"}]
["累    计(元)","","","","","","",35887.32,{"v":0,"d":"0.00"},35887.32,{"v":0,"d":"0.00"}]
["注: 1.清单直接费指标=累计金额/数量","","","","","","","","","",""]
["    2.采用一般计税法时，材料、机械台班单价均执行除税单价;安装工程材料费中已包含主材费和设备费用.","","","","","","","","","",""]
["    3.采用简易计税法时，材料、机械台班单价均执行含税单价;安装工程材料费中已包含主材费和设备费用.","","","","","","","","","",""]
["    4.本表用于分部分项工程和能计量的措施项目清单与计价.","","","","","","","","","",""]
["","","","","","","","投标人:","","(盖章)",""]
["","","","","","","","法定代表人或委托代理人:","","(签章或盖章)",""]
["","","","","","","","注册造价工程师:","","(签字并盖造价工程师执业专业章)",""]
["","","","","","","","编制时间:","","2020-08-31",""]
["E.3 清单项目直接费用预算表(招标控制价)\n(一般计税法)","","","","","","","","","",""]
["工程名称:交通设施   标段:","","","","","","","","","第14页、共16页",""]
["清单编码","040205004109","名称","中央隔离护栏（百川护栏）","","计量单位","m","数量",{"v":141,"d":"141.00"},"直接费用指标",{"v":410,"d":"410.00"}]
["消耗量标准编号","项目名称","单位","数量","基期价","","市场价","","","",""]
["","","","","单价","小计","单价","小计","其中","",""]
["","","","","","","","","人工费","材料费","机械费"]
["BC00003","中央隔离护栏（百川护栏）","m",{"v":141,"d":"141.00"},{"v":410,"d":"410.00"},{"v":57810,"d":"57810.00"},{"v":410,"d":"410.00"},{"v":57810,"d":"57810.00"},{"v":0,"d":"0.00"},{"v":57810,"d":"57810.00"},{"v":0,"d":"0.00"}]
["","","","","","","",{"v":0,"d":"0.00"},{"v":0,"d":"0.00"},{"v":0,"d":"0.00"},{"v":0,"d":"0.00"}]
["本  页  合  计(元)","","","","","","",{"v":57810,"d":"57810.00"},{"v":0,"d":"0.00"},{"v":57810,"d":"57810.00"},{"v":0,"d":"0.00"}]
["累    计(元)","","","","","","",{"v":57810,"d":"57810.00"},{"v":0,"d":"0.00"},{"v":57810,"d":"57810.00"},{"v":0,"d":"0.00"}]
["注: 1.清单直接费指标=累计金额/数量","","","","","","","","","",""]
["    2.采用一般计税法时，材料、机械台班单价均执行除税单价;安装工程材料费中已包含主材费和设备费用.","","","","","","","","","",""]
["    3.采用简易计税法时，材料、机械台班单价均执行含税单价;安装工程材料费中已包含主材费和设备费用.","","","","","","","","","",""]
["    4.本表用于分部分项工程和能计量的措施项目清单与计价.","","","","","","","","","",""]
["","","","","","","","投标人:","","(盖章)",""]
["","","","","","","","法定代表人或委托代理人:","","(签章或盖章)",""]
["","","","","","","","注册造价工程师:","","(签字并盖造价工程师执业专业章)",""]
["","","","","","","","编制时间:","","2020-08-31",""]
["E.3 清单项目直接费用预算表(招标控制价)\n(一般计税法)","","","","","","","","","",""]
["工程名称:交通设施   标段:","","","","","","","","","第15页、共16页",""]
["清单编码","040205004112","名称","拆除人行道","","计量单位","项","数量",{"v":1,"d":"1.00"},"直接费用指标",201.03]
["消耗量标准编号","项目名称","单位","数量","基期价","","市场价","","","",""]
["","","","","单价","小计","单价","小计","其中","",""]
["","","","","","","","","人工费","材料费","机械费"]
["D9-30","拆除人行道 普通粘土砖 平铺","100m2",0.032,{"v":172.2,"d":"172.20"},5.42,{"v":270.6,"d":"270.60"},8.52,8.52,{"v":0,"d":"0.00"},{"v":0,"d":"0.00"}]
["D9-58","拆除钢筋混凝土构筑物 人工拆除 无筋","10m3",0.047,{"v":1023.4,"d":"1023.40"},48.36,{"v":1608.2,"d":"1608.20"},75.99,75.99,{"v":0,"d":"0.00"},{"v":0,"d":"0.00"}]
["D9-13","拆除道路基层或面层 碎(砾)石 厚15cm内","100m2",0.032,{"v":718.9,"d":"718.90"},22.65,{"v":1129.7,"d":"1129.70"},35.59,35.59,{"v":0,"d":"0.00"},{"v":0,"d":"0.00"}]
["D1-1","人工挖土方 一般土方 普通土","100m3",0.013,{"v":1344.7,"d":"1344.70"},17.79,{"v":2113.1,"d":"2113.10"},27.96,27.96,{"v":0,"d":"0.00"},{"v":0,"d":"0.00"}]
["D1-88","人工运石碴 双轮斗车运 50m以内","100m3",0.009,{"v":2062.2,"d":"2062.20"},19.49,{"v":3240.6,"d":"3240.60"},30.62,30.62,{"v":0,"d":"0.00"},{"v":0,"d":"0.00"}]
["D1-24","双轮斗车运土 运距50m内","100m3",0.013,{"v":1075.2,"d":"1075.20"},14.22,{"v":1689.6,"d":"1689.60"},22.35,22.35,{"v":0,"d":"0.00"},{"v":0,"d":"0.00"}]
["","","","","","","",{"v":0,"d":"0.00"},{"v":0,"d":"0.00"},{"v":0,"d":"0.00"},{"v":0,"d":"0.00"}]
["本  页  合  计(元)","","","","","","",201.03,201.03,{"v":0,"d":"0.00"},{"v":0,"d":"0.00"}]
["累    计(元)","","","","","","",201.03,201.03,{"v":0,"d":"0.00"},{"v":0,"d":"0.00"}]
["注: 1.清单直接费指标=累计金额/数量","","","","","","","","","",""]
["    2.采用一般计税法时，材料、机械台班单价均执行除税单价;安装工程材料费中已包含主材费和设备费用.","","","","","","","","","",""]
["    3.采用简易计税法时，材料、机械台班单价均执行含税单价;安装工程材料费中已包含主材费和设备费用.","","","","","","","","","",""]
["    4.本表用于分部分项工程和能计量的措施项目清单与计价.","","","","","","","","","",""]
["","","","","","","","投标人:","","(盖章)",""]
["","","","","","","","法定代表人或委托代理人:","","(签章或盖章)",""]
["","","","","","","","注册造价工程师:","","(签字并盖造价工程师执业专业章)",""]
["","","","","","","","编制时间:","","2020-08-31",""]
["E.3 清单项目直接费用预算表(招标控制价)\n(一般计税法)","","","","","","","","","",""]
["工程名称:交通设施   标段:","","","","","","","","","第16页、共16页",""]
["清单编码","040205004111","名称","恢复人行道","","计量单位","m2","数量",3.15,"直接费用指标",217.81]
["消耗量标准编号","项目名称","单位","数量","基期价","","市场价","","","",""]
["","","","","单价","小计","单价","小计","其中","",""]
["","","","","","","","","人工费","材料费","机械费"]
["D2-131 + D2-132*(-5)换","碎石底层 人工铺装 厚度20cm~15","100m2",0.032,2857.36,90.01,4775.68,150.43,30.01,116.28,4.15]
["BD2-12 + BD2-13 *7换","透水水泥混凝土路面底层 厚8cm~15","100m2",0.032,9092.13,{"v":286.4,"d":"286.40"},9740.12,306.81,55.79,210.74,40.28]
["D2-242换","人行道板安砌 广场砖~ 换:5cm透水烧结砖~ 换:天然中砂~ 换:砂子 中砂","100m2",0.032,5702.91,179.64,7264.72,228.84,110.46,117.05,1.33]
["","","","","","","",{"v":0,"d":"0.00"},{"v":0,"d":"0.00"},{"v":0,"d":"0.00"},{"v":0,"d":"0.00"}]
["本  页  合  计(元)","","","","","","",686.09,196.26,444.07,45.76]
["累    计(元)","","","","","","",686.09,196.26,444.07,45.76]
["注: 1.清单直接费指标=累计金额/数量","","","","","","","","","",""]
["    2.采用一般计税法时，材料、机械台班单价均执行除税单价;安装工程材料费中已包含主材费和设备费用.","","","","","","","","","",""]
["    3.采用简易计税法时，材料、机械台班单价均执行含税单价;安装工程材料费中已包含主材费和设备费用.","","","","","","","","","",""]
["    4.本表用于分部分项工程和能计量的措施项目清单与计价.","","","","","","","","","",""]
["","","","","","","","投标人:","","(盖章)",""]
["","","","","","","","法定代表人或委托代理人:","","(签章或盖章)",""]
["","","","","","","","注册造价工程师:","","(签字并盖造价工程师执业专业章)",""]
["","","","","","","","编制时间:","","2020-08-31",""]

{"sheet":"E.4 分部分项清单项目人材机用量与单价表(160号YT)","index":6,"n_rows":252,"n_cols":10,"rows_kept":252,"merged":[[0,0,0,2],[1,0,1,9],[2,0,2,5],[2,8,2,9],[3,0,3,1],[3,7,3,8],[4,0,4,1],[4,2,4,5],[4,7,4,8],[5,0,6,0],[5,1,6,1],[5,2,6,2],[5,3,6,3],[5,4,6,4],[5,5,6,5],[5,6,5,7],[5,8,6,8],[5,9,6,9],[11,1,11,2],[12,1,12,2],[13,1,13,2],[15,4,15,5],[15,6,15,9],[16,3,16,5],[16,6,16,9],[17,4,17,5],[17,6,17,9],[18,4,18,5],[18,6,18,9],[20,0,20,2],[21,0,21,9],[22,0,22,5],[22,8,22,9],[23,0,23,1],[23,7,23,8],[24,0,24,1],[24,2,24,5],[24,7,24,8],[25,0,26,0],[25,1,26,1],[25,2,26,2],[25,3,26,3],[25,4,26,4],[25,5,26,5],[25,6,25,7],[25,8,26,8],[25,9,26,9],[31,1,31,2],[32,1,32,2],[33,1,33,2],[35,4,35,5],[35,6,35,9],[36,3,36,5],[36,6,36,9],[37,4,37,5],[37,6,37,9],[38,4,38,5],[38,6,38,9],[40,0,40,2],[41,0,41,9],[42,0,42,5],[42,8,42,9],[43,0,43,1],[43,7,43,8],[44,0,44,1],[44,2,44,5],[44,7,44,8],[45,0,46,0],[45,1,46,1],[45,2,46,2],[45,3,46,3],[45,4,46,4],[45,5,46,5],[45,6,45,7],[45,8,46,8],[45,9,46,9],[51,1,51,2],[52,1,52,2],[53,1,53,2],[55,4,55,5],[55,6,55,9],[56,3,56,5],[56,6,56,9],[57,4,57,5],[57,6,57,9],[58,4,58,5],[58,6,58,9],[60,0,60,2],[61,0,61,9],[62,0,62,5],[62,8,62,9],[63,0,63,1],[63,7,63,8],[64,0,64,1],[64,2,64,5],[64,7,64,8],[65,0,66,0],[65,1,66,1],[65,2,66,2],[65,3,66,3],[65,4,66,4],[65,5,66,5],[65,6,65,7],[65,8,66,8],[65,9,66,9],[71,1,71,2],[72,1,72,2],[73,1,73,2],[75,4,75,5],[75,6,75,9],[76,3,76,5],[76,6,76,9],[77,4,77,5],[77,6,77,9],[78,4,78,5],[78,6,78,9],[80,0,80,2],[81,0,81,9],[82,0,82,5],[82,8,82,9],[83,0,83,1],[83,7,83,8],[84,0,84,1],[84,2,84,5],[84,7,84,8],[85,0,86,0],[85,1,86,1],[85,2,86,2],[85,3,86,3],[85,4,86,4],[85,5,86,5],[85,6,85,7],[85,8,86,8],[85,9,86,9],[90,1,90,2],[91,1,91,2],[92,1,92,2],[94,4,94,5],[94,6,94,9],[95,3,95,5],[95,6,95,9],[96,4,96,5],[96,6,96,9],[97,4,97,5],[97,6,97,9],[99,0,99,2],[100,0,100,9],[101,0,101,5],[101,8,101,9],[102,0,102,1],[102,7,102,8],[103,0,103,1],[103,2,103,5],[103,7,103,8],[104,0,105,0],[104,1,105,1],[104,2,105,2],[104,3,105,3],[104,4,105,4],[104,5,105,5],[104,6,104,7],[104,8,105,8],[104,9,105,9],[109,1,109,2],[110,1,110,2],[111,1,111,2],[113,4,113,5],[113,6,113,9],[114,3,114,5],[114,6,114,9],[115,4,115,5],[115,6,115,9],[116,4,116,5],[116,6,116,9],[118,0,118,2],[119,0,119,9],[120,0,120,5],[120,8,120,9],[121,0,121,1],[121,7,121,8],[122,0,122,1],[122,2,122,5],[122,7,122,8],[123,0,124,0],[123,1,124,1],[123,2,124,2],[123,3,124,3],[123,4,124,4],[123,5,124,5],[123,6,123,7],[123,8,124,8],[123,9,124,9],[128,1,128,2],[129,1,129,2],[130,1,130,2],[132,4,132,5],[132,6,132,9],[133,3,133,5],[133,6,133,9],[134,4,134,5],[134,6,134,9],[135,4,135,5],[135,6,135,9],[137,0,137,2],[138,0,138,9],[139,0,139,5],[139,8,139,9],[140,0,140,1],[140,7,140,8],[141,0,141,1],[141,2,141,5],[141,7,141,8],[142,0,143,0],[142,1,143,1],[142,2,143,2],[142,3,143,3],[142,4,143,4],[142,5,143,5],[142,6,142,7],[142,8,143,8],[142,9,143,9],[147,1,147,2],[148,1,148,2],[149,1,149,2],[151,4,151,5],[151,6,151,9],[152,3,152,5],[152,6,152,9],[153,4,153,5],[153,6,153,9],[154,4,154,5],[154,6,154,9],[156,0,156,2],[157,0,157,9],[158,0,158,5],[158,8,158,9],[159,0,159,1],[159,7,159,8],[160,0,160,1],[160,2,160,5],[160,7,160,8],[161,0,162,0],[161,1,162,1],[161,2,162,2],[161,3,162,3],[161,4,162,4],[161,5,162,5],[161,6,161,7],[161,8,162,8],[161,9,162,9],[168,1,168,2],[169,1,169,2],[170,1,170,2],[172,4,172,5],[172,6,172,9],[173,3,173,5],[173,6,173,9],[174,4,174,5],[174,6,174,9],[175,4,175,5],[175,6,175,9],[177,0,177,2],[178,0,178,9],[179,0,179,5],[179,8,179,9],[180,0,180,1],[180,7,180,8],[181,0,181,1],[181,2,181,5],[181,7,181,8],[182,0,183,0],[182,1,183,1],[182,2,183,2],[182,3,183,3],[182,4,183,4],[182,5,183,5],[182,6,182,7],[182,8,183,8],[182,9,183,9],[188,1,188,2],[189,1,189,2],[190,1,190,2],[192,4,192,5],[192,6,192,9],[193,3,193,5],[193,6,193,9],[194,4,194,5],[194,6,194,9],[195,4,195,5],[195,6,195,9],[197,0,197,2],[198,0,198,9],[199,0,199,5],[199,8,199,9],[200,0,200,1],[200,7,200,8],[201,0,201,1],[201,2,201,5],[201,7,201,8],[202,0,203,0],[202,1,203,1],[202,2,203,2],[202,3,203,3],[202,4,203,4],[202,5,203,5],[202,6,202,7],[202,8,203,8],[202,9,203,9],[208,1,208,2],[209,1,209,2],[210,1,210,2],[212,4,212,5],[212,6,212,9],[213,3,213,5],[213,6,213,9],[214,4,214,5],[214,6,214,9],[215,4,215,5],[215,6,215,9],[217,0,217,2],[218,0,218,9],[219,0,219,5],[219,8,219,9],[220,0,220,1],[220,7,220,8],[221,0,221,1],[221,2,221,5],[221,7,221,8],[222,0,223,0],[222,1,223,1],[222,2,223,2],[222,3,223,3],[222,4,223,4],[222,5,223,5],[222,6,222,7],[222,8,223,8],[222,9,223,9],[243,1,243,2],[244,1,244,2],[245,1,245,2],[247,4,247,5],[247,6,247,9],[248,3,248,5],[248,6,248,9],[249,4,249,5],[249,6,249,9],[250,4,250,5],[250,6,250,9]],"flags":["formulas_cached_only"]}
["","","","","","","","","",""]
["E.4 清单项目人材机用量与单价表(招标控制价)\n(一般计税法)","","","","","","","","",""]
["工程名称:交通设施","","","","","","标段:","","第1页、共12页",""]
["清单编号:","","040205006003","","","","单位:","m2","",""]
["清单名称:","","高压水洗挫除标线","","","","数量:","75.2","",""]
["序号","编码","名称(材料、机械规格型号)","单位","数量","基期价(元)","市场价(元)","","合价(元)","备注"]
["","","","","","","含税","除税","",""]
["","","","",{"v":0,"d":"0.00"},{"v":0,"d":"0.00"},{"v":0,"d":"0.00"},{"v":0,"d":"0.00"},{"v":0,"d":"0.00"},{"v":0,"d":"0.00"}]
["1","BC000032","补充材料32","m2",{"v":75.2,"d":"75.20"},{"v":48,"d":"48.00"},{"v":48,"d":"48.00"},{"v":48,"d":"48.00"},{"v":3609.6,"d":"3609.60"},{"v":0,"d":"0.00"}]
["","","","",{"v":0,"d":"0.00"},{"v":0,"d":"0.00"},{"v":0,"d":"0.00"},{"v":0,"d":"0.00"},{"v":0,"d":"0.00"},{"v":0,"d":"0.00"}]
["","","","",{"v":0,"d":"0.00"},{"v":0,"d":"0.00"},{"v":0,"d":"0.00"},{"v":0,"d":"0.00"},{"v":0,"d":"0.00"},{"v":0,"d":"0.00"}]
["","累    计","","",{"v":0,"d":"0.000"},{"v":0,"d":"0.00"},{"v":0,"d":"0.00"},{"v":0,"d":"0.00"},{"v":0,"d":"0.00"},{"v":0,"d":"0.00"}]
["","本  页  合  计","","","",{"v":0,"d":"0.00"},{"v":0,"d":"0.00"},{"v":0,"d":"0.00"},{"v":3609.6,"d":"3609.60"},""]
["","累    计","","","","",{"v":0,"d":"0.00"},{"v":0,"d":"0.00"},{"v":3609.6,"d":"3609.60"},""]
["","","","","","","","","",""]
["","","","",{"v":0,"d":"0.00"},{"v":0,"d":"0.00"},"(盖章)","","",""]
["","","","法定代表人或委托代理人:",{"v":0,"d":"0.00"},{"v":0,"d":"0.00"},"(签章或盖章)","","",""]
["","","","","注册造价工程师:","","(签字并盖造价工程师执业专业章)","","",""]
["","","","","编制时间:","","2020-08-31","","",""]
["","","","",{"v":0,"d":"0.00"},{"v":0,"d":"0.00"},"","","",""]
["","","","","","","","","",""]
["E.4 清单项目人材机用量与单价表(招标控制价)\n(一般计税法)","","","","","","","","",""]
["工程名称:交通设施","","","","","","标段:","","第2页、共12页",""]
["清单编号:","","040205006001","","","","单位:","m2","",""]
["清单名称:","","标线","","","","数量:","286.8","",""]
["序号","编码","名称(材料、机械规格型号)","单位","数量","基期价(元)","市场价(元)","","合价(元)","备注"]
["","","","","","","含税","除税","",""]
["","","","",{"v":0,"d":"0.00"},{"v":0,"d":"0.00"},{"v":0,"d":"0.00"},{"v":0,"d":"0.00"},{"v":0,"d":"0.00"},{"v":0,"d":"0.00"}]
["1","BC000032","补充材料32","m2",{"v":286.8,"d":"286.80"},{"v":48,"d":"48.00"},{"v":48,"d":"48.00"},{"v":48,"d":"48.00"},{"v":13766.4,"d":"13766.40"},{"v":0,"d":"0.00"}]
["","","","",{"v":0,"d":"0.00"},{"v":0,"d":"0.00"},{"v":0,"d":"0.00"},{"v":0,"d":"0.00"},{"v":0,"d":"0.00"},{"v":0,"d":"0.00"}]
["","","","",{"v":0,"d":"0.00"},{"v":0,"d":"0.00"},{"v":0,"d":"0.00"},{"v":0,"d":"0.00"},{"v":0,"d":"0.00"},{"v":0,"d":"0.00"}]
["","累    计","","",{"v":0,"d":"0.000"},{"v":0,"d":"0.00"},{"v":0,"d":"0.00"},{"v":0,"d":"0.00"},{"v":0,"d":"0.00"},{"v":0,"d":"0.00"}]
["","本  页  合  计","","","",{"v":0,"d":"0.00"},{"v":0,"d":"0.00"},{"v":0,"d":"0.00"},{"v":13766.4,"d":"13766.40"},""]
["","累    计","","","","",{"v":0,"d":"0.00"},{"v":0,"d":"0.00"},{"v":13766.4,"d":"13766.40"},""]
["","","","","","","","","",""]
["","","","",{"v":0,"d":"0.00"},{"v":0,"d":"0.00"},"(盖章)","","",""]
["","","","法定代表人或委托代理人:",{"v":0,"d":"0.00"},{"v":0,"d":"0.00"},"(签章或盖章)","","",""]
["","","","","注册造价工程师:","","(签字并盖造价工程师执业专业章)","","",""]
["","","","","编制时间:","","2020-08-31","","",""]
["","","","",{"v":0,"d":"0.00"},{"v":0,"d":"0.00"},"","","",""]
["","","","","","","","","",""]
["E.4 清单项目人材机用量与单价表(招标控制价)\n(一般计税法)","","","","","","","","",""]
["工程名称:交通设施","","","","","","标段:","","第3页、共12页",""]
["清单编号:","","040205006002","","","","单位:","m2","",""]
["清单名称:","","振动标线","","","","数量:","29.02","",""]
["序号","编码","名称(材料、机械规格型号)","单位","数量","基期价(元)","市场价(元)","","合价(元)","备注"]
["","","","","","","含税","除税","",""]
["","","","",{"v":0,"d":"0.00"},{"v":0,"d":"0.00"},{"v":0,"d":"0.00"},{"v":0,"d":"0.00"},{"v":0,"d":"0.00"},{"v":0,"d":"0.00"}]
["1","BC000033","补充材料33","m2",29.02,{"v":150,"d":"150.00"},{"v":150,"d":"150.00"},{"v":150,"d":"150.00"},{"v":4353,"d":"4353.00"},{"v":0,"d":"0.00"}]
["","","","",{"v":0,"d":"0.00"},{"v":0,"d":"0.00"},{"v":0,"d":"0.00"},{"v":0,"d":"0.00"},{"v":0,"d":"0.00"},{"v":0,"d":"0.00"}]
["","","","",{"v":0,"d":"0.00"},{"v":0,"d":"0.00"},{"v":0,"d":"0.00"},{"v":0,"d":"0.00"},{"v":0,"d":"0.00"},{"v":0,"d":"0.00"}]
["","累    计","","",{"v":0,"d":"0.000"},{"v":0,"d":"0.00"},{"v":0,"d":"0.00"},{"v":0,"d":"0.00"},{"v":0,"d":"0.00"},{"v":0,"d":"0.00"}]
["","本  页  合  计","","","",{"v":0,"d":"0.00"},{"v":0,"d":"0.00"},{"v":0,"d":"0.00"},{"v":4353,"d":"4353.00"},""]
["","累    计","","","","",{"v":0,"d":"0.00"},{"v":0,"d":"0.00"},{"v":4353,"d":"4353.00"},""]
["","","","","","","","","",""]
["","","","",{"v":0,"d":"0.00"},{"v":0,"d":"0.00"},"(盖章)","","",""]
["","","","法定代表人或委托代理人:",{"v":0,"d":"0.00"},{"v":0,"d":"0.00"},"(签章或盖章)","","",""]
["","","","","注册造价工程师:","","(签字并盖造价工程师执业专业章)","","",""]
["","","","","编制时间:","","2020-08-31","","",""]
["","","","",{"v":0,"d":"0.00"},{"v":0,"d":"0.00"},"","","",""]
["","","","","","","","","",""]
["E.4 清单项目人材机用量与单价表(招标控制价)\n(一般计税法)","","","","","","","","",""]
["工程名称:交通设施","","","","","","标段:","","第4页、共12页",""]
["清单编号:","","040205004102","","","","单位:","m2","",""]
["清单名称:","","彩色陶粒面层铺装","","","","数量:","65","",""]
["序号","编码","名称(材料、机械规格型号)","单位","数量","基期价(元)","市场价(元)","","合价(元)","备注"]
["","","","","","","含税","除税","",""]
["","","","",{"v":0,"d":"0.00"},{"v":0,"d":"0.00"},{"v":0,"d":"0.00"},{"v":0,"d":"0.00"},{"v":0,"d":"0.00"},{"v":0,"d":"0.00"}]
["1","BC000039","补充材料39","",{"v":65,"d":"65.00"},{"v":190,"d":"190.00"},{"v":190,"d":"190.00"},{"v":190,"d":"190.00"},{"v":12350,"d":"12350.00"},{"v":0,"d":"0.00"}]
["","","","",{"v":0,"d":"0.00"},{"v":0,"d":"0.00"},{"v":0,"d":"0.00"},{"v":0,"d":"0.00"},{"v":0,"d":"0.00"},{"v":0,"d":"0.00"}]
["","","","",{"v":0,"d":"0.00"},{"v":0,"d":"0.00"},{"v":0,"d":"0.00"},{"v":0,"d":"0.00"},{"v":0,"d":"0.00"},{"v":0,"d":"0.00"}]
["","累    计","","",{"v":0,"d":"0.000"},{"v":0,"d":"0.00"},{"v":0,"d":"0.00"},{"v":0,"d":"0.00"},{"v":0,"d":"0.00"},{"v":0,"d":"0.00"}]
["","本  页  合  计","","","",{"v":0,"d":"0.00"},{"v":0,"d":"0.00"},{"v":0,"d":"0.00"},{"v":12350,"d":"12350.00"},""]
["","累    计","","","","",{"v":0,"d":"0.00"},{"v":0,"d":"0.00"},{"v":12350,"d":"12350.00"},""]
["","","","","","","","","",""]
["","","","",{"v":0,"d":"0.00"},{"v":0,"d":"0.00"},"(盖章)","","",""]
["","","","法定代表人或委托代理人:",{"v":0,"d":"0.00"},{"v":0,"d":"0.00"},"(签章或盖章)","","",""]
["","","","","注册造价工程师:","","(签字并盖造价工程师执业专业章)","","",""]
["","","","","编制时间:","","2020-08-31","","",""]
["","","","",{"v":0,"d":"0.00"},{"v":0,"d":"0.00"},"","","",""]
["","","","","","","","","",""]
["E.4 清单项目人材机用量与单价表(招标控制价)\n(一般计税法)","","","","","","","","",""]
["工程名称:交通设施","","","","","","标段:","","第5页、共12页",""]
["清单编号:","","040205004106","","","","单位:","套","",""]
["清单名称:","","单立柱急弯警告标志    \r\n1.钢管立柱:φ89×4.5×3600;\r\n2.标志牌:三角形边长900（3mm厚铝底板，Ⅴ类反光膜,安装好）;\r\n3.C25砼基础;\r\n4.其他按设计图纸要求施工;\r\n5.品牌质量达到交警支队验收标准。\r\n6.钢结构设计要求：热镀锌处理；","","","","数量:","1","",""]
["序号","编码","名称(材料、机械规格型号)","单位","数量","基期价(元)","市场价(元)","","合价(元)","备注"]
["","","","","","","含税","除税","",""]
["","","","",{"v":0,"d":"0.00"},{"v":0,"d":"0.00"},{"v":0,"d":"0.00"},{"v":0,"d":"0.00"},{"v":0,"d":"0.00"},{"v":0,"d":"0.00"}]
["","","","",{"v":0,"d":"0.00"},{"v":0,"d":"0.00"},{"v":0,"d":"0.00"},{"v":0,"d":"0.00"},{"v":0,"d":"0.00"},{"v":0,"d":"0.00"}]
["","","","",{"v":0,"d":"0.00"},{"v":0,"d":"0.00"},{"v":0,"d":"0.00"},{"v":0,"d":"0.00"},{"v":0,"d":"0.00"},{"v":0,"d":"0.00"}]
["","累    计","","",{"v":0,"d":"0.000"},{"v":0,"d":"0.00"},{"v":0,"d":"0.00"},{"v":0,"d":"0.00"},{"v":0,"d":"0.00"},{"v":0,"d":"0.00"}]
["","本  页  合  计","","","",{"v":0,"d":"0.00"},{"v":0,"d":"0.00"},{"v":0,"d":"0.00"},{"v":0,"d":"0.00"},""]
["","累    计","","","","",{"v":0,"d":"0.00"},{"v":0,"d":"0.00"},{"v":0,"d":"0.00"},""]
["","","","","","","","","",""]
["","","","",{"v":0,"d":"0.00"},{"v":0,"d":"0.00"},"(盖章)","","",""]
["","","","法定代表人或委托代理人:",{"v":0,"d":"0.00"},{"v":0,"d":"0.00"},"(签章或盖章)","","",""]
["","","","","注册造价工程师:","","(签字并盖造价工程师执业专业章)","","",""]
["","","","","编制时间:","","2020-08-31","","",""]
["","","","",{"v":0,"d":"0.00"},{"v":0,"d":"0.00"},"","","",""]
["","","","","","","","","",""]
["E.4 清单项目人材机用量与单价表(招标控制价)\n(一般计税法)","","","","","","","","",""]
["工程名称:交通设施","","","","","","标段:","","第6页、共12页",""]
["清单编号:","","040205004107","","","","单位:","套","",""]
["清单名称:","","单立柱人行横道提示标志        \r\n1.钢管立柱:φ89×4.5×3600;\r\n2.标志牌:800×800（3mm厚铝底板，Ⅴ类反光膜,安装好）;\r\n3.C25砼基础;\r\n4.其他按设计图纸要求施工;\r\n5.品牌质量达到交警支队验收标准。\r\n6.钢结构设计要求：热镀锌处理；","","","","数量:","2","",""]
["序号","编码","名称(材料、机械规格型号)","单位","数量","基期价(元)","市场价(元)","","合价(元)","备注"]
["","","","","","","含税","除税","",""]
["","","","",{"v":0,"d":"0.00"},{"v":0,"d":"0.00"},{"v":0,"d":"0.00"},{"v":0,"d":"0.00"},{"v":0,"d":"0.00"},{"v":0,"d":"0.00"}]
["","","","",{"v":0,"d":"0.00"},{"v":0,"d":"0.00"},{"v":0,"d":"0.00"},{"v":0,"d":"0.00"},{"v":0,"d":"0.00"},{"v":0,"d":"0.00"}]
["","","","",{"v":0,"d":"0.00"},{"v":0,"d":"0.00"},{"v":0,"d":"0.00"},{"v":0,"d":"0.00"},{"v":0,"d":"0.00"},{"v":0,"d":"0.00"}]
["","累    计","","",{"v":0,"d":"0.000"},{"v":0,"d":"0.00"},{"v":0,"d":"0.00"},{"v":0,"d":"0.00"},{"v":0,"d":"0.00"},{"v":0,"d":"0.00"}]
["","本  页  合  计","","","",{"v":0,"d":"0.00"},{"v":0,"d":"0.00"},{"v":0,"d":"0.00"},{"v":0,"d":"0.00"},""]
["","累    计","","","","",{"v":0,"d":"0.00"},{"v":0,"d":"0.00"},{"v":0,"d":"0.00"},""]
["","","","","","","","","",""]
["","","","",{"v":0,"d":"0.00"},{"v":0,"d":"0.00"},"(盖章)","","",""]
["","","","法定代表人或委托代理人:",{"v":0,"d":"0.00"},{"v":0,"d":"0.00"},"(签章或盖章)","","",""]
["","","","","注册造价工程师:","","(签字并盖造价工程师执业专业章)","","",""]
["","","","","编制时间:","","2020-08-31","","",""]
["","","","",{"v":0,"d":"0.00"},{"v":0,"d":"0.00"},"","","",""]
["","","","","","","","","",""]
["E.4 清单项目人材机用量与单价表(招标控制价)\n(一般计税法)","","","","","","","","",""]
["工程名称:交通设施","","","","","","标段:","","第7页、共12页",""]
["清单编号:","","040205004108","","","","单位:","套","",""]
["清单名称:","","单立柱停车让行及右转标志         \r\n1.钢管立柱:φ89×4.5×4600;\r\n2.标志牌:Φ800+八角形800（3mm厚铝底板，Ⅴ类反光膜,安装好）;\r\n3.C25砼基础;\r\n4.其他按设计图纸要求施工;\r\n5.品牌质量达到交警支队验收标准。\r\n6.钢结构设计要求：热镀锌处理；","","","","数量:","1","",""]
["序号","编码","名称(材料、机械规格型号)","单位","数量","基期价(元)","市场价(元)","","合价(元)","备注"]
["","","","","","","含税","除税","",""]
["","","","",{"v":0,"d":"0.00"},{"v":0,"d":"0.00"},{"v":0,"d":"0.00"},{"v":0,"d":"0.00"},{"v":0,"d":"0.00"},{"v":0,"d":"0.00"}]
["","","","",{"v":0,"d":"0.00"},{"v":0,"d":"0.00"},{"v":0,"d":"0.00"},{"v":0,"d":"0.00"},{"v":0,"d":"0.00"},{"v":0,"d":"0.00"}]
["","","","",{"v":0,"d":"0.00"},{"v":0,"d":"0.00"},{"v":0,"d":"0.00"},{"v":0,"d":"0.00"},{"v":0,"d":"0.00"},{"v":0,"d":"0.00"}]
["","累    计","","",{"v":0,"d":"0.000"},{"v":0,"d":"0.00"},{"v":0,"d":"0.00"},{"v":0,"d":"0.00"},{"v":0,"d":"0.00"},{"v":0,"d":"0.00"}]
["","本  页  合  计","","","",{"v":0,"d":"0.00"},{"v":0,"d":"0.00"},{"v":0,"d":"0.00"},{"v":0,"d":"0.00"},""]
["","累    计","","","","",{"v":0,"d":"0.00"},{"v":0,"d":"0.00"},{"v":0,"d":"0.00"},""]
["","","","","","","","","",""]
["","","","",{"v":0,"d":"0.00"},{"v":0,"d":"0.00"},"(盖章)","","",""]
["","","","法定代表人或委托代理人:",{"v":0,"d":"0.00"},{"v":0,"d":"0.00"},"(签章或盖章)","","",""]
["","","","","注册造价工程师:","","(签字并盖造价工程师执业专业章)","","",""]
["","","","","编制时间:","","2020-08-31","","",""]
["","","","",{"v":0,"d":"0.00"},{"v":0,"d":"0.00"},"","","",""]
["","","","","","","","","",""]
["E.4 清单项目人材机用量与单价表(招标控制价)\n(一般计税法)","","","","","","","","",""]
["工程名称:交通设施","","","","","","标段:","","第8页、共12页",""]
["清单编号:","","040205004110","","","","单位:","套","",""]
["清单名称:","","单立柱注意行人标志    \r\n1.钢管立柱:φ89×4.5×3600;\r\n2.标志牌:三角形边长900（3mm厚铝底板，Ⅴ类反光膜,安装好）;\r\n3.C25砼基础;\r\n4.其他按设计图纸要求施工;\r\n5.品牌质量达到交警支队验收标准。\r\n6.钢结构设计要求：热镀锌处理；","","","","数量:","1","",""]
["序号","编码","名称(材料、机械规格型号)","单位","数量","基期价(元)","市场价(元)","","合价(元)","备注"]
["","","","","","","含税","除税","",""]
["","","","",{"v":0,"d":"0.00"},{"v":0,"d":"0.00"},{"v":0,"d":"0.00"},{"v":0,"d":"0.00"},{"v":0,"d":"0.00"},{"v":0,"d":"0.00"}]
["","","","",{"v":0,"d":"0.00"},{"v":0,"d":"0.00"},{"v":0,"d":"0.00"},{"v":0,"d":"0.00"},{"v":0,"d":"0.00"},{"v":0,"d":"0.00"}]
["","","","",{"v":0,"d":"0.00"},{"v":0,"d":"0.00"},{"v":0,"d":"0.00"},{"v":0,"d":"0.00"},{"v":0,"d":"0.00"},{"v":0,"d":"0.00"}]
["","累    计","","",{"v":0,"d":"0.000"},{"v":0,"d":"0.00"},{"v":0,"d":"0.00"},{"v":0,"d":"0.00"},{"v":0,"d":"0.00"},{"v":0,"d":"0.00"}]
["","本  页  合  计","","","",{"v":0,"d":"0.00"},{"v":0,"d":"0.00"},{"v":0,"d":"0.00"},{"v":0,"d":"0.00"},""]
["","累    计","","","","",{"v":0,"d":"0.00"},{"v":0,"d":"0.00"},{"v":0,"d":"0.00"},""]
["","","","","","","","","",""]
["","","","",{"v":0,"d":"0.00"},{"v":0,"d":"0.00"},"(盖章)","","",""]
["","","","法定代表人或委托代理人:",{"v":0,"d":"0.00"},{"v":0,"d":"0.00"},"(签章或盖章)","","",""]
["","","","","注册造价工程师:","","(签字并盖造价工程师执业专业章)","","",""]
["","","","","编制时间:","","2020-08-31","","",""]
["","","","",{"v":0,"d":"0.00"},{"v":0,"d":"0.00"},"","","",""]
["","","","","","","","","",""]
["E.4 清单项目人材机用量与单价表(招标控制价)\n(一般计税法)","","","","","","","","",""]
["工程名称:交通设施","","","","","","标段:","","第9页、共12页",""]
["清单编号:","","040205004101","","","","单位:","m2","",""]
["清单名称:","","爱心斑马线","","","","数量:","84","",""]
["序号","编码","名称(材料、机械规格型号)","单位","数量","基期价(元)","市场价(元)","","合价(元)","备注"]
["","","","","","","含税","除税","",""]
["","","","",{"v":0,"d":"0.00"},{"v":0,"d":"0.00"},{"v":0,"d":"0.00"},{"v":0,"d":"0.00"},{"v":0,"d":"0.00"},{"v":0,"d":"0.00"}]
["1","BC000042","补充材料42","m2",{"v":84,"d":"84.00"},127.23,127.23,127.23,10687.32,{"v":0,"d":"0.00"}]
["2","BC000043","补充材料43","m2",{"v":84,"d":"84.00"},{"v":300,"d":"300.00"},{"v":300,"d":"300.00"},{"v":300,"d":"300.00"},{"v":25200,"d":"25200.00"},{"v":0,"d":"0.00"}]
["","","","",{"v":0,"d":"0.00"},{"v":0,"d":"0.00"},{"v":0,"d":"0.00"},{"v":0,"d":"0.00"},{"v":0,"d":"0.00"},{"v":0,"d":"0.00"}]
["","","","",{"v":0,"d":"0.00"},{"v":0,"d":"0.00"},{"v":0,"d":"0.00"},{"v":0,"d":"0.00"},{"v":0,"d":"0.00"},{"v":0,"d":"0.00"}]
["","累    计","","",{"v":0,"d":"0.000"},{"v":0,"d":"0.00"},{"v":0,"d":"0.00"},{"v":0,"d":"0.00"},{"v":0,"d":"0.00"},{"v":0,"d":"0.00"}]
["","本  页  合  计","","","",{"v":0,"d":"0.00"},{"v":0,"d":"0.00"},{"v":0,"d":"0.00"},35887.32,""]
["","累    计","","","","",{"v":0,"d":"0.00"},{"v":0,"d":"0.00"},35887.32,""]
["","","","","","","","","",""]
["","","","",{"v":0,"d":"0.00"},{"v":0,"d":"0.00"},"(盖章)","","",""]
["","","","法定代表人或委托代理人:",{"v":0,"d":"0.00"},{"v":0,"d":"0.00"},"(签章或盖章)","","",""]
["","","","","注册造价工程师:","","(签字并盖造价工程师执业专业章)","","",""]
["","","","","编制时间:","","2020-08-31","","",""]
["","","","",{"v":0,"d":"0.00"},{"v":0,"d":"0.00"},"","","",""]
["","","","","","","","","",""]
["E.4 清单项目人材机用量与单价表(招标控制价)\n(一般计税法)","","","","","","","","",""]
["工程名称:交通设施","","","","","","标段:","","第10页、共12页",""]
["清单编号:","","040205004109","","","","单位:","m","",""]
["清单名称:","","中央隔离护栏（百川护栏）","","","","数量:","141","",""]
["序号","编码","名称(材料、机械规格型号)","单位","数量","基期价(元)","市场价(元)","","合价(元)","备注"]
["","","","","","","含税","除税","",""]
["","","","",{"v":0,"d":"0.00"},{"v":0,"d":"0.00"},{"v":0,"d":"0.00"},{"v":0,"d":"0.00"},{"v":0,"d":"0.00"},{"v":0,"d":"0.00"}]
["1","BC000044","补充材料44","m",{"v":141,"d":"141.00"},{"v":410,"d":"410.00"},{"v":410,"d":"410.00"},{"v":410,"d":"410.00"},{"v":57810,"d":"57810.00"},{"v":0,"d":"0.00"}]
["","","","",{"v":0,"d":"0.00"},{"v":0,"d":"0.00"},{"v":0,"d":"0.00"},{"v":0,"d":"0.00"},{"v":0,"d":"0.00"},{"v":0,"d":"0.00"}]
["","","","",{"v":0,"d":"0.00"},{"v":0,"d":"0.00"},{"v":0,"d":"0.00"},{"v":0,"d":"0.00"},{"v":0,"d":"0.00"},{"v":0,"d":"0.00"}]
["","累    计","","",{"v":0,"d":"0.000"},{"v":0,"d":"0.00"},{"v":0,"d":"0.00"},{"v":0,"d":"0.00"},{"v":0,"d":"0.00"},{"v":0,"d":"0.00"}]
["","本  页  合  计","","","",{"v":0,"d":"0.00"},{"v":0,"d":"0.00"},{"v":0,"d":"0.00"},{"v":57810,"d":"57810.00"},""]
["","累    计","","","","",{"v":0,"d":"0.00"},{"v":0,"d":"0.00"},{"v":57810,"d":"57810.00"},""]
["","","","","","","","","",""]
["","","","",{"v":0,"d":"0.00"},{"v":0,"d":"0.00"},"(盖章)","","",""]
["","","","法定代表人或委托代理人:",{"v":0,"d":"0.00"},{"v":0,"d":"0.00"},"(签章或盖章)","","",""]
["","","","","注册造价工程师:","","(签字并盖造价工程师执业专业章)","","",""]
["","","","","编制时间:","","2020-08-31","","",""]
["","","","",{"v":0,"d":"0.00"},{"v":0,"d":"0.00"},"","","",""]
["","","","","","","","","",""]
["E.4 清单项目人材机用量与单价表(招标控制价)\n(一般计税法)","","","","","","","","",""]
["工程名称:交通设施","","","","","","标段:","","第11页、共12页",""]
["清单编号:","","040205004112","","","","单位:","项","",""]
["清单名称:","","拆除人行道","","","","数量:","1","",""]
["序号","编码","名称(材料、机械规格型号)","单位","数量","基期价(元)","市场价(元)","","合价(元)","备注"]
["","","","","","","含税","除税","",""]
["","","","",{"v":0,"d":"0.00"},{"v":0,"d":"0.00"},{"v":0,"d":"0.00"},{"v":0,"d":"0.00"},{"v":0,"d":"0.00"},{"v":0,"d":"0.00"}]
["1","00005","综合人工(市政)","工日",1.828,{"v":70,"d":"70.00"},{"v":110,"d":"110.00"},{"v":110,"d":"110.00"},201.03,{"v":0,"d":"0.00"}]
["","","","",{"v":0,"d":"0.00"},{"v":0,"d":"0.00"},{"v":0,"d":"0.00"},{"v":0,"d":"0.00"},{"v":0,"d":"0.00"},{"v":0,"d":"0.00"}]
["","","","",{"v":0,"d":"0.00"},{"v":0,"d":"0.00"},{"v":0,"d":"0.00"},{"v":0,"d":"0.00"},{"v":0,"d":"0.00"},{"v":0,"d":"0.00"}]
["","累    计","","",{"v":0,"d":"0.000"},{"v":0,"d":"0.00"},{"v":0,"d":"0.00"},{"v":0,"d":"0.00"},{"v":0,"d":"0.00"},{"v":0,"d":"0.00"}]
["","本  页  合  计","","","",{"v":0,"d":"0.00"},{"v":0,"d":"0.00"},{"v":0,"d":"0.00"},201.03,""]
["","累    计","","","","",{"v":0,"d":"0.00"},{"v":0,"d":"0.00"},201.03,""]
["","","","","","","","","",""]
["","","","",{"v":0,"d":"0.00"},{"v":0,"d":"0.00"},"(盖章)","","",""]
["","","","法定代表人或委托代理人:",{"v":0,"d":"0.00"},{"v":0,"d":"0.00"},"(签章或盖章)","","",""]
["","","","","注册造价工程师:","","(签字并盖造价工程师执业专业章)","","",""]
["","","","","编制时间:","","2020-08-31","","",""]
["","","","",{"v":0,"d":"0.00"},{"v":0,"d":"0.00"},"","","",""]
["","","","","","","","","",""]
["E.4 清单项目人材机用量与单价表(招标控制价)\n(一般计税法)","","","","","","","","",""]
["工程名称:交通设施","","","","","","标段:","","第12页、共12页",""]
["清单编号:","","040205004111","","","","单位:","m2","",""]
["清单名称:","","恢复人行道","","","","数量:","3.15","",""]
["序号","编码","名称(材料、机械规格型号)","单位","数量","基期价(元)","市场价(元)","","合价(元)","备注"]
["","","","","","","含税","除税","",""]
["","","","",{"v":0,"d":"0.00"},{"v":0,"d":"0.00"},{"v":0,"d":"0.00"},{"v":0,"d":"0.00"},{"v":0,"d":"0.00"},{"v":0,"d":"0.00"}]
["1","00005","综合人工(市政)","工日",1.784,{"v":70,"d":"70.00"},{"v":110,"d":"110.00"},{"v":110,"d":"110.00"},196.26,{"v":0,"d":"0.00"}]
["2","040166","碎石 60mm","m3",0.617,108.73,{"v":192.8,"d":"192.80"},185.74,114.56,{"v":0,"d":"0.00"}]
["3","290139","石灰岩碎石(10-20cm)","m3",0.53,{"v":115,"d":"115.00"},139.99,119.72,63.43,{"v":0,"d":"0.00"}]
["4","040141","水泥 42.5级","t",0.18,436.28,538.77,460.76,83.16,{"v":0,"d":"0.00"}]
["5","290140","专用粘结剂","kg",3.368,{"v":22,"d":"22.00"},{"v":22,"d":"22.00"},18.81,63.36,{"v":0,"d":"0.00"}]
["6","410649","水","m3",0.261,4.38,4.53,{"v":4.4,"d":"4.40"},1.15,{"v":0,"d":"0.00"}]
["7","070016~3","5cm透水烧结砖","m2",2.835,{"v":34,"d":"34.00"},38.69,33.09,93.81,{"v":0,"d":"0.00"}]
["8","040179","天然中砂","m3",0.098,115.54,217.79,209.81,20.49,{"v":0,"d":"0.00"}]
["9","040130","砂子 中砂","m3",0.003,103.99,217.79,209.81,0.66,{"v":0,"d":"0.00"}]
["10","J1-53","光轮压路机(内燃) 工作质量8t 大","台班",0.001,{"v":360.7,"d":"360.70"},429.83,395.44,0.41,{"v":0,"d":"0.00"}]
["11","J1-55","光轮压路机(内燃) 工作质量15t 大","台班",0.006,609.54,712.76,655.74,3.74,{"v":0,"d":"0.00"}]
["12","J1-26","轮胎式装载机 斗容量0.5m3 中","台班",0.027,558.45,667.21,633.85,17.17,{"v":0,"d":"0.00"}]
["13","J6-13","双卧轴式混凝土搅拌机 出料容量500L 中","台班",0.039,260.04,274.65,260.92,10.11,{"v":0,"d":"0.00"}]
["14","J4-30","机动翻斗车 装载质量1t 小","台班",0.052,156.03,{"v":204.9,"d":"204.90"},194.66,10.18,{"v":0,"d":"0.00"}]
["15","J1-140","内燃机平板夯 4.5kw","台班",0.039,76.74,76.74,{"v":72.9,"d":"72.90"},2.82,{"v":0,"d":"0.00"}]
["16","J6-16","灰浆搅拌机 拌筒容量200L 小","台班",0.011,92.19,130.26,123.75,1.33,{"v":0,"d":"0.00"}]
["","","","",{"v":0,"d":"0.00"},{"v":0,"d":"0.00"},{"v":0,"d":"0.00"},{"v":0,"d":"0.00"},{"v":0,"d":"0.00"},{"v":0,"d":"0.00"}]
["","","","",{"v":0,"d":"0.00"},{"v":0,"d":"0.00"},{"v":0,"d":"0.00"},{"v":0,"d":"0.00"},{"v":0,"d":"0.00"},{"v":0,"d":"0.00"}]
["","累    计","","",{"v":0,"d":"0.000"},{"v":0,"d":"0.00"},{"v":0,"d":"0.00"},{"v":0,"d":"0.00"},{"v":0,"d":"0.00"},{"v":0,"d":"0.00"}]
["","本  页  合  计","","","",{"v":0,"d":"0.00"},{"v":0,"d":"0.00"},{"v":0,"d":"0.00"},682.64,""]
["","累    计","","","","",{"v":0,"d":"0.00"},{"v":0,"d":"0.00"},682.64,""]
["","","","","","","","","",""]
["","","","",{"v":0,"d":"0.00"},{"v":0,"d":"0.00"},"(盖章)","","",""]
["","","","法定代表人或委托代理人:",{"v":0,"d":"0.00"},{"v":0,"d":"0.00"},"(签章或盖章)","","",""]
["","","","","注册造价工程师:","","(签字并盖造价工程师执业专业章)","","",""]
["","","","","编制时间:","","2020-08-31","","",""]
["","","","",{"v":0,"d":"0.00"},{"v":0,"d":"0.00"},"","","",""]

{"sheet":"E.5 分部分项清单项目费用计算表(160号YT)","index":7,"n_rows":372,"n_cols":6,"rows_kept":372,"merged":[[0,0,0,2],[1,0,1,5],[2,1,2,2],[24,0,24,1],[26,2,26,3],[26,4,26,5],[27,2,27,3],[27,4,27,5],[28,2,28,3],[28,4,28,5],[29,2,29,3],[29,4,29,5],[31,0,31,2],[32,0,32,5],[33,1,33,2],[55,0,55,1],[57,2,57,3],[57,4,57,5],[58,2,58,3],[58,4,58,5],[59,2,59,3],[59,4,59,5],[60,2,60,3],[60,4,60,5],[62,0,62,2],[63,0,63,5],[64,1,64,2],[86,0,86,1],[88,2,88,3],[88,4,88,5],[89,2,89,3],[89,4,89,5],[90,2,90,3],[90,4,90,5],[91,2,91,3],[91,4,91,5],[93,0,93,2],[94,0,94,5],[95,1,95,2],[117,0,117,1],[119,2,119,3],[119,4,119,5],[120,2,120,3],[120,4,120,5],[121,2,121,3],[121,4,121,5],[122,2,122,3],[122,4,122,5],[124,0,124,2],[125,0,125,5],[126,1,126,2],[148,0,148,1],[150,2,150,3],[150,4,150,5],[151,2,151,3],[151,4,151,5],[152,2,152,3],[152,4,152,5],[153,2,153,3],[153,4,153,5],[155,0,155,2],[156,0,156,5],[157,1,157,2],[179,0,179,1],[181,2,181,3],[181,4,181,5],[182,2,182,3],[182,4,182,5],[183,2,183,3],[183,4,183,5],[184,2,184,3],[184,4,184,5],[186,0,186,2],[187,0,187,5],[188,1,188,2],[210,0,210,1],[212,2,212,3],[212,4,212,5],[213,2,213,3],[213,4,213,5],[214,2,214,3],[214,4,214,5],[215,2,215,3],[215,4,215,5],[217,0,217,2],[218,0,218,5],[219,1,219,2],[241,0,241,1],[243,2,243,3],[243,4,243,5],[244,2,244,3],[244,4,244,5],[245,2,245,3],[245,4,245,5],[246,2,246,3],[246,4,246,5],[248,0,248,2],[249,0,249,5],[250,1,250,2],[272,0,272,1],[274,2,274,3],[274,4,274,5],[275,2,275,3],[275,4,275,5],[276,2,276,3],[276,4,276,5],[277,2,277,3],[277,4,277,5],[279,0,279,2],[280,0,280,5],[281,1,281,2],[303,0,303,1],[305,2,305,3],[305,4,305,5],[306,2,306,3],[306,4,306,5],[307,2,307,3],[307,4,307,5],[308,2,308,3],[308,4,308,5],[310,0,310,2],[311,0,311,5],[312,1,312,2],[334,0,334,1],[336,2,336,3],[336,4,336,5],[337,2,337,3],[337,4,337,5],[338,2,338,3],[338,4,338,5],[339,2,339,3],[339,4,339,5],[341,0,341,2],[342,0,342,5],[343,1,343,2],[365,0,365,1],[367,2,367,3],[367,4,367,5],[368,2,368,3],[368,4,368,5],[369,2,369,3],[369,4,369,5],[370,2,370,3],[370,4,370,5]],"flags":["formulas_cached_only"]}
["","","","","",""]
["E.5 清单项目费用计算表(综合单价表)(招标控制价)\n(一般计税法)","","","","",""]
["工程名称:","交通设施","","标段:","","第1页、共12页"]
["清单编号:","040205006003","","单位:","m2",""]
["清单名称:","高压水洗挫除标线","数量:",{"v":75.2,"d":"75.20"},"综合单价:",{"v":48,"d":"48.00"}]
["序号","工程内容","计费基础说明","费率(%)","金额(元)","备注"]
["1","直接费用","1.1+1.2+1.3","",{"v":3609.6,"d":"3609.60"},""]
["1.1","人工费","","",{"v":0,"d":"0.00"},{"v":0,"d":"0.00"}]
["1.1.1","其中:取费人工费","","",{"v":0,"d":"0.00"},{"v":0,"d":"0.00"}]
["1.2","材料费","","",{"v":3609.6,"d":"3609.60"},{"v":0,"d":"0.00"}]
["1.3","机械费","","",{"v":0,"d":"0.00"},{"v":0,"d":"0.00"}]
["1.3.1","其中:取费机械费","","",{"v":0,"d":"0.00"},{"v":0,"d":"0.00"}]
["2","费用和利润","2.1+2.2+2.3",{"v":0,"d":"0.00"},{"v":0,"d":"0.00"},{"v":0,"d":"0.00"}]
["2.1","管理费","1.1.1或1.1.1+1.3.1",{"v":0,"d":"0.00"},{"v":0,"d":"0.00"},{"v":0,"d":"0.00"}]
["2.2","利润","1.1.1或1.1.1+1.3.1",{"v":0,"d":"0.00"},{"v":0,"d":"0.00"},{"v":0,"d":"0.00"}]
["2.3","规费","2.3.1+2.3.2+2.3.3+2.3.4+2.3.5",{"v":0,"d":"0.00"},{"v":0,"d":"0.00"},{"v":0,"d":"0.00"}]
["2.3.1","工程排污费","1+2.1+2.2",{"v":0,"d":"0.00"},{"v":0,"d":"0.00"},{"v":0,"d":"0.00"}]
["2.3.2","职工教育经费和工会经费","1.1",{"v":0,"d":"0.00"},{"v":0,"d":"0.00"},{"v":0,"d":"0.00"}]
["2.3.3","住房公积金","1.1",{"v":0,"d":"0.00"},{"v":0,"d":"0.00"},{"v":0,"d":"0.00"}]
["2.3.4","安全生产责任险","1+2.1+2.2",{"v":0,"d":"0.00"},{"v":0,"d":"0.00"},{"v":0,"d":"0.00"}]
["2.3.5","社会保险费","1+2.1+2.2",{"v":0,"d":"0.00"},{"v":0,"d":"0.00"},{"v":0,"d":"0.00"}]
["3","建安造价","1+2",{"v":0,"d":"0.00"},{"v":3609.6,"d":"3609.60"},{"v":0,"d":"0.00"}]
["4","销项税额","3项*税率",{"v":0,"d":"0.00"},{"v":0,"d":"0.00"},{"v":0,"d":"0.00"}]
["5","附加税费","(3+4)项*费率",{"v":0,"d":"0.00"},{"v":0,"d":"0.00"},{"v":0,"d":"0.00"}]
["合计","","3+4+5","",{"v":3609.6,"d":"3609.60"},{"v":0,"d":"0.00"}]
["","","","",{"v":0,"d":"0.00"},{"v":0,"d":"0.00"}]
["","","投标人:","",{"v":0,"d":"0.00"},{"v":0,"d":"0.00"}]
["","","法定代表人或委托代理人:","",{"v":0,"d":"0.00"},{"v":0,"d":"0.00"}]
["","","注册造价工程师:","","(签字并盖造价工程师执业专业章)",""]
["","","编制时间:","","2020-08-31",""]
["","","","","",""]
["","","","","",""]
["E.5 清单项目费用计算表(综合单价表)(招标控制价)\n(一般计税法)","","","","",""]
["工程名称:","交通设施","","标段:","","第2页、共12页"]
["清单编号:","040205006001","","单位:","m2",""]
["清单名称:","标线","数量:",{"v":286.8,"d":"286.80"},"综合单价:",{"v":48,"d":"48.00"}]
["序号","工程内容","计费基础说明","费率(%)","金额(元)","备注"]
["1","直接费用","1.1+1.2+1.3","",{"v":13766.4,"d":"13766.40"},""]
["1.1","人工费","","",{"v":0,"d":"0.00"},{"v":0,"d":"0.00"}]
["1.1.1","其中:取费人工费","","",{"v":0,"d":"0.00"},{"v":0,"d":"0.00"}]
["1.2","材料费","","",{"v":13766.4,"d":"13766.40"},{"v":0,"d":"0.00"}]
["1.3","机械费","","",{"v":0,"d":"0.00"},{"v":0,"d":"0.00"}]
["1.3.1","其中:取费机械费","","",{"v":0,"d":"0.00"},{"v":0,"d":"0.00"}]
["2","费用和利润","2.1+2.2+2.3",{"v":0,"d":"0.00"},{"v":0,"d":"0.00"},{"v":0,"d":"0.00"}]
["2.1","管理费","1.1.1或1.1.1+1.3.1",{"v":0,"d":"0.00"},{"v":0,"d":"0.00"},{"v":0,"d":"0.00"}]
["2.2","利润","1.1.1或1.1.1+1.3.1",{"v":0,"d":"0.00"},{"v":0,"d":"0.00"},{"v":0,"d":"0.00"}]
["2.3","规费","2.3.1+2.3.2+2.3.3+2.3.4+2.3.5",{"v":0,"d":"0.00"},{"v":0,"d":"0.00"},{"v":0,"d":"0.00"}]
["2.3.1","工程排污费","1+2.1+2.2",{"v":0,"d":"0.00"},{"v":0,"d":"0.00"},{"v":0,"d":"0.00"}]
["2.3.2","职工教育经费和工会经费","1.1",{"v":0,"d":"0.00"},{"v":0,"d":"0.00"},{"v":0,"d":"0.00"}]
["2.3.3","住房公积金","1.1",{"v":0,"d":"0.00"},{"v":0,"d":"0.00"},{"v":0,"d":"0.00"}]
["2.3.4","安全生产责任险","1+2.1+2.2",{"v":0,"d":"0.00"},{"v":0,"d":"0.00"},{"v":0,"d":"0.00"}]
["2.3.5","社会保险费","1+2.1+2.2",{"v":0,"d":"0.00"},{"v":0,"d":"0.00"},{"v":0,"d":"0.00"}]
["3","建安造价","1+2",{"v":0,"d":"0.00"},{"v":13766.4,"d":"13766.40"},{"v":0,"d":"0.00"}]
["4","销项税额","3项*税率",{"v":0,"d":"0.00"},{"v":0,"d":"0.00"},{"v":0,"d":"0.00"}]
["5","附加税费","(3+4)项*费率",{"v":0,"d":"0.00"},{"v":0,"d":"0.00"},{"v":0,"d":"0.00"}]
["合计","","3+4+5","",{"v":13766.4,"d":"13766.40"},{"v":0,"d":"0.00"}]
["","","","",{"v":0,"d":"0.00"},{"v":0,"d":"0.00"}]
["","","投标人:","",{"v":0,"d":"0.00"},{"v":0,"d":"0.00"}]
["","","法定代表人或委托代理人:","",{"v":0,"d":"0.00"},{"v":0,"d":"0.00"}]
["","","注册造价工程师:","","(签字并盖造价工程师执业专业章)",""]
["","","编制时间:","","2020-08-31",""]
["","","","","",""]
["","","","","",""]
["E.5 清单项目费用计算表(综合单价表)(招标控制价)\n(一般计税法)","","","","",""]
["工程名称:","交通设施","","标段:","","第3页、共12页"]
["清单编号:","040205006002","","单位:","m2",""]
["清单名称:","振动标线","数量:",29.02,"综合单价:",{"v":150,"d":"150.00"}]
["序号","工程内容","计费基础说明","费率(%)","金额(元)","备注"]
["1","直接费用","1.1+1.2+1.3","",{"v":4353,"d":"4353.00"},""]
["1.1","人工费","","",{"v":0,"d":"0.00"},{"v":0,"d":"0.00"}]
["1.1.1","其中:取费人工费","","",{"v":0,"d":"0.00"},{"v":0,"d":"0.00"}]
["1.2","材料费","","",{"v":4353,"d":"4353.00"},{"v":0,"d":"0.00"}]
["1.3","机械费","","",{"v":0,"d":"0.00"},{"v":0,"d":"0.00"}]
["1.3.1","其中:取费机械费","","",{"v":0,"d":"0.00"},{"v":0,"d":"0.00"}]
["2","费用和利润","2.1+2.2+2.3",{"v":0,"d":"0.00"},{"v":0,"d":"0.00"},{"v":0,"d":"0.00"}]
["2.1","管理费","1.1.1或1.1.1+1.3.1",{"v":0,"d":"0.00"},{"v":0,"d":"0.00"},{"v":0,"d":"0.00"}]
["2.2","利润","1.1.1或1.1.1+1.3.1",{"v":0,"d":"0.00"},{"v":0,"d":"0.00"},{"v":0,"d":"0.00"}]
["2.3","规费","2.3.1+2.3.2+2.3.3+2.3.4+2.3.5",{"v":0,"d":"0.00"},{"v":0,"d":"0.00"},{"v":0,"d":"0.00"}]
["2.3.1","工程排污费","1+2.1+2.2",{"v":0,"d":"0.00"},{"v":0,"d":"0.00"},{"v":0,"d":"0.00"}]
["2.3.2","职工教育经费和工会经费","1.1",{"v":0,"d":"0.00"},{"v":0,"d":"0.00"},{"v":0,"d":"0.00"}]
["2.3.3","住房公积金","1.1",{"v":0,"d":"0.00"},{"v":0,"d":"0.00"},{"v":0,"d":"0.00"}]
["2.3.4","安全生产责任险","1+2.1+2.2",{"v":0,"d":"0.00"},{"v":0,"d":"0.00"},{"v":0,"d":"0.00"}]
["2.3.5","社会保险费","1+2.1+2.2",{"v":0,"d":"0.00"},{"v":0,"d":"0.00"},{"v":0,"d":"0.00"}]
["3","建安造价","1+2",{"v":0,"d":"0.00"},{"v":4353,"d":"4353.00"},{"v":0,"d":"0.00"}]
["4","销项税额","3项*税率",{"v":0,"d":"0.00"},{"v":0,"d":"0.00"},{"v":0,"d":"0.00"}]
["5","附加税费","(3+4)项*费率",{"v":0,"d":"0.00"},{"v":0,"d":"0.00"},{"v":0,"d":"0.00"}]
["合计","","3+4+5","",{"v":4353,"d":"4353.00"},{"v":0,"d":"0.00"}]
["","","","",{"v":0,"d":"0.00"},{"v":0,"d":"0.00"}]
["","","投标人:","",{"v":0,"d":"0.00"},{"v":0,"d":"0.00"}]
["","","法定代表人或委托代理人:","",{"v":0,"d":"0.00"},{"v":0,"d":"0.00"}]
["","","注册造价工程师:","","(签字并盖造价工程师执业专业章)",""]
["","","编制时间:","","2020-08-31",""]
["","","","","",""]
["","","","","",""]
["E.5 清单项目费用计算表(综合单价表)(招标控制价)\n(一般计税法)","","","","",""]
["工程名称:","交通设施","","标段:","","第4页、共12页"]
["清单编号:","040205004102","","单位:","m2",""]
["清单名称:","彩色陶粒面层铺装","数量:",{"v":65,"d":"65.00"},"综合单价:",{"v":190,"d":"190.00"}]
["序号","工程内容","计费基础说明","费率(%)","金额(元)","备注"]
["1","直接费用","1.1+1.2+1.3","",{"v":12350,"d":"12350.00"},""]
["1.1","人工费","","",{"v":0,"d":"0.00"},{"v":0,"d":"0.00"}]
["1.1.1","其中:取费人工费","","",{"v":0,"d":"0.00"},{"v":0,"d":"0.00"}]
["1.2","材料费","","",{"v":12350,"d":"12350.00"},{"v":0,"d":"0.00"}]
["1.3","机械费","","",{"v":0,"d":"0.00"},{"v":0,"d":"0.00"}]
["1.3.1","其中:取费机械费","","",{"v":0,"d":"0.00"},{"v":0,"d":"0.00"}]
["2","费用和利润","2.1+2.2+2.3",{"v":0,"d":"0.00"},{"v":0,"d":"0.00"},{"v":0,"d":"0.00"}]
["2.1","管理费","1.1.1或1.1.1+1.3.1",{"v":0,"d":"0.00"},{"v":0,"d":"0.00"},{"v":0,"d":"0.00"}]
["2.2","利润","1.1.1或1.1.1+1.3.1",{"v":0,"d":"0.00"},{"v":0,"d":"0.00"},{"v":0,"d":"0.00"}]
["2.3","规费","2.3.1+2.3.2+2.3.3+2.3.4+2.3.5",{"v":0,"d":"0.00"},{"v":0,"d":"0.00"},{"v":0,"d":"0.00"}]
["2.3.1","工程排污费","1+2.1+2.2",{"v":0,"d":"0.00"},{"v":0,"d":"0.00"},{"v":0,"d":"0.00"}]
["2.3.2","职工教育经费和工会经费","1.1",{"v":0,"d":"0.00"},{"v":0,"d":"0.00"},{"v":0,"d":"0.00"}]
["2.3.3","住房公积金","1.1",{"v":0,"d":"0.00"},{"v":0,"d":"0.00"},{"v":0,"d":"0.00"}]
["2.3.4","安全生产责任险","1+2.1+2.2",{"v":0,"d":"0.00"},{"v":0,"d":"0.00"},{"v":0,"d":"0.00"}]
["2.3.5","社会保险费","1+2.1+2.2",{"v":0,"d":"0.00"},{"v":0,"d":"0.00"},{"v":0,"d":"0.00"}]
["3","建安造价","1+2",{"v":0,"d":"0.00"},{"v":12350,"d":"12350.00"},{"v":0,"d":"0.00"}]
["4","销项税额","3项*税率",{"v":0,"d":"0.00"},{"v":0,"d":"0.00"},{"v":0,"d":"0.00"}]
["5","附加税费","(3+4)项*费率",{"v":0,"d":"0.00"},{"v":0,"d":"0.00"},{"v":0,"d":"0.00"}]
["合计","","3+4+5","",{"v":12350,"d":"12350.00"},{"v":0,"d":"0.00"}]
["","","","",{"v":0,"d":"0.00"},{"v":0,"d":"0.00"}]
["","","投标人:","",{"v":0,"d":"0.00"},{"v":0,"d":"0.00"}]
["","","法定代表人或委托代理人:","",{"v":0,"d":"0.00"},{"v":0,"d":"0.00"}]
["","","注册造价工程师:","","(签字并盖造价工程师执业专业章)",""]
["","","编制时间:","","2020-08-31",""]
["","","","","",""]
["","","","","",""]
["E.5 清单项目费用计算表(综合单价表)(招标控制价)\n(一般计税法)","","","","",""]
["工程名称:","交通设施","","标段:","","第5页、共12页"]
["清单编号:","040205004106","","单位:","套",""]
["清单名称:","单立柱急弯警告标志    \r\n1.钢管立柱:φ89×4.5×3600;\r\n2.标志牌:三角形边长900（3mm厚铝底板，Ⅴ类反光膜,安装好）;\r\n3.C25砼基础;\r\n4.其他按设计图纸要求施工;\r\n5.品牌质量达到交警支队验收标准。\r\n6.钢结构设计要求：热镀锌处理；","数量:",{"v":1,"d":"1.00"},"综合单价:",1524.75]
["序号","工程内容","计费基础说明","费率(%)","金额(元)","备注"]
["1","直接费用","1.1+1.2+1.3","",1524.75,""]
["1.1","人工费","","",{"v":0,"d":"0.00"},{"v":0,"d":"0.00"}]
["1.1.1","其中:取费人工费","","",{"v":0,"d":"0.00"},{"v":0,"d":"0.00"}]
["1.2","材料费","","",1524.75,{"v":0,"d":"0.00"}]
["1.3","机械费","","",{"v":0,"d":"0.00"},{"v":0,"d":"0.00"}]
["1.3.1","其中:取费机械费","","",{"v":0,"d":"0.00"},{"v":0,"d":"0.00"}]
["2","费用和利润","2.1+2.2+2.3",{"v":0,"d":"0.00"},{"v":0,"d":"0.00"},{"v":0,"d":"0.00"}]
["2.1","管理费","1.1.1或1.1.1+1.3.1",{"v":0,"d":"0.00"},{"v":0,"d":"0.00"},{"v":0,"d":"0.00"}]
["2.2","利润","1.1.1或1.1.1+1.3.1",{"v":0,"d":"0.00"},{"v":0,"d":"0.00"},{"v":0,"d":"0.00"}]
["2.3","规费","2.3.1+2.3.2+2.3.3+2.3.4+2.3.5",{"v":0,"d":"0.00"},{"v":0,"d":"0.00"},{"v":0,"d":"0.00"}]
["2.3.1","工程排污费","1+2.1+2.2",{"v":0,"d":"0.00"},{"v":0,"d":"0.00"},{"v":0,"d":"0.00"}]
["2.3.2","职工教育经费和工会经费","1.1",{"v":0,"d":"0.00"},{"v":0,"d":"0.00"},{"v":0,"d":"0.00"}]
["2.3.3","住房公积金","1.1",{"v":0,"d":"0.00"},{"v":0,"d":"0.00"},{"v":0,"d":"0.00"}]
["2.3.4","安全生产责任险","1+2.1+2.2",{"v":0,"d":"0.00"},{"v":0,"d":"0.00"},{"v":0,"d":"0.00"}]
["2.3.5","社会保险费","1+2.1+2.2",{"v":0,"d":"0.00"},{"v":0,"d":"0.00"},{"v":0,"d":"0.00"}]
["3","建安造价","1+2",{"v":0,"d":"0.00"},1524.75,{"v":0,"d":"0.00"}]
["4","销项税额","3项*税率",{"v":0,"d":"0.00"},{"v":0,"d":"0.00"},{"v":0,"d":"0.00"}]
["5","附加税费","(3+4)项*费率",{"v":0,"d":"0.00"},{"v":0,"d":"0.00"},{"v":0,"d":"0.00"}]
["合计","","3+4+5","",1524.75,{"v":0,"d":"0.00"}]
["","","","",{"v":0,"d":"0.00"},{"v":0,"d":"0.00"}]
["","","投标人:","",{"v":0,"d":"0.00"},{"v":0,"d":"0.00"}]
["","","法定代表人或委托代理人:","",{"v":0,"d":"0.00"},{"v":0,"d":"0.00"}]
["","","注册造价工程师:","","(签字并盖造价工程师执业专业章)",""]
["","","编制时间:","","2020-08-31",""]
["","","","","",""]
["","","","","",""]
["E.5 清单项目费用计算表(综合单价表)(招标控制价)\n(一般计税法)","","","","",""]
["工程名称:","交通设施","","标段:","","第6页、共12页"]
["清单编号:","040205004107","","单位:","套",""]
["清单名称:","单立柱人行横道提示标志        \r\n1.钢管立柱:φ89×4.5×3600;\r\n2.标志牌:800×800（3mm厚铝底板，Ⅴ类反光膜,安装好）;\r\n3.C25砼基础;\r\n4.其他按设计图纸要求施工;\r\n5.品牌质量达到交警支队验收标准。\r\n6.钢结构设计要求：热镀锌处理；","数量:",{"v":2,"d":"2.00"},"综合单价:",1614.84]
["序号","工程内容","计费基础说明","费率(%)","金额(元)","备注"]
["1","直接费用","1.1+1.2+1.3","",3229.68,""]
["1.1","人工费","","",{"v":0,"d":"0.00"},{"v":0,"d":"0.00"}]
["1.1.1","其中:取费人工费","","",{"v":0,"d":"0.00"},{"v":0,"d":"0.00"}]
["1.2","材料费","","",3229.68,{"v":0,"d":"0.00"}]
["1.3","机械费","","",{"v":0,"d":"0.00"},{"v":0,"d":"0.00"}]
["1.3.1","其中:取费机械费","","",{"v":0,"d":"0.00"},{"v":0,"d":"0.00"}]
["2","费用和利润","2.1+2.2+2.3",{"v":0,"d":"0.00"},{"v":0,"d":"0.00"},{"v":0,"d":"0.00"}]
["2.1","管理费","1.1.1或1.1.1+1.3.1",{"v":0,"d":"0.00"},{"v":0,"d":"0.00"},{"v":0,"d":"0.00"}]
["2.2","利润","1.1.1或1.1.1+1.3.1",{"v":0,"d":"0.00"},{"v":0,"d":"0.00"},{"v":0,"d":"0.00"}]
["2.3","规费","2.3.1+2.3.2+2.3.3+2.3.4+2.3.5",{"v":0,"d":"0.00"},{"v":0,"d":"0.00"},{"v":0,"d":"0.00"}]
["2.3.1","工程排污费","1+2.1+2.2",{"v":0,"d":"0.00"},{"v":0,"d":"0.00"},{"v":0,"d":"0.00"}]
["2.3.2","职工教育经费和工会经费","1.1",{"v":0,"d":"0.00"},{"v":0,"d":"0.00"},{"v":0,"d":"0.00"}]
["2.3.3","住房公积金","1.1",{"v":0,"d":"0.00"},{"v":0,"d":"0.00"},{"v":0,"d":"0.00"}]
["2.3.4","安全生产责任险","1+2.1+2.2",{"v":0,"d":"0.00"},{"v":0,"d":"0.00"},{"v":0,"d":"0.00"}]
["2.3.5","社会保险费","1+2.1+2.2",{"v":0,"d":"0.00"},{"v":0,"d":"0.00"},{"v":0,"d":"0.00"}]
["3","建安造价","1+2",{"v":0,"d":"0.00"},3229.68,{"v":0,"d":"0.00"}]
["4","销项税额","3项*税率",{"v":0,"d":"0.00"},{"v":0,"d":"0.00"},{"v":0,"d":"0.00"}]
["5","附加税费","(3+4)项*费率",{"v":0,"d":"0.00"},{"v":0,"d":"0.00"},{"v":0,"d":"0.00"}]
["合计","","3+4+5","",3229.68,{"v":0,"d":"0.00"}]
["","","","",{"v":0,"d":"0.00"},{"v":0,"d":"0.00"}]
["","","投标人:","",{"v":0,"d":"0.00"},{"v":0,"d":"0.00"}]
["","","法定代表人或委托代理人:","",{"v":0,"d":"0.00"},{"v":0,"d":"0.00"}]
["","","注册造价工程师:","","(签字并盖造价工程师执业专业章)",""]
["","","编制时间:","","2020-08-31",""]
["","","","","",""]
["","","","","",""]
["E.5 清单项目费用计算表(综合单价表)(招标控制价)\n(一般计税法)","","","","",""]
["工程名称:","交通设施","","标段:","","第7页、共12页"]
["清单编号:","040205004108","","单位:","套",""]
["清单名称:","单立柱停车让行及右转标志         \r\n1.钢管立柱:φ89×4.5×4600;\r\n2.标志牌:Φ800+八角形800（3mm厚铝底板，Ⅴ类反光膜,安装好）;\r\n3.C25砼基础;\r\n4.其他按设计图纸要求施工;\r\n5.品牌质量达到交警支队验收标准。\r\n6.钢结构设计要求：热镀锌处理；","数量:",{"v":1,"d":"1.00"},"综合单价:",{"v":2270.5,"d":"2270.50"}]
["序号","工程内容","计费基础说明","费率(%)","金额(元)","备注"]
["1","直接费用","1.1+1.2+1.3","",{"v":2270.5,"d":"2270.50"},""]
["1.1","人工费","","",{"v":0,"d":"0.00"},{"v":0,"d":"0.00"}]
["1.1.1","其中:取费人工费","","",{"v":0,"d":"0.00"},{"v":0,"d":"0.00"}]
["1.2","材料费","","",{"v":2270.5,"d":"2270.50"},{"v":0,"d":"0.00"}]
["1.3","机械费","","",{"v":0,"d":"0.00"},{"v":0,"d":"0.00"}]
["1.3.1","其中:取费机械费","","",{"v":0,"d":"0.00"},{"v":0,"d":"0.00"}]
["2","费用和利润","2.1+2.2+2.3",{"v":0,"d":"0.00"},{"v":0,"d":"0.00"},{"v":0,"d":"0.00"}]
["2.1","管理费","1.1.1或1.1.1+1.3.1",{"v":0,"d":"0.00"},{"v":0,"d":"0.00"},{"v":0,"d":"0.00"}]
["2.2","利润","1.1.1或1.1.1+1.3.1",{"v":0,"d":"0.00"},{"v":0,"d":"0.00"},{"v":0,"d":"0.00"}]
["2.3","规费","2.3.1+2.3.2+2.3.3+2.3.4+2.3.5",{"v":0,"d":"0.00"},{"v":0,"d":"0.00"},{"v":0,"d":"0.00"}]
["2.3.1","工程排污费","1+2.1+2.2",{"v":0,"d":"0.00"},{"v":0,"d":"0.00"},{"v":0,"d":"0.00"}]
["2.3.2","职工教育经费和工会经费","1.1",{"v":0,"d":"0.00"},{"v":0,"d":"0.00"},{"v":0,"d":"0.00"}]
["2.3.3","住房公积金","1.1",{"v":0,"d":"0.00"},{"v":0,"d":"0.00"},{"v":0,"d":"0.00"}]
["2.3.4","安全生产责任险","1+2.1+2.2",{"v":0,"d":"0.00"},{"v":0,"d":"0.00"},{"v":0,"d":"0.00"}]
["2.3.5","社会保险费","1+2.1+2.2",{"v":0,"d":"0.00"},{"v":0,"d":"0.00"},{"v":0,"d":"0.00"}]
["3","建安造价","1+2",{"v":0,"d":"0.00"},{"v":2270.5,"d":"2270.50"},{"v":0,"d":"0.00"}]
["4","销项税额","3项*税率",{"v":0,"d":"0.00"},{"v":0,"d":"0.00"},{"v":0,"d":"0.00"}]
["5","附加税费","(3+4)项*费率",{"v":0,"d":"0.00"},{"v":0,"d":"0.00"},{"v":0,"d":"0.00"}]
["合计","","3+4+5","",{"v":2270.5,"d":"2270.50"},{"v":0,"d":"0.00"}]
["","","","",{"v":0,"d":"0.00"},{"v":0,"d":"0.00"}]
["","","投标人:","",{"v":0,"d":"0.00"},{"v":0,"d":"0.00"}]
["","","法定代表人或委托代理人:","",{"v":0,"d":"0.00"},{"v":0,"d":"0.00"}]
["","","注册造价工程师:","","(签字并盖造价工程师执业专业章)",""]
["","","编制时间:","","2020-08-31",""]
["","","","","",""]
["","","","","",""]
["E.5 清单项目费用计算表(综合单价表)(招标控制价)\n(一般计税法)","","","","",""]
["工程名称:","交通设施","","标段:","","第8页、共12页"]
["清单编号:","040205004110","","单位:","套",""]
["清单名称:","单立柱注意行人标志    \r\n1.钢管立柱:φ89×4.5×3600;\r\n2.标志牌:三角形边长900（3mm厚铝底板，Ⅴ类反光膜,安装好）;\r\n3.C25砼基础;\r\n4.其他按设计图纸要求施工;\r\n5.品牌质量达到交警支队验收标准。\r\n6.钢结构设计要求：热镀锌处理；","数量:",{"v":1,"d":"1.00"},"综合单价:",1524.75]
["序号","工程内容","计费基础说明","费率(%)","金额(元)","备注"]
["1","直接费用","1.1+1.2+1.3","",1524.75,""]
["1.1","人工费","","",{"v":0,"d":"0.00"},{"v":0,"d":"0.00"}]
["1.1.1","其中:取费人工费","","",{"v":0,"d":"0.00"},{"v":0,"d":"0.00"}]
["1.2","材料费","","",1524.75,{"v":0,"d":"0.00"}]
["1.3","机械费","","",{"v":0,"d":"0.00"},{"v":0,"d":"0.00"}]
["1.3.1","其中:取费机械费","","",{"v":0,"d":"0.00"},{"v":0,"d":"0.00"}]
["2","费用和利润","2.1+2.2+2.3",{"v":0,"d":"0.00"},{"v":0,"d":"0.00"},{"v":0,"d":"0.00"}]
["2.1","管理费","1.1.1或1.1.1+1.3.1",{"v":0,"d":"0.00"},{"v":0,"d":"0.00"},{"v":0,"d":"0.00"}]
["2.2","利润","1.1.1或1.1.1+1.3.1",{"v":0,"d":"0.00"},{"v":0,"d":"0.00"},{"v":0,"d":"0.00"}]
["2.3","规费","2.3.1+2.3.2+2.3.3+2.3.4+2.3.5",{"v":0,"d":"0.00"},{"v":0,"d":"0.00"},{"v":0,"d":"0.00"}]
["2.3.1","工程排污费","1+2.1+2.2",{"v":0,"d":"0.00"},{"v":0,"d":"0.00"},{"v":0,"d":"0.00"}]
["2.3.2","职工教育经费和工会经费","1.1",{"v":0,"d":"0.00"},{"v":0,"d":"0.00"},{"v":0,"d":"0.00"}]
["2.3.3","住房公积金","1.1",{"v":0,"d":"0.00"},{"v":0,"d":"0.00"},{"v":0,"d":"0.00"}]
["2.3.4","安全生产责任险","1+2.1+2.2",{"v":0,"d":"0.00"},{"v":0,"d":"0.00"},{"v":0,"d":"0.00"}]
["2.3.5","社会保险费","1+2.1+2.2",{"v":0,"d":"0.00"},{"v":0,"d":"0.00"},{"v":0,"d":"0.00"}]
["3","建安造价","1+2",{"v":0,"d":"0.00"},1524.75,{"v":0,"d":"0.00"}]
["4","销项税额","3项*税率",{"v":0,"d":"0.00"},{"v":0,"d":"0.00"},{"v":0,"d":"0.00"}]
["5","附加税费","(3+4)项*费率",{"v":0,"d":"0.00"},{"v":0,"d":"0.00"},{"v":0,"d":"0.00"}]
["合计","","3+4+5","",1524.75,{"v":0,"d":"0.00"}]
["","","","",{"v":0,"d":"0.00"},{"v":0,"d":"0.00"}]
["","","投标人:","",{"v":0,"d":"0.00"},{"v":0,"d":"0.00"}]
["","","法定代表人或委托代理人:","",{"v":0,"d":"0.00"},{"v":0,"d":"0.00"}]
["","","注册造价工程师:","","(签字并盖造价工程师执业专业章)",""]
["","","编制时间:","","2020-08-31",""]
["","","","","",""]
["","","","","",""]
["E.5 清单项目费用计算表(综合单价表)(招标控制价)\n(一般计税法)","","","","",""]
["工程名称:","交通设施","","标段:","","第9页、共12页"]
["清单编号:","040205004101","","单位:","m2",""]
["清单名称:","爱心斑马线","数量:",{"v":84,"d":"84.00"},"综合单价:",427.23]
["序号","工程内容","计费基础说明","费率(%)","金额(元)","备注"]
["1","直接费用","1.1+1.2+1.3","",35887.32,""]
["1.1","人工费","","",{"v":0,"d":"0.00"},{"v":0,"d":"0.00"}]
["1.1.1","其中:取费人工费","","",{"v":0,"d":"0.00"},{"v":0,"d":"0.00"}]
["1.2","材料费","","",35887.32,{"v":0,"d":"0.00"}]
["1.3","机械费","","",{"v":0,"d":"0.00"},{"v":0,"d":"0.00"}]
["1.3.1","其中:取费机械费","","",{"v":0,"d":"0.00"},{"v":0,"d":"0.00"}]
["2","费用和利润","2.1+2.2+2.3",{"v":0,"d":"0.00"},{"v":0,"d":"0.00"},{"v":0,"d":"0.00"}]
["2.1","管理费","1.1.1或1.1.1+1.3.1",{"v":0,"d":"0.00"},{"v":0,"d":"0.00"},{"v":0,"d":"0.00"}]
["2.2","利润","1.1.1或1.1.1+1.3.1",{"v":0,"d":"0.00"},{"v":0,"d":"0.00"},{"v":0,"d":"0.00"}]
["2.3","规费","2.3.1+2.3.2+2.3.3+2.3.4+2.3.5",{"v":0,"d":"0.00"},{"v":0,"d":"0.00"},{"v":0,"d":"0.00"}]
["2.3.1","工程排污费","1+2.1+2.2",{"v":0,"d":"0.00"},{"v":0,"d":"0.00"},{"v":0,"d":"0.00"}]
["2.3.2","职工教育经费和工会经费","1.1",{"v":0,"d":"0.00"},{"v":0,"d":"0.00"},{"v":0,"d":"0.00"}]
["2.3.3","住房公积金","1.1",{"v":0,"d":"0.00"},{"v":0,"d":"0.00"},{"v":0,"d":"0.00"}]
["2.3.4","安全生产责任险","1+2.1+2.2",{"v":0,"d":"0.00"},{"v":0,"d":"0.00"},{"v":0,"d":"0.00"}]
["2.3.5","社会保险费","1+2.1+2.2",{"v":0,"d":"0.00"},{"v":0,"d":"0.00"},{"v":0,"d":"0.00"}]
["3","建安造价","1+2",{"v":0,"d":"0.00"},35887.32,{"v":0,"d":"0.00"}]
["4","销项税额","3项*税率",{"v":0,"d":"0.00"},{"v":0,"d":"0.00"},{"v":0,"d":"0.00"}]
["5","附加税费","(3+4)项*费率",{"v":0,"d":"0.00"},{"v":0,"d":"0.00"},{"v":0,"d":"0.00"}]
["合计","","3+4+5","",35887.32,{"v":0,"d":"0.00"}]
["","","","",{"v":0,"d":"0.00"},{"v":0,"d":"0.00"}]
["","","投标人:","",{"v":0,"d":"0.00"},{"v":0,"d":"0.00"}]
["","","法定代表人或委托代理人:","",{"v":0,"d":"0.00"},{"v":0,"d":"0.00"}]
["","","注册造价工程师:","","(签字并盖造价工程师执业专业章)",""]
["","","编制时间:","","2020-08-31",""]
["","","","","",""]
["","","","","",""]
["E.5 清单项目费用计算表(综合单价表)(招标控制价)\n(一般计税法)","","","","",""]
["工程名称:","交通设施","","标段:","","第10页、共12页"]
["清单编号:","040205004109","","单位:","m",""]
["清单名称:","中央隔离护栏（百川护栏）","数量:",{"v":141,"d":"141.00"},"综合单价:",{"v":410,"d":"410.00"}]
["序号","工程内容","计费基础说明","费率(%)","金额(元)","备注"]
["1","直接费用","1.1+1.2+1.3","",{"v":57810,"d":"57810.00"},""]
["1.1","人工费","","",{"v":0,"d":"0.00"},{"v":0,"d":"0.00"}]
["1.1.1","其中:取费人工费","","",{"v":0,"d":"0.00"},{"v":0,"d":"0.00"}]
["1.2","材料费","","",{"v":57810,"d":"57810.00"},{"v":0,"d":"0.00"}]
["1.3","机械费","","",{"v":0,"d":"0.00"},{"v":0,"d":"0.00"}]
["1.3.1","其中:取费机械费","","",{"v":0,"d":"0.00"},{"v":0,"d":"0.00"}]
["2","费用和利润","2.1+2.2+2.3",{"v":0,"d":"0.00"},{"v":0,"d":"0.00"},{"v":0,"d":"0.00"}]
["2.1","管理费","1.1.1或1.1.1+1.3.1",{"v":0,"d":"0.00"},{"v":0,"d":"0.00"},{"v":0,"d":"0.00"}]
["2.2","利润","1.1.1或1.1.1+1.3.1",{"v":0,"d":"0.00"},{"v":0,"d":"0.00"},{"v":0,"d":"0.00"}]
["2.3","规费","2.3.1+2.3.2+2.3.3+2.3.4+2.3.5",{"v":0,"d":"0.00"},{"v":0,"d":"0.00"},{"v":0,"d":"0.00"}]
["2.3.1","工程排污费","1+2.1+2.2",{"v":0,"d":"0.00"},{"v":0,"d":"0.00"},{"v":0,"d":"0.00"}]
["2.3.2","职工教育经费和工会经费","1.1",{"v":0,"d":"0.00"},{"v":0,"d":"0.00"},{"v":0,"d":"0.00"}]
["2.3.3","住房公积金","1.1",{"v":0,"d":"0.00"},{"v":0,"d":"0.00"},{"v":0,"d":"0.00"}]
["2.3.4","安全生产责任险","1+2.1+2.2",{"v":0,"d":"0.00"},{"v":0,"d":"0.00"},{"v":0,"d":"0.00"}]
["2.3.5","社会保险费","1+2.1+2.2",{"v":0,"d":"0.00"},{"v":0,"d":"0.00"},{"v":0,"d":"0.00"}]
["3","建安造价","1+2",{"v":0,"d":"0.00"},{"v":57810,"d":"57810.00"},{"v":0,"d":"0.00"}]
["4","销项税额","3项*税率",{"v":0,"d":"0.00"},{"v":0,"d":"0.00"},{"v":0,"d":"0.00"}]
["5","附加税费","(3+4)项*费率",{"v":0,"d":"0.00"},{"v":0,"d":"0.00"},{"v":0,"d":"0.00"}]
["合计","","3+4+5","",{"v":57810,"d":"57810.00"},{"v":0,"d":"0.00"}]
["","","","",{"v":0,"d":"0.00"},{"v":0,"d":"0.00"}]
["","","投标人:","",{"v":0,"d":"0.00"},{"v":0,"d":"0.00"}]
["","","法定代表人或委托代理人:","",{"v":0,"d":"0.00"},{"v":0,"d":"0.00"}]
["","","注册造价工程师:","","(签字并盖造价工程师执业专业章)",""]
["","","编制时间:","","2020-08-31",""]
["","","","","",""]
["","","","","",""]
["E.5 清单项目费用计算表(综合单价表)(招标控制价)\n(一般计税法)","","","","",""]
["工程名称:","交通设施","","标段:","","第11页、共12页"]
["清单编号:","040205004112","","单位:","项",""]
["清单名称:","拆除人行道","数量:",{"v":1,"d":"1.00"},"综合单价:",309.95]
["序号","工程内容","计费基础说明","费率(%)","金额(元)","备注"]
["1","直接费用","1.1+1.2+1.3","",201.03,""]
["1.1","人工费","","",201.03,{"v":0,"d":"0.00"}]
["1.1.1","其中:取费人工费","","",109.65,{"v":0,"d":"0.00"}]
["1.2","材料费","","",{"v":0,"d":"0.00"},{"v":0,"d":"0.00"}]
["1.3","机械费","","",{"v":0,"d":"0.00"},{"v":0,"d":"0.00"}]
["1.3.1","其中:取费机械费","","",{"v":0,"d":"0.00"},{"v":0,"d":"0.00"}]
["2","费用和利润","2.1+2.2+2.3",{"v":0,"d":"0.00"},{"v":77.2,"d":"77.20"},{"v":0,"d":"0.00"}]
["2.1","管理费","1.1.1或1.1.1+1.3.1",21.59,23.67,{"v":0,"d":"0.00"}]
["2.2","利润","1.1.1或1.1.1+1.3.1",23.54,25.81,{"v":0,"d":"0.00"}]
["2.3","规费","2.3.1+2.3.2+2.3.3+2.3.4+2.3.5",{"v":0,"d":"0.00"},27.72,{"v":0,"d":"0.00"}]
["2.3.1","工程排污费","1+2.1+2.2",{"v":0.4,"d":"0.40"},{"v":1,"d":"1.00"},{"v":0,"d":"0.00"}]
["2.3.2","职工教育经费和工会经费","1.1",{"v":3.5,"d":"3.50"},7.04,{"v":0,"d":"0.00"}]
["2.3.3","住房公积金","1.1",{"v":6,"d":"6.00"},12.06,{"v":0,"d":"0.00"}]
["2.3.4","安全生产责任险","1+2.1+2.2",{"v":0.2,"d":"0.20"},{"v":0.5,"d":"0.50"},{"v":0,"d":"0.00"}]
["2.3.5","社会保险费","1+2.1+2.2",2.84,7.11,{"v":0,"d":"0.00"}]
["3","建安造价","1+2",{"v":0,"d":"0.00"},278.23,{"v":0,"d":"0.00"}]
["4","销项税额","3项*税率",{"v":11,"d":"11.00"},30.61,{"v":0,"d":"0.00"}]
["5","附加税费","(3+4)项*费率",0.36,1.11,{"v":0,"d":"0.00"}]
["合计","","3+4+5","",309.95,{"v":0,"d":"0.00"}]
["","","","",{"v":0,"d":"0.00"},{"v":0,"d":"0.00"}]
["","","投标人:","",{"v":0,"d":"0.00"},{"v":0,"d":"0.00"}]
["","","法定代表人或委托代理人:","",{"v":0,"d":"0.00"},{"v":0,"d":"0.00"}]
["","","注册造价工程师:","","(签字并盖造价工程师执业专业章)",""]
["","","编制时间:","","2020-08-31",""]
["","","","","",""]
["","","","","",""]
["E.5 清单项目费用计算表(综合单价表)(招标控制价)\n(一般计税法)","","","","",""]
["工程名称:","交通设施","","标段:","","第12页、共12页"]
["清单编号:","040205004111","","单位:","m2",""]
["清单名称:","恢复人行道","数量:",3.15,"综合单价:",281.47]
["序号","工程内容","计费基础说明","费率(%)","金额(元)","备注"]
["1","直接费用","1.1+1.2+1.3","",686.09,""]
["1.1","人工费","","",196.26,{"v":0,"d":"0.00"}]
["1.1.1","其中:取费人工费","","",107.05,{"v":0,"d":"0.00"}]
["1.2","材料费","","",444.07,{"v":0,"d":"0.00"}]
["1.3","机械费","","",45.76,{"v":0,"d":"0.00"}]
["1.3.1","其中:取费机械费","","",37.71,{"v":0,"d":"0.00"}]
["2","费用和利润","2.1+2.2+2.3",{"v":0,"d":"0.00"},109.82,{"v":0,"d":"0.00"}]
["2.1","管理费","1.1.1或1.1.1+1.3.1",21.59,31.25,{"v":0,"d":"0.00"}]
["2.2","利润","1.1.1或1.1.1+1.3.1",23.54,34.08,{"v":0,"d":"0.00"}]
["2.3","规费","2.3.1+2.3.2+2.3.3+2.3.4+2.3.5",{"v":0,"d":"0.00"},44.49,{"v":0,"d":"0.00"}]
["2.3.1","工程排污费","1+2.1+2.2",{"v":0.4,"d":"0.40"},3.01,{"v":0,"d":"0.00"}]
["2.3.2","职工教育经费和工会经费","1.1",{"v":3.5,"d":"3.50"},6.87,{"v":0,"d":"0.00"}]
["2.3.3","住房公积金","1.1",{"v":6,"d":"6.00"},11.78,{"v":0,"d":"0.00"}]
["2.3.4","安全生产责任险","1+2.1+2.2",{"v":0.2,"d":"0.20"},{"v":1.5,"d":"1.50"},{"v":0,"d":"0.00"}]
["2.3.5","社会保险费","1+2.1+2.2",2.84,21.34,{"v":0,"d":"0.00"}]
["3","建安造价","1+2",{"v":0,"d":"0.00"},{"v":795.9,"d":"795.90"},{"v":0,"d":"0.00"}]
["4","销项税额","3项*税率",{"v":11,"d":"11.00"},87.55,{"v":0,"d":"0.00"}]
["5","附加税费","(3+4)项*费率",0.36,3.18,{"v":0,"d":"0.00"}]
["合计","","3+4+5","",886.63,{"v":0,"d":"0.00"}]
["","","","",{"v":0,"d":"0.00"},{"v":0,"d":"0.00"}]
["","","投标人:","",{"v":0,"d":"0.00"},{"v":0,"d":"0.00"}]
["","","法定代表人或委托代理人:","",{"v":0,"d":"0.00"},{"v":0,"d":"0.00"}]
["","","注册造价工程师:","","(签字并盖造价工程师执业专业章)",""]
["","","编制时间:","","2020-08-31",""]
["","","","","",""]

{"sheet":"E.7 总价措施项目清单计费表(160号YT)","index":8,"n_rows":16,"n_cols":8,"rows_kept":16,"merged":[[1,0,1,7],[2,0,2,5],[2,6,2,7],[3,3,3,4],[4,3,4,4],[5,3,5,4],[6,0,6,5],[8,0,8,1],[8,3,8,4],[9,0,9,7],[11,4,11,5],[11,6,11,7],[12,4,12,5],[12,6,12,7],[13,4,13,5],[13,6,13,7],[14,4,14,5],[14,6,14,7]],"flags":["formulas_cached_only"]}
["","","","","","","",""]
["E.7 总价措施项目清单计费表","","","","","","",""]
["工程名称:交通设施        标段:","","","","","","第1页  共1页",""]
["序号","项目编码","项目名称","计算基础","","费  率(%)","金  额(元)","备注"]
["1","041109001001","安全文明施工费","","",10.83,27.55,""]
["2","041109004001","冬雨季施工增加费","","",0.16,{"v":1.6,"d":"1.60"},""]
[{"v":0,"d":"0.00"},{"v":0,"d":"0.00"},{"v":0,"d":"0.00"},{"v":0,"d":"0.00"},{"v":0,"d":"0.00"},{"v":0,"d":"0.00"},29.15,""]
["","","","","","","",""]
["编制人(造价人员):","","","复核人(造价工程师):","","","",""]
["注:按施工方案计算的措施费,若无“计算基础”和“费率”的数值,也可只填“金额”数值,但应在备注栏说明施工方案的出处或计算方法.","","","","","","",""]
["","","","","","","",""]
["","","","",{"v":0,"d":"0.00"},{"v":0,"d":"0.00"},"(盖章)",""]
["","","","",{"v":0,"d":"0.00"},{"v":0,"d":"0.00"},"(签章或盖章)",""]
["","","","",{"v":0,"d":"0.00"},{"v":0,"d":"0.00"},"(签字并盖造价工程师执业专业章)",""]
["","","","",{"v":0,"d":"0.00"},{"v":0,"d":"0.00"},"2020-08-31",""]
["","","","",{"v":0,"d":"0.00"},{"v":0,"d":"0.00"},"",""]

{"sheet":"E.7 总价措施项目清单计费表(安装专用)(160号YT)","index":9,"n_rows":16,"n_cols":8,"rows_kept":16,"merged":[[1,0,1,7],[2,0,2,5],[2,6,2,7],[3,3,3,4],[4,3,4,4],[5,3,5,4],[6,0,6,5],[8,0,8,1],[8,3,8,4],[9,0,9,7],[11,4,11,5],[11,6,11,7],[12,4,12,5],[12,6,12,7],[13,4,13,5],[13,6,13,7],[14,4,14,5],[14,6,14,7]],"flags":["formulas_cached_only"]}
["","","","","","","",""]
["E.7 总价措施项目清单计费表","","","","","","",""]
["工程名称:交通设施        标段:","","","","","","第1页  共1页",""]
["序号","项目编码","项目名称","计算基础","","费  率(%)","金  额(元)","备注"]
["1","","安全文明施工费","","",10.83,27.55,""]
["2","","冬雨季施工增加费","","",0.16,{"v":1.6,"d":"1.60"},""]
["合计","","","","","","29.15",""]
["","","","","","","",""]
["编制人(造价人员):","","","复核人(造价工程师):","","","",""]
["注:按施工方案计算的措施费,若无“计算基础”和“费率”的数值,也可只填“金额”数值,但应在备注栏说明施工方案的出处或计算方法.","","","","","","",""]
["","","","",{"v":0,"d":"0.00"},{"v":0,"d":"0.00"},"",""]
["","","","",{"v":0,"d":"0.00"},{"v":0,"d":"0.00"},"(盖章)",""]
["","","","",{"v":0,"d":"0.00"},{"v":0,"d":"0.00"},"(签章或盖章)",""]
["","","","",{"v":0,"d":"0.00"},{"v":0,"d":"0.00"},"(签字并盖造价工程师执业专业章)",""]
["","","","",{"v":0,"d":"0.00"},{"v":0,"d":"0.00"},"2020-08-31",""]
["","","","","","","",""]

{"sheet":"J.2 人工、主要材料(工程设备)、机械用量汇总与单价表(16","index":10,"n_rows":67,"n_cols":10,"rows_kept":67,"merged":[[1,0,1,9],[2,0,2,6],[2,8,2,9],[3,0,4,0],[3,1,4,1],[3,2,4,2],[3,3,4,3],[3,4,4,4],[3,5,4,5],[3,6,3,7],[3,8,4,8],[3,9,4,9],[25,1,25,2],[26,1,26,2],[27,0,27,5],[28,0,28,4],[29,0,29,7],[30,0,30,9],[31,0,31,6],[32,8,32,9],[33,5,33,7],[33,8,33,9],[34,6,34,7],[34,8,34,9],[35,8,35,9],[37,5,37,6],[37,7,37,9],[38,4,38,6],[38,7,38,9],[39,4,39,6],[39,7,39,9],[40,4,40,6],[40,7,40,9],[43,0,43,9],[44,0,44,6],[44,8,44,9],[45,0,46,0],[45,1,46,1],[45,2,46,2],[45,3,46,3],[45,4,46,4],[45,5,46,5],[45,6,45,7],[45,8,46,8],[45,9,46,9],[49,1,49,2],[50,1,50,2],[51,1,51,2],[52,0,52,5],[53,0,53,4],[54,0,54,7],[55,0,55,9],[56,0,56,6],[57,8,57,9],[58,5,58,7],[58,8,58,9],[59,6,59,7],[59,8,59,9],[60,8,60,9],[62,5,62,6],[62,7,62,9],[63,4,63,6],[63,7,63,9],[64,4,64,6],[64,7,64,9],[65,4,65,6],[65,7,65,9]],"flags":["formulas_cached_only"]}
["","","","","","","","","",""]
["J.2 人工、主要材料(工程设备)、机械用量汇总与单价表\n(一般计税法)","","","","","","","","",""]
["工程名称:交通设施       标段:  长沙2022年6月","","","","","","","","第1页、共2页",""]
["序号","编码","名称(材料、机械规格型号)","单位","数量","基期价(元)","市场价(元)","","合价(元)","备注"]
["","","","","","","含税","除税","",""]
["1","00005","综合人工(市政)","工日",3.612,{"v":70,"d":"70.00"},{"v":110,"d":"110.00"},{"v":110,"d":"110.00"},397.29,{"v":0,"d":"0.00"}]
["2","040130","砂子 中砂","m3",0.003,103.99,217.79,209.81,0.69,{"v":0,"d":"0.00"}]
["3","040141","水泥 42.5级","t",0.18,436.28,538.77,460.76,97.25,{"v":0,"d":"0.00"}]
["4","040166","碎石 60mm","m3",0.617,108.73,{"v":192.8,"d":"192.80"},185.74,118.91,{"v":0,"d":"0.00"}]
["5","040179","天然中砂","m3",0.098,115.54,217.79,209.81,21.27,{"v":0,"d":"0.00"}]
["6","070016~3","5cm透水烧结砖","m2",2.835,{"v":34,"d":"34.00"},38.69,33.09,109.69,{"v":0,"d":"0.00"}]
["7","290139","石灰岩碎石(10-20cm)","m3",0.53,{"v":115,"d":"115.00"},139.99,119.72,74.17,{"v":0,"d":"0.00"}]
["8","290140","专用粘结剂","kg",3.368,{"v":22,"d":"22.00"},{"v":22,"d":"22.00"},18.81,{"v":74.1,"d":"74.10"},{"v":0,"d":"0.00"}]
["9","410649","水","m3",0.261,4.38,4.53,{"v":4.4,"d":"4.40"},1.18,{"v":0,"d":"0.00"}]
["10","BC000032","补充材料32","m2",{"v":362,"d":"362.00"},{"v":48,"d":"48.00"},{"v":48,"d":"48.00"},{"v":48,"d":"48.00"},{"v":17376,"d":"17376.00"},{"v":0,"d":"0.00"}]
["11","BC000033","补充材料33","m2",29.02,{"v":150,"d":"150.00"},{"v":150,"d":"150.00"},{"v":150,"d":"150.00"},{"v":4353,"d":"4353.00"},{"v":0,"d":"0.00"}]
["12","BC000039","补充材料39","",{"v":65,"d":"65.00"},{"v":190,"d":"190.00"},{"v":190,"d":"190.00"},{"v":190,"d":"190.00"},{"v":12350,"d":"12350.00"},{"v":0,"d":"0.00"}]
["13","BC000042","补充材料42","m2",{"v":84,"d":"84.00"},127.23,127.23,127.23,10687.32,{"v":0,"d":"0.00"}]
["14","BC000043","补充材料43","m2",{"v":84,"d":"84.00"},{"v":300,"d":"300.00"},{"v":300,"d":"300.00"},{"v":300,"d":"300.00"},{"v":25200,"d":"25200.00"},{"v":0,"d":"0.00"}]
["15","BC000044","补充材料44","m",{"v":141,"d":"141.00"},{"v":410,"d":"410.00"},{"v":410,"d":"410.00"},{"v":410,"d":"410.00"},{"v":57810,"d":"57810.00"},{"v":0,"d":"0.00"}]
["16","J1-140","内燃机平板夯 4.5kw ","台班",0.039,76.74,76.74,{"v":72.9,"d":"72.90"},2.97,{"v":0,"d":"0.00"}]
["17","J1-26","轮胎式装载机 斗容量0.5m3 中 ","台班",0.027,558.45,667.21,633.85,18.07,{"v":0,"d":"0.00"}]
["18","J1-53","光轮压路机(内燃) 工作质量8t 大 ","台班",0.001,{"v":360.7,"d":"360.70"},429.83,395.44,0.45,{"v":0,"d":"0.00"}]
["19","J1-55","光轮压路机(内燃) 工作质量15t 大 ","台班",0.006,609.54,712.76,655.74,4.06,{"v":0,"d":"0.00"}]
["20","J4-30","机动翻斗车 装载质量1t 小 ","台班",0.052,156.03,{"v":204.9,"d":"204.90"},194.66,10.71,{"v":0,"d":"0.00"}]
["","本  页  小  计","","","",{"v":0,"d":"0.00"},{"v":0,"d":"0.00"},{"v":0,"d":"0.00"},128707.14,{"v":0,"d":"0.00"}]
["","","","","","",{"v":0,"d":"0.00"},{"v":0,"d":"0.00"},{"v":0,"d":"0.00"},""]
["注:1. 招标控制价、投标报价、竣工结算通用表","","","","","","","","",""]
["   2.单位工程、单项工程、建设项目通用表","","","","","","","","",""]
["   3.采用一般计税法时,市场价含税、除税栏均需填写,采用简易计税法时,市场价填写含税栏.","","","","","","","","",""]
["   4.本表合价栏按市场含税价填报;合价等于市场价(含税)*数量.","","","","","","","","",""]
["   5.发包人提供材料和工程设备及承包人提供材料和工程设备均按含税单价填报.","","","","","","","","",""]
["","","","","","","","投标人:","(盖章)",""]
["","","","","","法定代表人或委托代理人:","","","(签章或盖章)",""]
["","","","","","","注册造价工程师:","","(签字并盖造价工程师执业专业章)",""]
["","","","",{"v":0,"d":"0.00"},{"v":0,"d":"0.00"},"","编制时间:","2020-08-31",""]
["","","","",{"v":0,"d":"0.00"},{"v":0,"d":"0.00"},"","","",""]
["","","","",{"v":0,"d":"0.00"},{"v":0,"d":"0.00"},"","(盖章)","",""]
["","","","",{"v":0,"d":"0.00"},{"v":0,"d":"0.00"},"","(签章或盖章)","",""]
["","","","",{"v":0,"d":"0.00"},{"v":0,"d":"0.00"},"","(签字并盖造价工程师执业专业章)","",""]
["","","","",{"v":0,"d":"0.00"},{"v":0,"d":"0.00"},"","2020-08-31","",""]
["","","","",{"v":0,"d":"0.00"},{"v":0,"d":"0.00"},"","","",""]
["","","","","","","","","",""]
["J.2 人工、主要材料(工程设备)、机械用量汇总与单价表\n(一般计税法)","","","","","","","","",""]
["工程名称:交通设施       标段:  长沙2022年6月","","","","","","","","第2页、共2页",""]
["序号","编码","名称(材料、机械规格型号)","单位","数量","基期价(元)","市场价(元)","","合价(元)","备注"]
["","","","","","","含税","除税","",""]
["21","J6-13","双卧轴式混凝土搅拌机 出料容量500L 中 ","台班",0.039,260.04,274.65,260.92,10.64,{"v":0,"d":"0.00"}]
["22","J6-16","灰浆搅拌机 拌筒容量200L 小 ","台班",0.011,92.19,130.26,123.75,{"v":1.4,"d":"1.40"},{"v":0,"d":"0.00"}]
["","","","","",{"v":0,"d":"0.00"},{"v":0,"d":"0.00"},{"v":0,"d":"0.00"},{"v":0,"d":"0.00"},{"v":0,"d":"0.00"}]
["","本  页  小  计","","","",{"v":0,"d":"0.00"},{"v":0,"d":"0.00"},{"v":0,"d":"0.00"},12.04,{"v":0,"d":"0.00"}]
["","合计","","","","",{"v":0,"d":"0.00"},{"v":0,"d":"0.00"},128719.17,""]
["注:1. 招标控制价、投标报价、竣工结算通用表","","","","","","","","",""]
["   2.单位工程、单项工程、建设项目通用表","","","","","","","","",""]
["   3.采用一般计税法时,市场价含税、除税栏均需填写,采用简易计税法时,市场价填写含税栏.","","","","","","","","",""]
["   4.本表合价栏按市场含税价填报;合价等于市场价(含税)*数量.","","","","","","","","",""]
["   5.发包人提供材料和工程设备及承包人提供材料和工程设备均按含税单价填报.","","","","","","","","",""]
["","","","","","","","投标人:","(盖章)",""]
["","","","","","法定代表人或委托代理人:","","","(签章或盖章)",""]
["","","","","","","注册造价工程师:","","(签字并盖造价工程师执业专业章)",""]
["","","","",{"v":0,"d":"0.00"},{"v":0,"d":"0.00"},"","编制时间:","2020-08-31",""]
["","","","",{"v":0,"d":"0.00"},{"v":0,"d":"0.00"},"","","",""]
["","","","",{"v":0,"d":"0.00"},{"v":0,"d":"0.00"},"","(盖章)","",""]
["","","","",{"v":0,"d":"0.00"},{"v":0,"d":"0.00"},"","(签章或盖章)","",""]
["","","","",{"v":0,"d":"0.00"},{"v":0,"d":"0.00"},"","(签字并盖造价工程师执业专业章)","",""]
["","","","",{"v":0,"d":"0.00"},{"v":0,"d":"0.00"},"","2020-08-31","",""]
["","","","",{"v":0,"d":"0.00"},{"v":0,"d":"0.00"},"","","",""]